All the passerine birds - Statistics

General Stats
  • This quiz has been taken 7 times
  • The average score is 145 of 6386
Answer Stats
English name Scientific name % Correct
American Robin Turdus migratorius
100%
Barn Swallow Hirundo rustica
100%
Blue Jay Cyanocitta cristata
100%
Common Redpoll Acanthis flammea
100%
Eurasian Blackbird Turdus merula
100%
Eurasian Jay Garrulus glandarius
100%
Eurasian Magpie Pica pica
100%
Eurasian Tree Sparrow Passer montanus
100%
European Robin Erithacus rubecula
100%
Fish Crow Corvus ossifragus
100%
Great Tit Parus major
100%
House Sparrow Passer domesticus
100%
Redwing Turdus iliacus
100%
Song Thrush Turdus philomelos
100%
American Crow Corvus brachyrhynchos
67%
American Goldfinch Spinus tristis
67%
Australian Magpie Gymnorhina tibicen
67%
Baltimore Oriole Icterus galbula
67%
Black-billed Magpie Pica hudsonia
67%
Black-capped Chickadee Poecile atricapillus
67%
Black Redstart Phoenicurus ochruros
67%
Blue Grosbeak Passerina caerulea
67%
Boat-tailed Grackle Quiscalus major
67%
Bohemian Waxwing Bombycilla garrulus
67%
Carib Grackle Quiscalus lugubris
67%
Carrion Crow Corvus corone
67%
Cedar Waxwing Bombycilla cedrorum
67%
Chihuahuan Raven Corvus cryptoleucus
67%
Coal Tit Periparus ater
67%
Common Grackle Quiscalus quiscula
67%
Common Hill Myna Gracula religiosa
67%
Common Raven Corvus corax
67%
Common Redstart Phoenicurus phoenicurus
67%
Eastern Bluebird Sialia sialis
67%
Eastern Kingbird Tyrannus tyrannus
67%
Eastern Meadowlark Sturnella magna
67%
Eurasian Golden Oriole Oriolus oriolus
67%
Eurasian Jackdaw Corvus monedula
67%
Eurasian Linnet Linaria cannabina
67%
Eurasian Siskin Spinus spinus
67%
Eurasian Skylark Alauda arvensis
67%
European Goldfinch Carduelis carduelis
67%
European Greenfinch Chloris chloris
67%
European Starling Sturnus vulgaris
67%
Evening Grosbeak Coccothraustes vespertinus
67%
Fieldfare Turdus pilaris
67%
Green Jay Cyanocorax yncas
67%
Hawfinch Coccothraustes coccothraustes
67%
Hooded Crow Corvus cornix
67%
Indigo Bunting Passerina cyanea
67%
Japanese Waxwing Bombycilla japonica
67%
Lesser Goldfinch Spinus psaltria
67%
Long-tailed Tit Aegithalos caudatus
67%
Meadow Pipit Anthus pratensis
67%
Mistle Thrush Turdus viscivorus
67%
Mountain Bluebird Sialia currucoides
67%
Mountain Chickadee Poecile gambeli
67%
Northern Cardinal Cardinalis cardinalis
67%
Parrot Crossbill Loxia pytyopsittacus
67%
Philadelphia Vireo Vireo philadelphicus
67%
Pyrrhuloxia Cardinalis sinuatus
67%
Red-breasted Nuthatch Sitta canadensis
67%
Red Crossbill Loxia curvirostra
67%
Red-winged Blackbird Agelaius phoeniceus
67%
Rock Pipit Anthus petrosus
67%
Rook Corvus frugilegus
67%
Scissor-tailed Flycatcher Tyrannus forficatus
67%
Scottish Crossbill Loxia scotica
67%
Song Sparrow Melospiza melodia
67%
Steller's Jay Cyanocitta stelleri
67%
Tree Pipit Anthus trivialis
67%
Twite Linaria flavirostris
67%
Western Bluebird Sialia mexicana
67%
Western Kingbird Tyrannus verticalis
67%
Western Meadowlark Sturnella neglecta
67%
Whinchat Saxicola rubetra
67%
White-breasted Nuthatch Sitta carolinensis
67%
White-crowned Sparrow Zonotrichia leucophrys
67%
Willow Tit Poecile montanus
67%
Willow Warbler Phylloscopus trochilus
67%
Wood Thrush Hylocichla mustelina
67%
Yellowhead Mohoua ochrocephala
67%
Yellow-headed Blackbird Xanthocephalus xanthocephalus
67%
Abert's Towhee Melozone aberti
33%
Acadian Flycatcher Empidonax virescens
33%
African Blue Tit Cyanistes teneriffae
33%
African Paradise-Flycatcher Terpsiphone viridis
33%
American Dipper Cinclus mexicanus
33%
American Pipit Anthus rubescens
33%
American Redstart Setophaga ruticilla
33%
American Tree Sparrow Spizelloides arborea
33%
Apostlebird Struthidea cinerea
33%
Australasian Pipit Anthus novaeseelandiae
33%
Australian Raven Corvus coronoides
33%
Azores Bullfinch Pyrrhula murina
33%
Bachman's Sparrow Peucaea aestivalis
33%
Bali Myna Leucopsar rothschildi
33%
Bank Swallow Riparia riparia
33%
Bell's Vireo Vireo bellii
33%
Bewick's Wren Thryomanes bewickii
33%
Black-and-white Warbler Mniotilta varia
33%
Black-capped Donacobius Donacobius atricapilla
33%
Black-chinned Sparrow Spizella atrogularis
33%
Black Currawong Strepera fuliginosa
33%
Black-headed Grosbeak Pheucticus melanocephalus
33%
Black Phoebe Sayornis nigricans
33%
Blackthroat Calliope obscura
33%
Black-throated Blue Warbler Setophaga caerulescens
33%
Black-throated Green Warbler Setophaga virens
33%
Black-throated Sparrow Amphispiza bilineata
33%
Blue-black Grassquit Volatinia jacarina
33%
Bluethroat Luscinia svecica
33%
Bobolink Dolichonyx oryzivorus
33%
Boreal Chickadee Poecile hudsonicus
33%
Bornean Bristlehead Pityriasis gymnocephala
33%
Brambling Fringilla montifringilla
33%
Brewer's Blackbird Euphagus cyanocephalus
33%
Brewer's Sparrow Spizella breweri
33%
Bronze Mannikin Spermestes cucullata
33%
Brown Dipper Cinclus pallasii
33%
Brown-headed Cowbird Molothrus ater
33%
Brown-headed Nuthatch Sitta pusilla
33%
Brown Jay Psilorhinus morio
33%
Brown-necked Raven Corvus ruficollis
33%
Bullock's Oriole Icterus bullockii
33%
Bushtit Psaltriparus minimus
33%
Cactus Wren Campylorhynchus brunneicapillus
33%
California Scrub-Jay Aphelocoma californica
33%
Canada Warbler Cardellina canadensis
33%
Canyon Towhee Melozone fusca
33%
Canyon Wren Catherpes mexicanus
33%
Cape Crow Corvus capensis
33%
Cape Rockjumper Chaetops frenatus
33%
Carolina Chickadee Poecile carolinensis
33%
Carolina Wren Thryothorus ludovicianus
33%
Cassia Crossbill Loxia sinesciuris
33%
Cerulean Warbler Setophaga cerulea
33%
Cetti's Warbler Cettia cetti
33%
Chestnut-sided Warbler Setophaga pensylvanica
33%
Chinese Hwamei Garrulax canorus
33%
Clark's Nutcracker Nucifraga columbiana
33%
Clay-colored Sparrow Spizella pallida
33%
Clay-colored Thrush Turdus grayi
33%
Cliff Swallow Petrochelidon pyrrhonota
33%
Common Chaffinch Fringilla coelebs
33%
Common Chiffchaff Phylloscopus collybita
33%
Common Grasshopper-Warbler Locustella naevia
33%
Common Myna Acridotheres tristis
33%
Common Yellowthroat Geothlypis trichas
33%
Connecticut Warbler Oporornis agilis
33%
Corn Bunting Emberiza calandra
33%
Corsican Nuthatch Sitta whiteheadi
33%
Crested Oropendola Psarocolius decumanus
33%
Crested Tit Lophophanes cristatus
33%
Dark-eyed Junco Junco hyemalis
33%
Dartford Warbler Sylvia undata
33%
Dickcissel Spiza americana
33%
Dunnock Prunella modularis
33%
Dusky Flycatcher Empidonax oberholseri
33%
Eastern Phoebe Sayornis phoebe
33%
Eastern Towhee Pipilo erythrophthalmus
33%
Eastern Wood-Pewee Contopus virens
33%
Eastern Yellow Wagtail Motacilla tschutschensis
33%
Eurasian Blue Tit Cyanistes caeruleus
33%
Eurasian Bullfinch Pyrrhula pyrrhula
33%
Eurasian Nutcracker Nucifraga caryocatactes
33%
Eurasian Nuthatch Sitta europaea
33%
Eurasian Reed Warbler Acrocephalus scirpaceus
33%
Eurasian Wren Troglodytes troglodytes
33%
European Pied Flycatcher Ficedula hypoleuca
33%
European Serin Serinus serinus
33%
European Stonechat Saxicola rubicola
33%
Fawn-breasted Bowerbird Chlamydera cerviniventris
33%
Fiji Parrotfinch Erythrura pealii
33%
Florida Scrub-Jay Aphelocoma coerulescens
33%
Fork-tailed Flycatcher Tyrannus savana
33%
Fox Sparrow Passerella iliaca
33%
Garden Warbler Sylvia borin
33%
Goldcrest Regulus regulus
33%
Golden-crowned Kinglet Regulus satrapa
33%
Golden-crowned Sparrow Zonotrichia atricapilla
33%
Gouldian Finch Erythrura gouldiae
33%
Grass-green Tanager Chlorornis riefferii
33%
Gray Catbird Dumetella carolinensis
33%
Gray-cheeked Thrush Catharus minimus
33%
Gray Crow Corvus tristis
33%
Gray-necked Rockfowl Picathartes oreas
33%
Gray Wagtail Motacilla cinerea
33%
Great Bowerbird Chlamydera nuchalis
33%
Greater Whitethroat Sylvia communis
33%
Great Gray Shrike Lanius excubitor
33%
Great Kiskadee Pitangus sulphuratus
33%
Great-tailed Grackle Quiscalus mexicanus
33%
Green Catbird Ailuroedus crassirostris
33%
Green Oropendola Psarocolius viridis
33%
Groundscraper Thrush Psophocichla litsitsirupa
33%
Harris's Sparrow Zonotrichia querula
33%
Hawaiian Crow Corvus hawaiiensis
33%
Hermit Thrush Catharus guttatus
33%
Hermit Warbler Setophaga occidentalis
33%
Hoary Redpoll Acanthis hornemanni
33%
Hooded Oriole Icterus cucullatus
33%
Horned Lark Eremophila alpestris
33%
House Finch Haemorhous mexicanus
33%
House Wren Troglodytes aedon
33%
Indian White-eye Zosterops palpebrosus
33%
Iranian Ground-Jay Podoces pleskei
33%
Island Scrub-Jay Aphelocoma insularis
33%
Italian Sparrow Passer italiae
33%
Japanese Grosbeak Eophona personata
33%
Java Sparrow Lonchura oryzivora
33%
Kentucky Warbler Geothlypis formosa
33%
Lark Bunting Calamospiza melanocorys
33%
Lawrence's Goldfinch Spinus lawrencei
33%
Least Flycatcher Empidonax minimus
33%
Lesser Bird-of-Paradise Paradisaea minor
33%
Lesser Redpoll Acanthis cabaret
33%
Lesser Whitethroat Sylvia curruca
33%
Lincoln's Sparrow Melospiza lincolnii
33%
Loggerhead Shrike Lanius ludovicianus
33%
Lucy's Warbler Leiothlypis luciae
33%
MacGillivray's Warbler Geothlypis tolmiei
33%
Magpie Shrike Corvinella melanoleuca
33%
Marsh Tit Poecile palustris
33%
Marsh Wren Cistothorus palustris
33%
Metallic Starling Aplonis metallica
33%
Mexican Chickadee Poecile sclateri
33%
Mexican Jay Aphelocoma wollweberi
33%
Montezuma Oropendola Psarocolius montezuma
33%
Nias Myna Gracula robusta
33%
Noisy Miner Manorina melanocephala
33%
Northern Mockingbird Mimus polyglottos
33%
Northern Parula Setophaga americana
33%
Northern Rough-winged Swallow Stelgidopteryx serripennis
33%
Northern Shrike Lanius borealis
33%
Northern Wheatear Oenanthe oenanthe
33%
Olive Oropendola Psarocolius bifasciatus
33%
Olive Thrush Turdus olivaceus
33%
Pacific-slope Flycatcher Empidonax difficilis
33%
Pacific Swallow Hirundo tahitica
33%
Pacific Wren Troglodytes pacificus
33%
Painted Bunting Passerina ciris
33%
Palm Warbler Setophaga palmarum
33%
Paradise Tanager Tangara chilensis
33%
Phainopepla Phainopepla nitens
33%
Pied Crow Corvus albus
33%
Pied Currawong Strepera graculina
33%
Pine Grosbeak Pinicola enucleator
33%
Pine Siskin Spinus pinus
33%
Pine Warbler Setophaga pinus
33%
Pinyon Jay Gymnorhinus cyanocephalus
33%
Purple-crowned Fairywren Malurus coronatus
33%
Purple Martin Progne subis
33%
Pygmy Nuthatch Sitta pygmaea
33%
Raggiana Bird-of-Paradise Paradisaea raggiana
33%
Rainbow Pitta Pitta iris
33%
Red-backed Fairywren Malurus melanocephalus
33%
Red-backed Shrike Lanius collurio
33%
Red-billed Chough Pyrrhocorax pyrrhocorax
33%
Red-billed Oxpecker Buphagus erythrorynchus
33%
Red-billed Quelea Quelea quelea
33%
Red Bird-of-Paradise Paradisaea rubra
33%
Red-capped Cardinal Paroaria gularis
33%
Red-crested Cardinal Paroaria coronata
33%
Red-eyed Vireo Vireo olivaceus
33%
Redthroat Pyrrholaemus brunneus
33%
Reed Bunting Emberiza schoeniclus
33%
Regent Bowerbird Sericulus chrysocephalus
33%
Ring Ouzel Turdus torquatus
33%
Rock Wren Salpinctes obsoletus
33%
Rose-breasted Grosbeak Pheucticus ludovicianus
33%
Ruby-crowned Kinglet Regulus calendula
33%
Rufous Hornero Furnarius rufus
33%
Rüppell's Weaver Ploceus galbula
33%
Rusty Blackbird Euphagus carolinus
33%
Saffron Finch Sicalis flaveola
33%
Satin Bowerbird Ptilonorhynchus violaceus
33%
Scarlet Tanager Piranga olivacea
33%
Scott's Oriole Icterus parisorum
33%
Siberian Jay Perisoreus infaustus
33%
Snow Bunting Plectrophenax nivalis
33%
Southern Rough-winged Swallow Stelgidopteryx ruficollis
33%
Spanish Sparrow Passer hispaniolensis
33%
Spotted Catbird Ailuroedus maculosus
33%
Spotted Flycatcher Muscicapa striata
33%
Spotted Towhee Pipilo maculatus
33%
Summer Tanager Piranga rubra
33%
Superb Fairywren Malurus cyaneus
33%
Superb Lyrebird Menura novaehollandiae
33%
Swainson's Thrush Catharus ustulatus
33%
Swainson's Warbler Limnothlypis swainsonii
33%
Swamp Sparrow Melospiza georgiana
33%
Taveta Golden-Weaver Ploceus castaneiceps
33%
Tennessee Warbler Leiothlypis peregrina
33%
Thick-billed Raven Corvus crassirostris
33%
Tiger Shrike Lanius tigrinus
33%
Torresian Crow Corvus orru
33%
Townsend's Warbler Setophaga townsendi
33%
Tree Swallow Tachycineta bicolor
33%
Tricolored Blackbird Agelaius tricolor
33%
Tropical Kingbird Tyrannus melancholicus
33%
Varied Thrush Ixoreus naevius
33%
Variegated Fairywren Malurus lamberti
33%
Veery Catharus fuscescens
33%
Venezuelan Troupial Icterus icterus
33%
Vesper Sparrow Pooecetes gramineus
33%
Victoria's Riflebird Ptiloris victoriae
33%
Village Weaver Ploceus cucullatus
33%
Violet-green Swallow Tachycineta thalassina
33%
Virginia's Warbler Leiothlypis virginiae
33%
Wallcreeper Tichodroma muraria
33%
Welcome Swallow Hirundo neoxena
33%
Western Tanager Piranga ludoviciana
33%
Western Wood-Pewee Contopus sordidulus
33%
Western Yellow Wagtail Motacilla flava
33%
White-crested Laughingthrush Garrulax leucolophus
33%
Whitehead Mohoua albicilla
33%
White-headed Buffalo-Weaver Dinemellia dinemelli
33%
White-necked Raven Corvus albicollis
33%
White-necked Rockfowl Picathartes gymnocephalus
33%
White-throated Dipper Cinclus cinclus
33%
White-throated Sparrow Zonotrichia albicollis
33%
White Wagtail Motacilla alba
33%
White-winged Crossbill Loxia leucoptera
33%
Willie-wagtail Rhipidura leucophrys
33%
Willow Flycatcher Empidonax traillii
33%
Wilson's Warbler Cardellina pusilla
33%
Winter Wren Troglodytes hiemalis
33%
Woodhouse's Scrub-Jay Aphelocoma woodhouseii
33%
Wood Lark Lullula arborea
33%
Yellow-billed Chough Pyrrhocorax graculus
33%
Yellow-billed Magpie Pica nuttalli
33%
Yellow-billed Oxpecker Buphagus africanus
33%
Yellow-breasted Chat Icteria virens
33%
Yellow-eyed Junco Junco phaeonotus
33%
Yellow-rumped Warbler Setophaga coronata
33%
Yellow Warbler Setophaga petechia
33%
Abbott's Babbler Turdinus abbotti
0%
Abbott's Starling Poeoptera femoralis
0%
Abd al Kuri Sparrow Passer hemileucus
0%
Aberdare Cisticola Cisticola aberdare
0%
Aberrant Bush Warbler Horornis flavolivaceus
0%
Abyssinian Catbird Parophasma galinieri
0%
Abyssinian Crimsonwing Cryptospiza salvadorii
0%
Abyssinian Ground-Thrush Geokichla piaggiae
0%
Abyssinian Longclaw Macronyx flavicollis
0%
Abyssinian Slaty-Flycatcher Melaenornis chocolatinus
0%
Abyssinian Thrush Turdus abyssinicus
0%
Abyssinian Wheatear Oenanthe lugubris
0%
Abyssinian White-eye Zosterops abyssinicus
0%
Aceh Bulbul Pycnonotus snouckaerti
0%
Acre Antshrike Thamnophilus divisorius
0%
Acre Tody-Tyrant Hemitriccus cohnhafti
0%
Adelaide's Warbler Setophaga adelaidae
0%
Afghan Babbler Turdoides huttoni
0%
Afghan Snowfinch Montifringilla theresae
0%
African Bare-eyed Thrush Turdus tephronotus
0%
African Black-headed Oriole Oriolus larvatus
0%
African Blue Flycatcher Elminia longicauda
0%
African Broadbill Smithornis capensis
0%
African Citril Crithagra citrinelloides
0%
African Crested-Flycatcher Trochocercus cyanomelas
0%
African Desert Warbler Sylvia deserti
0%
African Dusky Flycatcher Muscicapa adusta
0%
African Firefinch Lagonosticta rubricata
0%
African Forest-Flycatcher Fraseria ocreata
0%
African Golden Oriole Oriolus auratus
0%
African Golden-Weaver Ploceus subaureus
0%
African Gray Flycatcher Bradornis microrhynchus
0%
African Hill Babbler Sylvia abyssinica
0%
African Penduline-Tit Anthoscopus caroli
0%
African Pied Starling Lamprotornis bicolor
0%
African Pied Wagtail Motacilla aguimp
0%
African Pipit Anthus cinnamomeus
0%
African Pitta Pitta angolensis
0%
African Reed Warbler Acrocephalus baeticatus
0%
African River Martin Pseudochelidon eurystomina
0%
African Shrike-flycatcher Megabyas flammulatus
0%
African Silverbill Euodice cantans
0%
African Spotted Creeper Salpornis salvadori
0%
African Stonechat Saxicola torquatus
0%
African Tailorbird Artisornis metopias
0%
African Thrush Turdus pelios
0%
African Yellow-Warbler Iduna natalensis
0%
African Yellow White-eye Zosterops senegalensis
0%
Agile Tit-Tyrant Uromyias agilis
0%
Aguiguan Reed Warbler Acrocephalus nijoi
0%
Agulhas Lark Certhilauda brevirostris
0%
Akekee Loxops caeruleirostris
0%
Akiapolaau Hemignathus wilsoni
0%
Akikiki Oreomystis bairdi
0%
Akohekohe Palmeria dolei
0%
Alagoas Antwren Myrmotherula snowi
0%
Alagoas Foliage-gleaner Philydor novaesi
0%
Alagoas Tyrannulet Phylloscartes ceciliae
0%
Ala Shan Redstart Phoenicurus alaschanicus
0%
Albertine Boubou Laniarius holomelas
0%
Albert's Lyrebird Menura alberti
0%
Aldabra Brush-Warbler Nesillas aldabrana
0%
Aldabra Drongo Dicrurus aldabranus
0%
Aldabra Fody Foudia aldabrana
0%
Aldabra White-eye Zosterops aldabrensis
0%
Alder Flycatcher Empidonax alnorum
0%
Algerian Nuthatch Sitta ledanti
0%
Allpahuayo Antbird Percnostola arenarum
0%
Alpine Accentor Prunella collaris
0%
Alpine Leaf Warbler Phylloscopus occisinensis
0%
Alpine Munia Lonchura monticola
0%
Alpine Pipit Anthus gutturalis
0%
Alpine Thrush Zoothera mollissima
0%
Alström's Warbler Phylloscopus soror
0%
Alta Floresta Antpitta Hylopezus whittakeri
0%
Altai Accentor Prunella himalayana
0%
Altamira Oriole Icterus gularis
0%
Altamira Yellowthroat Geothlypis flavovelata
0%
Amami Thrush Zoothera major
0%
Amani Sunbird Hedydipna pallidigaster
0%
Amaui Myadestes woahensis
0%
Amazonian Antpitta Hylopezus berlepschi
0%
Amazonian Antshrike Thamnophilus amazonicus
0%
Amazonian Barred-Woodcreeper Dendrocolaptes certhia
0%
Amazonian Black-Tyrant Knipolegus poecilocercus
0%
Amazonian Grosbeak Cyanoloxia rothschildii
0%
Amazonian Scrub-Flycatcher Sublegatus obscurior
0%
Amazonian Streaked-Antwren Myrmotherula multostriata
0%
Amazonian Tyrannulet Inezia subflava
0%
Amazonian Umbrellabird Cephalopterus ornatus
0%
Ambon White-eye Zosterops kuehni
0%
Amethyst Sunbird Chalcomitra amethystina
0%
Amur Paradise-Flycatcher Terpsiphone incei
0%
Anambra Waxbill Estrilda poliopareia
0%
Ancash Tapaculo Scytalopus affinis
0%
Anchieta's Sunbird Anthreptes anchietae
0%
Ancient Antwren Herpsilochmus gentryi
0%
Andaman Bulbul Brachypodius fuscoflavescens
0%
Andaman Cuckooshrike Coracina dobsoni
0%
Andaman Drongo Dicrurus andamanensis
0%
Andaman Flowerpecker Dicaeum virescens
0%
Andaman Shama Copsychus albiventris
0%
Andaman Treepie Dendrocitta bayleii
0%
Andean Cock-of-the-rock Rupicola peruvianus
0%
Andean Negrito Lessonia oreas
0%
Andean Siskin Spinus spinescens
0%
Andean Slaty Thrush Turdus nigriceps
0%
Andean Solitaire Myadestes ralloides
0%
Andean Swallow Orochelidon andecola
0%
Andean Tit-Spinetail Leptasthenura andicola
0%
Angola Batis Batis minulla
0%
Angola Cave-Chat Xenocopsychus ansorgei
0%
Angola Helmetshrike Prionops gabela
0%
Angola Lark Mirafra angolensis
0%
Angola Slaty-Flycatcher Melaenornis brunneus
0%
Angola Swallow Hirundo angolensis
0%
Angola Waxbill Coccopygia bocagei
0%
Anianiau Magumma parva
0%
Anjouan Brush-Warbler Nesillas longicaudata
0%
Anjouan Sunbird Cinnyris comorensis
0%
Anjouan White-eye Zosterops anjuanensis
0%
Ankober Serin Crithagra ankoberensis
0%
Annobon White-eye Zosterops griseovirescens
0%
Ansorge's Greenbul Eurillas ansorgei
0%
Antillean Euphonia Euphonia musica
0%
Antillean Siskin Spinus dominicensis
0%
Antioquia Bristle-Tyrant Phylloscartes lanyoni
0%
Antioquia Brushfinch Atlapetes blancae
0%
Antioquia Wren Thryophilus sernai
0%
Apapane Himatione sanguinea
0%
Apical Flycatcher Myiarchus apicalis
0%
Apolinar's Wren Cistothorus apolinari
0%
Apo Myna Goodfellowia miranda
0%
Apo Sunbird Aethopyga boltoni
0%
Appert's Tetraka Xanthomixis apperti
0%
Apricot-breasted Sunbird Cinnyris buettikoferi
0%
Apurimac Brushfinch Atlapetes forbesi
0%
Apurimac Spinetail Synallaxis courseni
0%
Aquatic Warbler Acrocephalus paludicola
0%
Arabian Babbler Turdoides squamiceps
0%
Arabian Golden Sparrow Passer euchlorus
0%
Arabian Grosbeak Rhynchostruthus percivali
0%
Arabian Warbler Sylvia leucomelaena
0%
Arabian Waxbill Estrilda rufibarba
0%
Arabian Wheatear Oenanthe lugentoides
0%
Arafura Fantail Rhipidura dryas
0%
Araripe Manakin Antilophia bokermanni
0%
Araucaria Tit-Spinetail Leptasthenura setaria
0%
Archbold's Bowerbird Archboldia papuensis
0%
Archbold's Newtonia Newtonia archboldi
0%
Archer's Robin-Chat Cossypha archeri
0%
Arctic Warbler Phylloscopus borealis
0%
Arfak Astrapia Astrapia nigra
0%
Arfak Catbird Ailuroedus arfakianus
0%
Arfak Honeyeater Melipotes gymnops
0%
Aripuana Antwren Herpsilochmus stotzi
0%
Arnot's Chat Myrmecocichla arnotti
0%
Arrowhead Warbler Setophaga pharetra
0%
Arrow-marked Babbler Turdoides jardineii
0%
Ashambu Laughingthrush Montecincla meridionalis
0%
Ash-breasted Antbird Myrmoborus lugubris
0%
Ash-breasted Sierra-Finch Geospizopsis plebejus
0%
Ash-breasted Tit-Tyrant Anairetes alpinus
0%
Ash-browed Spinetail Cranioleuca curtata
0%
Ash-colored Tapaculo Myornis senilis
0%
Ash's Lark Mirafra ashi
0%
Ash-throated Antwren Herpsilochmus parkeri
0%
Ash-throated Casiornis Casiornis fuscus
0%
Ash-throated Flycatcher Myiarchus cinerascens
0%
Ash-throated Gnateater Conopophaga peruviana
0%
Ash-winged Antwren Euchrepomis spodioptila
0%
Ashy Antwren Myrmotherula grisea
0%
Ashy-bellied White-eye Zosterops citrinella
0%
Ashy-breasted Flycatcher Muscicapa randi
0%
Ashy Bulbul Hemixos flavala
0%
Ashy Cisticola Cisticola cinereolus
0%
Ashy-crowned Sparrow-Lark Eremopterix griseus
0%
Ashy Drongo Dicrurus leucophaeus
0%
Ashy Flowerpecker Dicaeum vulneratum
0%
Ashy Flycatcher Fraseria caerulescens
0%
Ashy-fronted Bulbul Pycnonotus cinereifrons
0%
Ashy-headed Babbler Pellorneum cinereiceps
0%
Ashy-headed Greenlet Hylophilus pectoralis
0%
Ashy-headed Laughingthrush Garrulax cinereifrons
0%
Ashy-headed Tyrannulet Phyllomyias cinereiceps
0%
Ashy Minivet Pericrocotus divaricatus
0%
Ashy Myzomela Myzomela cineracea
0%
Ashy Prinia Prinia socialis
0%
Ashy Robin Heteromyias albispecularis
0%
Ashy Starling Lamprotornis unicolor
0%
Ashy Tailorbird Orthotomus ruficeps
0%
Ashy-throated Chlorospingus Chlorospingus canigularis
0%
Ashy-throated Parrotbill Sinosuthora alphonsiana
0%
Ashy-throated Warbler Phylloscopus maculipennis
0%
Ashy Thrush Geokichla cinerea
0%
Ashy Tit Melaniparus cinerascens
0%
Ashy Woodswallow Artamus fuscus
0%
Asian Brown Flycatcher Muscicapa dauurica
0%
Asian Desert Warbler Sylvia nana
0%
Asian Fairy-bluebird Irena puella
0%
Asian Glossy Starling Aplonis panayensis
0%
Asian Golden Weaver Ploceus hypoxanthus
0%
Asian House-Martin Delichon dasypus
0%
Asian Pied Starling Gracupica contra
0%
Asian Rosy-Finch Leucosticte arctoa
0%
Asian Short-toed Lark Alaudala cheleensis
0%
Asian Stubtail Urosphena squameiceps
0%
Asir Magpie Pica asirensis
0%
Assam Laughingthrush Trochalopteron chrysopterum
0%
Atherton Scrubwren Sericornis keri
0%
Atlas Flycatcher Ficedula speculigera
0%
Atoll Starling Aplonis feadensis
0%
Audubon's Oriole Icterus graduacauda
0%
Australasian Bushlark Mirafra javanica
0%
Australasian Figbird Sphecotheres vieilloti
0%
Austral Blackbird Curaeus curaeus
0%
Austral Canastero Asthenes anthoides
0%
Australian Logrunner Orthonyx temminckii
0%
Australian Reed Warbler Acrocephalus australis
0%
Australian Yellow White-eye Zosterops luteus
0%
Austral Negrito Lessonia rufa
0%
Austral Thrush Turdus falcklandii
0%
Ayacucho Thistletail Asthenes ayacuchensis
0%
Ayeyarwady Bulbul Pycnonotus blanfordi
0%
Azara's Spinetail Synallaxis azarae
0%
Aztec Thrush Ridgwayia pinicola
0%
Azure-breasted Pitta Pitta steerii
0%
Azure-crested Flycatcher Myiagra azureocapilla
0%
Azure-hooded Jay Cyanolyca cucullata
0%
Azure Jay Cyanocorax caeruleus
0%
Azure-naped Jay Cyanocorax heilprini
0%
Azure-rumped Tanager Poecilostreptus cabanisi
0%
Azure-shouldered Tanager Thraupis cyanoptera
0%
Azure Tit Cyanistes cyanus
0%
Azure-winged Magpie Cyanopica cyanus
0%
Babbling Starling Neocichla gutturalis
0%
Bachman's Warbler Vermivora bachmanii
0%
Baglafecht Weaver Ploceus baglafecht
0%
Bagobo Robin Leonardina woodi
0%
Bahama Mockingbird Mimus gundlachii
0%
Bahama Oriole Icterus northropi
0%
Bahama Swallow Tachycineta cyaneoviridis
0%
Bahama Warbler Setophaga flavescens
0%
Bahama Yellowthroat Geothlypis rostrata
0%
Bahia Antwren Herpsilochmus pileatus
0%
Bahia Spinetail Synallaxis cinerea
0%
Bahia Tapaculo Eleoscytalopus psychopompus
0%
Bahia Tyrannulet Phylloscartes beckeri
0%
Baikal Bush Warbler Locustella davidi
0%
Baird's Flycatcher Myiodynastes bairdii
0%
Baird's Junco Junco bairdi
0%
Baird's Sparrow Centronyx bairdii
0%
Baka Indigobird Vidua larvaticola
0%
Balearic Warbler Sylvia balearica
0%
Balicassiao Dicrurus balicassius
0%
Baliem Whistler Pachycephala balim
0%
Ballman's Malimbe Malimbus ballmanni
0%
Bamboo Antshrike Cymbilaimus sanctaemariae
0%
Bamboo Warbler Bradypterus alfredi
0%
Bamenda Apalis Apalis bamendae
0%
Bananal Antbird Cercomacra ferdinandi
0%
Bananaquit Coereba flaveola
0%
Banasura Laughingthrush Montecincla jerdoni
0%
Banda Myzomela Myzomela boiei
0%
Band-backed Wren Campylorhynchus zonatus
0%
Banded Antbird Dichrozona cincta
0%
Banded Broadbill Eurylaimus javanicus
0%
Banded Cotinga Cotinga maculata
0%
Banded Honeyeater Cissomela pectoralis
0%
Banded Martin Riparia cincta
0%
Banded Parisoma Sylvia boehmi
0%
Banded Prinia Prinia bairdii
0%
Banded Sunbird Anthreptes rubritorques
0%
Banded Wattle-eye Platysteira laticincta
0%
Banded White-eye Zosterops vellalavella
0%
Banded Whiteface Aphelocephala nigricincta
0%
Banded Wren Thryophilus pleurostictus
0%
Band-tailed Antbird Hypocnemoides maculicauda
0%
Band-tailed Antshrike Thamnophilus melanothorax
0%
Band-tailed Antwren Myrmotherula urosticta
0%
Band-tailed Cacique Cacicus latirostris
0%
Band-tailed Earthcreeper Ochetorhynchus phoenicurus
0%
Band-tailed Fruiteater Pipreola intermedia
0%
Band-tailed Manakin Pipra fasciicauda
0%
Band-tailed Seedeater Catamenia analis
0%
Band-tailed Sierra-Finch Porphyrospiza alaudina
0%
Banggai Crow Corvus unicolor
0%
Banggai Jungle-Flycatcher Cyornis pelingensis
0%
Bangwa Warbler Bradypterus bangwaensis
0%
Bank Myna Acridotheres ginginianus
0%
Bannerman's Sunbird Cyanomitra bannermani
0%
Bannerman's Weaver Ploceus bannermani
0%
Barbados Bullfinch Loxigilla barbadensis
0%
Bar-bellied Cuckooshrike Coracina striata
0%
Bar-bellied Pitta Hydrornis elliotii
0%
Bar-bellied Woodcreeper Hylexetastes stresemanni
0%
Bar-breasted Firefinch Lagonosticta rufopicta
0%
Bar-breasted Honeyeater Ramsayornis fasciatus
0%
Barbuda Warbler Setophaga subita
0%
Bar-crested Antshrike Thamnophilus multistriatus
0%
Bare-cheeked Babbler Turdoides gymnogenys
0%
Bare-crowned Antbird Gymnocichla nudiceps
0%
Bare-eyed Antbird Rhegmatorhina gymnops
0%
Bare-eyed Myna Streptocitta albertinae
0%
Bare-eyed White-eye Woodfordia superciliosa
0%
Bare-faced Bulbul Nok hualon
0%
Bare-headed Laughingthrush Garrulax calvus
0%
Bare-necked Fruitcrow Gymnoderus foetidus
0%
Bare-necked Umbrellabird Cephalopterus glabricollis
0%
Bare-throated Bellbird Procnias nudicollis
0%
Bare-throated Whistler Pachycephala nudigula
0%
Barlow's Lark Calendulauda barlowi
0%
Barratt's Warbler Bradypterus barratti
0%
Barred Antshrike Thamnophilus doliatus
0%
Barred Antthrush Chamaeza mollissima
0%
Barred Becard Pachyramphus versicolor
0%
Barred Cuckooshrike Coracina lineata
0%
Barred Fruiteater Pipreola arcuata
0%
Barred Honeyeater Gliciphila undulata
0%
Barred Laughingthrush Ianthocincla lunulata
0%
Barred Warbler Sylvia nisoria
0%
Barred Wren-Warbler Calamonastes fasciolatus
0%
Bar-tailed Lark Ammomanes cinctura
0%
Bar-tailed Treecreeper Certhia himalayana
0%
Bar-throated Apalis Apalis thoracica
0%
Bar-winged Flycatcher-shrike Hemipus picatus
0%
Bar-winged Oriole Icterus maculialatus
0%
Bar-winged Prinia Prinia familiaris
0%
Bar-winged Weaver Ploceus angolensis
0%
Bar-winged Wood-Wren Henicorhina leucoptera
0%
Bar-winged Wren-Babbler Spelaeornis troglodytoides
0%
Basra Reed Warbler Acrocephalus griseldis
0%
Bassian Thrush Zoothera lunulata
0%
Bates's Paradise-Flycatcher Terpsiphone batesi
0%
Bates's Sunbird Cinnyris batesi
0%
Bates's Weaver Ploceus batesi
0%
Baudo Oropendola Psarocolius cassini
0%
Baumann's Greenbul Phyllastrephus baumanni
0%
Bay Antpitta Grallaria capitalis
0%
Baya Weaver Ploceus philippinus
0%
Bay-backed Shrike Lanius vittatus
0%
Bay-breasted Warbler Setophaga castanea
0%
Bay-capped Wren-Spinetail Spartonoica maluroides
0%
Bay-chested Warbling-Finch Castanozoster thoracicus
0%
Bay-crowned Brushfinch Atlapetes seebohmi
0%
Bay-headed Tanager Tangara gyrola
0%
Bay-ringed Tyrannulet Phylloscartes sylviolus
0%
Bay-vented Cotinga Doliornis sclateri
0%
Bay Wren Cantorchilus nigricapillus
0%
Bearded Bellbird Procnias averano
0%
Bearded Reedling Panurus biarmicus
0%
Bearded Scrub-Robin Cercotrichas quadrivirgata
0%
Bearded Tachuri Polystictus pectoralis
0%
Beautiful Firetail Stagonopleura bella
0%
Beautiful Jay Cyanolyca pulchra
0%
Beautiful Nuthatch Sitta formosa
0%
Beautiful Sibia Heterophasia pulchella
0%
Beautiful Sunbird Cinnyris pulchellus
0%
Beautiful Treerunner Margarornis bellulus
0%
Bedford's Paradise-Flycatcher Terpsiphone bedfordi
0%
Beesley's Lark Chersomanes beesleyi
0%
Beijing Babbler Rhopophilus pekinensis
0%
Belding's Yellowthroat Geothlypis beldingi
0%
Belford's Melidectes Melidectes belfordi
0%
Bell Miner Manorina melanophrys
0%
Bell's Sparrow Artemisiospiza belli
0%
Belted Flycatcher Xenotriccus callizonus
0%
Bendire's Thrasher Toxostoma bendirei
0%
Bengal Bushlark Mirafra assamica
0%
Benguela Lark Certhilauda benguelensis
0%
Benguet Bush Warbler Locustella seebohmi
0%
Berlepsch's Canastero Asthenes berlepschi
0%
Bermuda Towhee Pipilo naufragus
0%
Bernier's Vanga Oriolia bernieri
0%
Berthelot's Pipit Anthus berthelotii
0%
Bertoni's Antbird Drymophila rubricollis
0%
Bertram's Weaver Ploceus bertrandi
0%
Beryl-spangled Tanager Tangara nigroviridis
0%
Bhutan Laughingthrush Trochalopteron imbricatum
0%
Biak Flycatcher Myiagra atra
0%
Biak Gerygone Gerygone hypoxantha
0%
Biak Monarch Symposiachrus brehmii
0%
Biak Whistler Pachycephala melanorhyncha
0%
Biak White-eye Zosterops mysorensis
0%
Bianchi's Warbler Phylloscopus valentini
0%
Bicknell's Thrush Catharus bicknelli
0%
Bicol Ground-Warbler Robsonius sorsogonensis
0%
Bicolored Antbird Gymnopithys bicolor
0%
Bicolored Antpitta Grallaria rufocinerea
0%
Bicolored Antvireo Dysithamnus occidentalis
0%
Bicolored Conebill Conirostrum bicolor
0%
Bicolored Flowerpecker Dicaeum bicolor
0%
Bicolored Mouse-Warbler Crateroscelis nigrorufa
0%
Bicolored Wren Campylorhynchus griseus
0%
Biet's Laughingthrush Ianthocincla bieti
0%
Bimaculated Lark Melanocorypha bimaculata
0%
Bioko Batis Batis poensis
0%
Bioko Speirops Zosterops brunneus
0%
Bishop's Oo Moho bishopi
0%
Bismarck Black Myzomela Myzomela pammelaena
0%
Bismarck Crow Corvus insularis
0%
Bismarck Fantail Rhipidura dahli
0%
Bismarck Honeyeater Vosea whitemanensis
0%
Bismarck Munia Lonchura melaena
0%
Bismarck Thicketbird Cincloramphus grosvenori
0%
Bismarck Whistler Pachycephala citreogaster
0%
Bismarck Woodswallow Artamus insignis
0%
Black-and-chestnut Warbling-Finch Poospiza whitii
0%
Black-and-cinnamon Fantail Rhipidura nigrocinnamomea
0%
Black-and-crimson Oriole Oriolus cruentus
0%
Black-and-gold Cotinga Tijuca atra
0%
Black-and-gold Tanager Bangsia melanochlamys
0%
Black-and-orange Flycatcher Ficedula nigrorufa
0%
Black-and-red Broadbill Cymbirhynchus macrorhynchos
0%
Black-and-rufous Swallow Hirundo nigrorufa
0%
Black-and-rufous Warbling-Finch Poospiza nigrorufa
0%
Black-and-tawny Seedeater Sporophila nigrorufa
0%
Black-and-white Antbird Myrmochanes hemileucus
0%
Black-and-white Becard Pachyramphus albogriseus
0%
Black-and-white Bulbul Brachypodius melanoleucos
0%
Black-and-white Mannikin Spermestes bicolor
0%
Black-and-white Monarch Symposiachrus barbatus
0%
Black-and-white Monjita Xolmis dominicanus
0%
Black-and-white Seedeater Sporophila luctuosa
0%
Black-and-white Shrike-flycatcher Bias musicus
0%
Black-and-white Tanager Conothraupis speculigera
0%
Black-and-white Tody-Flycatcher Poecilotriccus capitalis
0%
Black-and-white Triller Lalage melanoleuca
0%
Black-and-yellow Broadbill Eurylaimus ochromalus
0%
Black-and-yellow Grosbeak Mycerobas icterioides
0%
Black-and-yellow Silky-flycatcher Phainoptila melanoxantha
0%
Black-and-yellow Tanager Chrysothlypis chrysomelas
0%
Black Antbird Cercomacroides serva
0%
Black Antshrike Thamnophilus nigriceps
0%
Black-backed Antshrike Thamnophilus melanonotus
0%
Black-backed Bush Tanager Urothraupis stolzmanni
0%
Black-backed Butcherbird Cracticus mentalis
0%
Black-backed Cisticola Cisticola eximius
0%
Black-backed Forktail Enicurus immaculatus
0%
Black-backed Grosbeak Pheucticus aureoventris
0%
Black-backed Oriole Icterus abeillei
0%
Black-backed Puffback Dryoscopus cubla
0%
Black-backed Sibia Heterophasia melanoleuca
0%
Black-backed Tanager Stilpnia peruviana
0%
Black-backed Tody-Flycatcher Poecilotriccus pulchellus
0%
Black-backed Water-Tyrant Fluvicola albiventer
0%
Black-banded Flycatcher Ficedula timorensis
0%
Black-banded Woodcreeper Dendrocolaptes picumnus
0%
Black-bellied Antwren Formicivora melanogaster
0%
Black-bellied Cicadabird Edolisoma montanum
0%
Black-bellied Firefinch Lagonosticta rara
0%
Black-bellied Gnateater Conopophaga melanogaster
0%
Black-bellied Myzomela Myzomela erythromelas
0%
Black-bellied Seedcracker Pyrenestes ostrinus
0%
Black-bellied Seedeater Sporophila melanogaster
0%
Black-bellied Starling Notopholia corusca
0%
Black-bellied Sunbird Cinnyris nectarinioides
0%
Black-bellied Tanager Ramphocelus melanogaster
0%
Black-bellied Wren Pheugopedius fasciatoventris
0%
Black-belted Flowerpecker Dicaeum haematostictum
0%
Black Berrypecker Melanocharis nigra
0%
Black-bibbed Cuckooshrike Edolisoma mindanense
0%
Black-bibbed Monarch Symposiachrus mundus
0%
Black-bibbed Tit Poecile hypermelaenus
0%
Black-billed Flycatcher Aphanotriccus audax
0%
Black-billed Nightingale-Thrush Catharus gracilirostris
0%
Black-billed Peppershrike Cyclarhis nigrirostris
0%
Black-billed Scythebill Campylorhamphus falcularius
0%
Black-billed Seed-Finch Sporophila atrirostris
0%
Black-billed Shrike-Tyrant Agriornis montanus
0%
Black-billed Sicklebill Drepanornis albertisi
0%
Black-billed Thrush Turdus ignobilis
0%
Black-billed Treehunter Thripadectes melanorhynchus
0%
Black-billed Weaver Ploceus melanogaster
0%
Black Bishop Euplectes gierowii
0%
Black-breasted Boatbill Machaerirhynchus nigripectus
0%
Black-breasted Munia Lonchura teerinki
0%
Black-breasted Myzomela Myzomela vulnerata
0%
Black-breasted Parrotbill Paradoxornis flavirostris
0%
Black-breasted Thrush Turdus dissimilis
0%
Black-breasted Weaver Ploceus benghalensis
0%
Black-browed Babbler Turdinus perspicillatus
0%
Black-browed Fulvetta Alcippe grotei
0%
Black-browed Mountain Greenbul Arizelocichla fusciceps
0%
Black-browed Reed Warbler Acrocephalus bistrigiceps
0%
Black-browed Tit Aegithalos iouschistos
0%
Black-browed Triller Lalage atrovirens
0%
Black Bulbul Hypsipetes leucocephalus
0%
Blackburnian Warbler Setophaga fusca
0%
Black Bushbird Neoctantes niger
0%
Black Butcherbird Cracticus quoyi
0%
Blackcap Babbler Turdoides reinwardtii
0%
Blackcap Illadopsis Illadopsis cleaveri
0%
Black-capped Antwren Herpsilochmus atricapillus
0%
Black-capped Apalis Apalis nigriceps
0%
Black-capped Babbler Pellorneum capistratum
0%
Black-capped Becard Pachyramphus marginatus
0%
Black-capped Bulbul Rubigula melanicterus
0%
Black-capped Catbird Ailuroedus melanocephalus
0%
Black-capped Flycatcher Empidonax atriceps
0%
Black-capped Foliage-gleaner Philydor atricapillus
0%
Black-capped Gnatcatcher Polioptila nigriceps
0%
Black-capped Hemispingus Kleinothraupis atropileus
0%
Black-capped Piprites Piprites pileata
0%
Black-capped Pygmy-Tyrant Myiornis atricapillus
0%
Black-capped Rufous-Warbler Bathmocercus cerviniventris
0%
Black-capped Siskin Spinus atriceps
0%
Black-capped Social-Weaver Pseudonigrita cabanisi
0%
Black-capped Sparrow Arremon abeillei
0%
Black-capped Speirops Zosterops lugubris
0%
Black-capped Swallow Atticora pileata
0%
Black-capped Tanager Stilpnia heinei
0%
Black-capped Tyrannulet Phyllomyias nigrocapillus
0%
Black-capped Vireo Vireo atricapilla
0%
Black-capped Warbling-Finch Microspingus melanoleucus
0%
Black-capped White-eye Zosterops atricapilla
0%
Black-capped Woodland-Warbler Phylloscopus herberti
0%
Black Catbird Melanoptila glabrirostris
0%
Black-cheeked Ant-Tanager Habia atrimaxillaris
0%
Black-cheeked Gnateater Conopophaga melanops
0%
Black-cheeked Mountain-Tanager Anisognathus melanogenys
0%
Black-cheeked Warbler Basileuterus melanogenys
0%
Black-cheeked Waxbill Estrilda charmosyna
0%
Black-chested Fruiteater Pipreola lubomirskii
0%
Black-chested Honeyeater Lichmera notabilis
0%
Black-chested Jay Cyanocorax affinis
0%
Black-chested Mountain-Tanager Cnemathraupis eximia
0%
Black-chested Prinia Prinia flavicans
0%
Black-chested Sparrow Peucaea humeralis
0%
Black-chested Tyrant Taeniotriccus andrei
0%
Black-chinned Antbird Hypocnemoides melanopogon
0%
Black-chinned Babbler Cyanoderma pyrrhops
0%
Black-chinned Honeyeater Melithreptus gularis
0%
Black-chinned Monarch Symposiachrus boanensis
0%
Black-chinned Mountain-Tanager Anisognathus notabilis
0%
Black-chinned Robin Poecilodryas brachyura
0%
Black-chinned Siskin Spinus barbatus
0%
Black-chinned Weaver Ploceus nigrimentus
0%
Black-chinned Whistler Pachycephala mentalis
0%
Black-chinned Yuhina Yuhina nigrimenta
0%
Black Cicadabird Edolisoma melas
0%
Black-collared Apalis Oreolais pulcher
0%
Black-collared Bulbul Neolestes torquatus
0%
Black-collared Jay Cyanolyca armillata
0%
Black-collared Starling Gracupica nigricollis
0%
Black-collared Swallow Pygochelidon melanoleuca
0%
Black-cowled Oriole Icterus prosthemelas
0%
Black-cowled Saltator Saltator nigriceps
0%
Black-crested Antshrike Sakesphorus canadensis
0%
Black-crested Bulbul Rubigula flaviventris
0%
Black-crested Finch Lophospingus pusillus
0%
Black-crested Titmouse Baeolophus atricristatus
0%
Black-crested Tit-Tyrant Anairetes nigrocristatus
0%
Black-crested Warbler Myiothlypis nigrocristata
0%
Black-crowned Antpitta Pittasoma michleri
0%
Black-crowned Antshrike Thamnophilus atrinucha
0%
Black-crowned Babbler Sterrhoptilus nigrocapitatus
0%
Black-crowned Barwing Actinodura sodangorum
0%
Black-crowned Fulvetta Schoeniparus klossi
0%
Black-crowned Monjita Xolmis coronatus
0%
Black-crowned Palm-Tanager Phaenicophilus palmarum
0%
Black-crowned Pitta Erythropitta ussheri
0%
Black-crowned Sparrow-Lark Eremopterix nigriceps
0%
Black-crowned Tchagra Tchagra senegalus
0%
Black-crowned Tityra Tityra inquisitor
0%
Black-crowned Waxbill Estrilda nonnula
0%
Black-crowned White-eye Zosterops atrifrons
0%
Black Cuckooshrike Campephaga flava
0%
Black Drongo Dicrurus macrocercus
0%
Black-eared Catbird Ailuroedus melanotis
0%
Black-eared Ground-Thrush Geokichla camaronensis
0%
Black-eared Hemispingus Sphenopsis melanotis
0%
Black-eared Miner Manorina melanotis
0%
Black-eared Seedeater Crithagra mennelli
0%
Black-eared Shrike-Babbler Pteruthius melanotis
0%
Black-eared Sparrow-Lark Eremopterix australis
0%
Black-eared Wheatear Oenanthe hispanica
0%
Black-faced Antbird Myrmoborus myotherinus
0%
Black-faced Antthrush Formicarius analis
0%
Black-faced Apalis Apalis personata
0%
Black-faced Babbler Turdoides melanops
0%
Black-faced Brushfinch Atlapetes melanolaemus
0%
Black-faced Bunting Emberiza spodocephala
0%
Black-faced Canary Crithagra capistrata
0%
Black-faced Cotinga Conioptilon mcilhennyi
0%
Black-faced Cuckooshrike Coracina novaehollandiae
0%
Black-faced Dacnis Dacnis lineata
0%
Black-faced Firefinch Lagonosticta larvata
0%
Black-faced Grassquit Melanospiza bicolor
0%
Black-faced Grosbeak Caryothraustes poliogaster
0%
Black-faced Laughingthrush Trochalopteron affine
0%
Black-faced Monarch Monarcha melanopsis
0%
Black-faced Munia Lonchura molucca
0%
Black-faced Pitta Pitta anerythra
0%
Black-faced Rufous-Warbler Bathmocercus rufus
0%
Black-faced Solitaire Myadestes melanops
0%
Black-faced Tanager Schistochlamys melanopis
0%
Black-faced Warbler Abroscopus schisticeps
0%
Black-faced Waxbill Estrilda erythronotos
0%
Black-faced Woodswallow Artamus cinereus
0%
Black Fantail Rhipidura atra
0%
Black Flowerpiercer Diglossa humeralis
0%
Black-fronted Bulbul Pycnonotus nigricans
0%
Black-fronted Bushshrike Telophorus nigrifrons
0%
Black-fronted Flowerpecker Dicaeum igniferum
0%
Black-fronted Ground-Tyrant Muscisaxicola frontalis
0%
Black-fronted Tyrannulet Phylloscartes nigrifrons
0%
Black-fronted White-eye Zosterops minor
0%
Black-goggled Tanager Trichothraupis melanops
0%
Black Grasswren Amytornis housei
0%
Black-headed Antbird Percnostola rufifrons
0%
Black-headed Antthrush Formicarius nigricapillus
0%
Black-headed Apalis Apalis melanocephala
0%
Black-headed Berryeater Carpornis melanocephala
0%
Black-headed Brushfinch Arremon atricapillus
0%
Black-headed Bulbul Brachypodius atriceps
0%
Black-headed Bunting Emberiza melanocephala
0%
Black-headed Canary Serinus alario
0%
Black-headed Cuckooshrike Lalage melanoptera
0%
Black-headed Gonolek Laniarius erythrogaster
0%
Black-headed Greenfinch Chloris ambigua
0%
Black-headed Hemispingus Pseudospingus verticalis
0%
Black-headed Honeyeater Melithreptus affinis
0%
Black-headed Jay Garrulus lanceolatus
0%
Black-headed Mountain-Finch Leucosticte brandti
0%
Black-headed Myzomela Myzomela melanocephala
0%
Black-headed Nightingale-Thrush Catharus mexicanus
0%
Black-headed Paradise-Flycatcher Terpsiphone rufiventer
0%
Black-headed Parrotbill Psittiparus margaritae
0%
Black-headed Penduline-Tit Remiz macronyx
0%
Black-headed Saltator Saltator atriceps
0%
Black-headed Shrike-Babbler Pteruthius rufiventer
0%
Black-headed Sibia Heterophasia desgodinsi
0%
Black-headed Siskin Spinus notatus
0%
Black-headed Tanager Stilpnia cyanoptera
0%
Black-headed Tody-Flycatcher Todirostrum nigriceps
0%
Black-headed Waxbill Estrilda atricapilla
0%
Black-headed Weaver Ploceus melanocephalus
0%
Black-headed Whistler Pachycephala monacha
0%
Black-headed White-eye Zosterops hypoxanthus
0%
Black Honeyeater Sugomel nigrum
0%
Black-hooded Antshrike Thamnophilus bridgesi
0%
Black-hooded Antwren Formicivora erythronotos
0%
Black-hooded Laughingthrush Garrulax milleti
0%
Black-hooded Oriole Oriolus xanthornus
0%
Black-hooded Sierra-Finch Phrygilus atriceps
0%
Black-hooded Thrush Turdus olivater
0%
Blackish Antbird Cercomacroides nigrescens
0%
Blackish-blue Seedeater Amaurospiza moesta
0%
Blackish-breasted Babbler Stachyris humei
0%
Blackish Cinclodes Cinclodes antarcticus
0%
Blackish Cuckooshrike Analisoma coerulescens
0%
Blackish-gray Antshrike Thamnophilus nigrocinereus
0%
Blackish-headed Spinetail Synallaxis tithys
0%
Blackish Pewee Contopus nigrescens
0%
Blackish Tapaculo Scytalopus latrans
0%
Black Lark Melanocorypha yeltoniensis
0%
Black Laughingthrush Garrulax lugubris
0%
Black-legged Dacnis Dacnis nigripes
0%
Black-lored Babbler Turdoides sharpei
0%
Black-lored Cisticola Cisticola nigriloris
0%
Black-lored Waxbill Estrilda nigriloris
0%
Black Magpie Platysmurus leucopterus
0%
Black Mamo Drepanis funerea
0%
Black Manakin Xenopipo atronitens
0%
Black-masked Finch Coryphaspiza melanotis
0%
Black Munia Lonchura stygia
0%
Black-naped Monarch Hypothymis azurea
0%
Black-naped Oriole Oriolus chinensis
0%
Black-necked Eremomela Eremomela atricollis
0%
Black-necked Red-Cotinga Phoenicircus nigricollis
0%
Black-necked Wattle-eye Platysteira chalybea
0%
Black-necked Weaver Ploceus nigricollis
0%
Black-necklaced Scimitar-Babbler Megapomatorhinus erythrocnemis
0%
Black Oriole Oriolus hosii
0%
Black Oropendola Psarocolius guatimozinus
0%
Black Pitohui Melanorectes nigrescens
0%
Black-polled Yellowthroat Geothlypis speciosa
0%
Blackpoll Warbler Setophaga striata
0%
Black-ringed White-eye Zosterops anomalus
0%
Black Rosy-Finch Leucosticte atrata
0%
Black-rumped Magpie Pica bottanensis
0%
Black-rumped Waxbill Estrilda troglodytes
0%
Black Sawwing Psalidoprocne pristoptera
0%
Black Scrub-Robin Cercotrichas podobe
0%
Black Shama Copsychus cebuensis
0%
Black Sicklebill Epimachus fastosus
0%
Black-sided Flowerpecker Dicaeum monticolum
0%
Black-sided Robin Poecilodryas hypoleuca
0%
Black Siskin Spinus atratus
0%
Black Sittella Daphoenositta miranda
0%
Black Solitaire Entomodestes coracinus
0%
Black-spectacled Brushfinch Atlapetes melanopsis
0%
Black-spotted Bare-eye Phlegopsis nigromaculata
0%
Blackstart Oenanthe melanura
0%
Black-streaked Scimitar-Babbler Megapomatorhinus gravivox
0%
Black-striped Sparrow Arremonops conirostris
0%
Black-striped Woodcreeper Xiphorhynchus lachrymosus
0%
Black Sunbird Leptocoma aspasia
0%
Black-tailed Antbird Myrmoborus melanurus
0%
Black-tailed Flycatcher Myiobius atricaudus
0%
Black-tailed Gnatcatcher Polioptila melanura
0%
Black-tailed Leaftosser Sclerurus caudacutus
0%
Black-tailed Monarch Symposiachrus verticalis
0%
Black-tailed Oriole Oriolus percivali
0%
Black-tailed Tityra Tityra cayana
0%
Black-tailed Treecreeper Climacteris melanurus
0%
Black-tailed Waxbill Estrilda perreini
0%
Black-tailed Whistler Pachycephala melanura
0%
Black Thicket-Fantail Rhipidura maculipectus
0%
Black-thighed Grosbeak Pheucticus tibialis
0%
Black-throated Accentor Prunella atrogularis
0%
Black-throated Antbird Myrmophylax atrothorax
0%
Black-throated Antshrike Frederickena viridis
0%
Black-throated Apalis Apalis jacksoni
0%
Black-throated Babbler Stachyris nigricollis
0%
Black-throated Canary Crithagra atrogularis
0%
Black-throated Finch Poephila cincta
0%
Black-throated Flowerpiercer Diglossa brunneiventris
0%
Black-throated Gray Warbler Setophaga nigrescens
0%
Black-throated Grosbeak Saltator fuliginosus
0%
Black-throated Honeyeater Caligavis subfrenata
0%
Black-throated Huet-huet Pteroptochos tarnii
0%
Black-throated Jay Cyanolyca pumilo
0%
Black-throated Laughingthrush Ianthocincla chinensis
0%
Black-throated Magpie-Jay Calocitta colliei
0%
Black-throated Malimbe Malimbus cassini
0%
Black-throated Munia Lonchura kelaarti
0%
Black-throated Parrotbill Suthora nipalensis
0%
Black-throated Prinia Prinia atrogularis
0%
Black-throated Robin Poecilodryas albonotata
0%
Black-throated Saltator Saltatricula atricollis
0%
Black-throated Shrikebill Clytorhynchus nigrogularis
0%
Black-throated Shrike-Tanager Lanio aurantius
0%
Black-throated Spinetail Synallaxis castanea
0%
Black-throated Sunbird Aethopyga saturata
0%
Black-throated Thistletail Asthenes harterti
0%
Black-throated Thrush Turdus atrogularis
0%
Black-throated Tit Aegithalos concinnus
0%
Black-throated Tody-Tyrant Hemitriccus granadensis
0%
Black-throated Wattle-eye Platysteira peltata
0%
Black-throated Wren Pheugopedius atrogularis
0%
Black-throated Wren-Babbler Turdinus atrigularis
0%
Black Thrush Turdus infuscatus
0%
Black-tipped Cotinga Carpodectes hopkei
0%
Black-tipped Monarch Symposiachrus loricatus
0%
Black-vented Oriole Icterus wagleri
0%
Black Wheatear Oenanthe leucura
0%
Black-whiskered Vireo Vireo altiloquus
0%
Black-winged Bishop Euplectes hordeaceus
0%
Black-winged Cuckooshrike Lalage melaschistos
0%
Black-winged Flycatcher-shrike Hemipus hirundinaceus
0%
Black-winged Monarch Monarcha frater
0%
Black-winged Oriole Oriolus nigripennis
0%
Black-winged Saltator Saltator atripennis
0%
Black-winged Snowfinch Montifringilla adamsi
0%
Black-winged Starling Acridotheres melanopterus
0%
Blanford's Lark Calandrella blanfordi
0%
Blanford's Rosefinch Agraphospiza rubescens
0%
Blanford's Snowfinch Montifringilla blanfordi
0%
Blood-breasted Flowerpecker Dicaeum sanguinolentum
0%
Blue-and-black Tanager Tangara vassorii
0%
Blue-and-gold Tanager Bangsia arcaei
0%
Blue-and-white Flycatcher Cyanoptila cyanomelana
0%
Blue-and-white Mockingbird Melanotis hypoleucus
0%
Blue-and-white Swallow Pygochelidon cyanoleuca
0%
Blue-and-yellow Tanager Pipraeidea bonariensis
0%
Blue-backed Conebill Conirostrum sitticolor
0%
Blue-backed Manakin Chiroxiphia pareola
0%
Blue-backed Tanager Cyanicterus cyanicterus
0%
Blue-banded Pitta Erythropitta arquata
0%
Blue-billed Black-Tyrant Knipolegus cyanirostris
0%
Blue-billed Malimbe Malimbus nitens
0%
Blue Bird-of-Paradise Paradisaea rudolphi
0%
Blue-black Grosbeak Cyanoloxia cyanoides
0%
Blue-breasted Fairywren Malurus pulcherrimus
0%
Blue-breasted Flycatcher Cyornis herioti
0%
Blue-breasted Pitta Erythropitta erythrogaster
0%
Blue-browed Tanager Tangara cyanotis
0%
Blue Bunting Cyanocompsa parellina
0%
Blue-capped Cordonbleu Uraeginthus cyanocephalus
0%
Blue-capped Ifrita Ifrita kowaldi
0%
Blue-capped Redstart Phoenicurus coeruleocephala
0%
Blue-capped Rock-Thrush Monticola cinclorhyncha
0%
Blue-capped Tanager Thraupis cyanocephala
0%
Blue Cotinga Cotinga nattererii
0%
Blue-crowned Chlorophonia Chlorophonia occipitalis
0%
Blue-crowned Laughingthrush Ianthocincla courtoisi
0%
Blue-crowned Manakin Lepidothrix coronata
0%
Blue Cuckooshrike Cyanograucalus azureus
0%
Blue Dacnis Dacnis cayana
0%
Blue-faced Honeyeater Entomyzon cyanotis
0%
Blue-faced Parrotfinch Erythrura trichroa
0%
Blue Finch Porphyrospiza caerulescens
0%
Blue-fronted Flycatcher Cyornis hoevelli
0%
Blue-fronted Redstart Phoenicurus frontalis
0%
Blue-fronted Robin Cinclidium frontale
0%
Blue-gray Gnatcatcher Polioptila caerulea
0%
Blue-gray Robin Peneothello cyanus
0%
Blue-gray Tanager Thraupis episcopus
0%
Blue-headed Crested-Flycatcher Trochocercus nitens
0%
Blue-headed Fantail Rhipidura cyaniceps
0%
Blue-headed Pitta Hydrornis baudii
0%
Blue-headed Sunbird Cyanomitra alinae
0%
Blue-headed Vireo Vireo solitarius
0%
Blue Jewel-babbler Ptilorrhoa caerulescens
0%
Blue-lored Antbird Hafferia immaculata
0%
Blue-masked Leafbird Chloropsis venusta
0%
Blue Mockingbird Melanotis caerulescens
0%
Blue Mountain Vireo Vireo osburni
0%
Blue-naped Chlorophonia Chlorophonia cyanea
0%
Blue-naped Pitta Hydrornis nipalensis
0%
Blue-necked Tanager Stilpnia cyanicollis
0%
Blue Nuthatch Sitta azurea
0%
Blue Paradise-Flycatcher Terpsiphone cyanescens
0%
Blue Pitta Hydrornis cyaneus
0%
Blue Rock-Thrush Monticola solitarius
0%
Blue-rumped Manakin Lepidothrix isidorei
0%
Blue-rumped Pitta Hydrornis soror
0%
Blue Seedeater Amaurospiza concolor
0%
Blue-shouldered Robin-Chat Cossypha cyanocampter
0%
Blue-throated Brown Sunbird Cyanomitra cyanolaema
0%
Blue-throated Flycatcher Cyornis rubeculoides
0%
Blue Vanga Cyanolanius madagascarinus
0%
Blue-wattled Bulbul Pycnonotus nieuwenhuisii
0%
Blue-whiskered Tanager Tangara johannae
0%
Blue Whistling-Thrush Myophonus caeruleus
0%
Blue-winged Laughingthrush Trochalopteron squamatum
0%
Blue-winged Leafbird Chloropsis cochinchinensis
0%
Blue-winged Minla Actinodura cyanouroptera
0%
Blue-winged Mountain-Tanager Anisognathus somptuosus
0%
Blue-winged Pitta Pitta moluccensis
0%
Blue-winged Warbler Vermivora cyanoptera
0%
Bluish Flowerpiercer Diglossa caerulescens
0%
Bluish-slate Antshrike Thamnomanes schistogynus
0%
Blunt-winged Warbler Acrocephalus concinens
0%
Blyth's Leaf Warbler Phylloscopus reguloides
0%
Blyth's Paradise-Flycatcher Terpsiphone affinis
0%
Blyth's Pipit Anthus godlewskii
0%
Blyth's Reed Warbler Acrocephalus dumetorum
0%
Blyth's Rosefinch Carpodacus grandis
0%
Blyth's Shrike-Babbler Pteruthius aeralatus
0%
Boa Nova Tapaculo Scytalopus gonzagai
0%
Boat-billed Flycatcher Megarynchus pitangua
0%
Boat-billed Tody-Tyrant Hemitriccus josephinae
0%
Bob-tailed Weaver Brachycope anomala
0%
Bocage's Akalat Sheppardia bocagei
0%
Bocage's Sunbird Nectarinia bocagii
0%
Bocage's Weaver Ploceus temporalis
0%
Böhm's Flycatcher Bradornis boehmi
0%
Bohol Sunbird Aethopyga decorosa
0%
Bokmakierie Telophorus zeylonus
0%
Bold-striped Tit-Babbler Mixornis bornensis
0%
Bolivian Blackbird Oreopsar bolivianus
0%
Bolivian Brushfinch Atlapetes rufinucha
0%
Bolivian Earthcreeper Tarphonomus harterti
0%
Bolivian Recurvebill Syndactyla striata
0%
Bolivian Slaty-Antshrike Thamnophilus sticturus
0%
Bolivian Spinetail Cranioleuca henricae
0%
Bolivian Tapaculo Scytalopus bolivianus
0%
Bolivian Tyrannulet Zimmerius bolivianus
0%
Bolivian Warbling-Finch Poospiza boliviana
0%
Bonin Grosbeak Carpodacus ferreorostris
0%
Bonin Thrush Zoothera terrestris
0%
Bonin White-eye Apalopteron familiare
0%
Booted Warbler Iduna caligata
0%
Boran Cisticola Cisticola bodessa
0%
Bornean Banded-Pitta Hydrornis schwaneri
0%
Bornean Blue Flycatcher Cyornis superbus
0%
Bornean Bulbul Rubigula montis
0%
Bornean Green-Magpie Cissa jefferyi
0%
Bornean Leafbird Chloropsis kinabaluensis
0%
Bornean Spiderhunter Arachnothera everetti
0%
Bornean Stubtail Urosphena whiteheadi
0%
Bornean Treepie Dendrocitta cinerascens
0%
Bornean Whistler Pachycephala hypoxantha
0%
Bornean Whistling-Thrush Myophonus borneensis
0%
Bornean Wren-Babbler Ptilocichla leucogrammica
0%
Botha's Lark Spizocorys fringillaris
0%
Botteri's Sparrow Peucaea botterii
0%
Boucard's Wren Campylorhynchus jocosus
0%
Bougainville Crow Corvus meeki
0%
Bougainville Honeyeater Stresemannia bougainvillei
0%
Bougainville Hooded Whistler Pachycephala richardsi
0%
Bougainville Monarch Monarcha erythrostictus
0%
Bougainville Thicketbird Cincloramphus llaneae
0%
Bougainville Thrush Zoothera atrigena
0%
Boulder Chat Pinarornis plumosus
0%
Boulton's Batis Batis margaritae
0%
Bower's Shrikethrush Colluricincla boweri
0%
Boyer's Cuckooshrike Coracina boyeri
0%
Brahminy Starling Sturnia pagodarum
0%
Bran-colored Flycatcher Myiophobus fasciatus
0%
Brasilia Tapaculo Scytalopus novacapitalis
0%
Brass's Friarbird Philemon brassi
0%
Brassy-breasted Tanager Tangara desmaresti
0%
Braun's Bushshrike Laniarius brauni
0%
Brazilian Tanager Ramphocelus bresilius
0%
Brazza's Martin Phedina brazzae
0%
Bridled Honeyeater Bolemoreus frenatus
0%
Bridled Sparrow Peucaea mystacalis
0%
Bridled Titmouse Baeolophus wollweberi
0%
Bridled White-eye Zosterops conspicillatus
0%
Bright-rumped Attila Attila spadiceus
0%
Bright-rumped Yellow-Finch Sicalis uropygialis
0%
Brimstone Canary Crithagra sulphurata
0%
Bristle-crowned Starling Onychognathus salvadorii
0%
Bristled Grassbird Chaetornis striata
0%
Broad-billed Fairywren Chenorhamphus grayi
0%
Broad-billed Flycatcher Myiagra ruficollis
0%
Broad-billed Warbler Tickellia hodgsoni
0%
Broad-tailed Grassbird Schoenicola platyurus
0%
Broad-tailed Paradise-Whydah Vidua obtusa
0%
Bronzed Cowbird Molothrus aeneus
0%
Bronzed Drongo Dicrurus aeneus
0%
Bronze-green Euphonia Euphonia mesochrysa
0%
Bronze-olive Pygmy-Tyrant Pseudotriccus pelzelni
0%
Bronze Parotia Parotia berlepschi
0%
Bronze Sunbird Nectarinia kilimensis
0%
Bronze-tailed Starling Lamprotornis chalcurus
0%
Brooks's Leaf Warbler Phylloscopus subviridis
0%
Brown Accentor Prunella fulvescens
0%
Brown-and-yellow Marshbird Pseudoleistes virescens
0%
Brown Babbler Turdoides plebejus
0%
Brown-backed Chat-Tyrant Ochthoeca fumicolor
0%
Brown-backed Flowerpecker Dicaeum everetti
0%
Brown-backed Honeyeater Ramsayornis modestus
0%
Brown-backed Mockingbird Mimus dorsalis
0%
Brown-backed Scrub-Robin Cercotrichas hartlaubi
0%
Brown-backed Solitaire Myadestes occidentalis
0%
Brown-backed Whistler Pachycephala modesta
0%
Brown-banded Antpitta Grallaria milleri
0%
Brown-bellied Stipplethroat Epinecrophylla gutturalis
0%
Brown-bellied Swallow Orochelidon murina
0%
Brown-billed Scythebill Campylorhamphus pusillus
0%
Brown-breasted Bulbul Pycnonotus xanthorrhous
0%
Brown-breasted Flycatcher Muscicapa muttui
0%
Brown-breasted Gerygone Gerygone ruficollis
0%
Brown-breasted Pygmy-Tyrant Hemitriccus obsoletus
0%
Brown Bullfinch Pyrrhula nipalensis
0%
Brown Bush Warbler Locustella luteoventris
0%
Brown Cacholote Pseudoseisura lophotes
0%
Brown-capped Babbler Pellorneum fuscocapillus
0%
Brown-capped Fantail Rhipidura diluta
0%
Brown-capped Laughingthrush Trochalopteron austeni
0%
Brown-capped Redstart Myioborus brunniceps
0%
Brown-capped Rosy-Finch Leucosticte australis
0%
Brown-capped Tit-Spinetail Leptasthenura fuliginiceps
0%
Brown-capped Tyrannulet Ornithion brunneicapillus
0%
Brown-capped Vireo Vireo leucophrys
0%
Brown-capped Weaver Ploceus insignis
0%
Brown-cheeked Fulvetta Alcippe poioicephala
0%
Brown-chested Alethe Chamaetylas poliocephala
0%
Brown-chested Jungle-Flycatcher Cyornis brunneatus
0%
Brown-chested Martin Progne tapera
0%
Brown Creeper Certhia americana
0%
Brown-crested Flycatcher Myiarchus tyrannulus
0%
Brown-crowned Tchagra Tchagra australis
0%
Brown-eared Bulbul Hypsipetes amaurotis
0%
Brown Emutail Bradypterus brunneus
0%
Brown Fantail Rhipidura drownei
0%
Brown Firefinch Lagonosticta nitidula
0%
Brown-flanked Tanager Thlypopsis pectoralis
0%
Brown Fulvetta Alcippe brunneicauda
0%
Brown Gerygone Gerygone mouki
0%
Brown-headed Apalis Apalis alticola
0%
Brown-headed Crow Corvus fuscicapillus
0%
Brown-headed Greenlet Hylophilus brunneiceps
0%
Brown-headed Honeyeater Melithreptus brevirostris
0%
Brown-headed Thrush Turdus chrysolaus
0%
Brown Honeyeater Lichmera indistincta
0%
Brown Illadopsis Illadopsis fulvescens
0%
Brownish Elaenia Elaenia pelzelni
0%
Brownish-flanked Bush Warbler Horornis fortipes
0%
Brownish-headed Antbird Myrmelastes brunneiceps
0%
Brownish Twistwing Cnipodectes subbrunneus
0%
Brown Oriole Oriolus szalayi
0%
Brown Parisoma Sylvia lugens
0%
Brown Parrotbill Cholornis unicolor
0%
Brown Prinia Prinia polychroa
0%
Brown Rock Chat Oenanthe fusca
0%
Brown-rumped Bunting Emberiza affinis
0%
Brown-rumped Foliage-gleaner Automolus melanopezus
0%
Brown-rumped Minivet Pericrocotus cantonensis
0%
Brown-rumped Seedeater Crithagra tristriata
0%
Brown-rumped Tapaculo Scytalopus latebricola
0%
Brown Scrub-Robin Cercotrichas signata
0%
Brown Shrike Lanius cristatus
0%
Brown Sicklebill Epimachus meyeri
0%
Brown Songlark Cincloramphus cruralis
0%
Brown-streaked Flycatcher Muscicapa williamsoni
0%
Brown-tailed Chat Oenanthe scotocerca
0%
Brown Tanager Orchesticus abeillei
0%
Brown Thornbill Acanthiza pusilla
0%
Brown Thrasher Toxostoma rufum
0%
Brown-throated Sunbird Anthreptes malacensis
0%
Brown-throated Wattle-eye Platysteira cyanea
0%
Brown Tit-Babbler Macronus striaticeps
0%
Brown Treecreeper Climacteris picumnus
0%
Brown Trembler Cinclocerthia ruficauda
0%
Brown Twinspot Clytospiza monteiri
0%
Brown-winged Parrotbill Sinosuthora brunnea
0%
Brown-winged Schiffornis Schiffornis turdina
0%
Brown-winged Starling Aplonis grandis
0%
Brown Woodland-Warbler Phylloscopus umbrovirens
0%
Brubru Nilaus afer
0%
Bubbling Cisticola Cisticola bulliens
0%
Buff-banded Bushbird Cincloramphus bivittatus
0%
Buff-banded Tyrannulet Mecocerculus hellmayri
0%
Buff-barred Warbler Phylloscopus pulcher
0%
Buff-bellied Monarch Neolalage banksiana
0%
Buff-bellied Tanager Thlypopsis inornata
0%
Buff-bellied Warbler Phyllolais pulchella
0%
Buff-breasted Babbler Pellorneum tickelli
0%
Buff-breasted Earthcreeper Upucerthia validirostris
0%
Buff-breasted Flycatcher Empidonax fulvifrons
0%
Buff-breasted Mountain-Tanager Dubusia taeniata
0%
Buff-breasted Tody-Tyrant Hemitriccus mirandae
0%
Buff-breasted Wren Cantorchilus leucotis
0%
Buff-bridled Inca-Finch Incaspiza laeta
0%
Buff-browed Foliage-gleaner Syndactyla rufosuperciliata
0%
Buff-cheeked Greenlet Pachysylvia muscicapina
0%
Buff-cheeked Tody-Flycatcher Poecilotriccus senex
0%
Buff-chested Babbler Cyanoderma ambiguum
0%
Buff-faced Scrubwren Sericornis perspicillatus
0%
Buff-fronted Foliage-gleaner Philydor rufum
0%
Buff-rumped Thornbill Acanthiza reguloides
0%
Buff-rumped Warbler Myiothlypis fulvicauda
0%
Buff-shouldered Widowbird Euplectes psammacromius
0%
Buff-sided Robin Poecilodryas cerviniventris
0%
Buff-streaked Chat Campicoloides bifasciatus
0%
Buff-throated Apalis Apalis rufogularis
0%
Buff-throated Foliage-gleaner Automolus ochrolaemus
0%
Buff-throated Purpletuft Iodopleura pipra
0%
Buff-throated Saltator Saltator maximus
0%
Buff-throated Sunbird Chalcomitra adelberti
0%
Buff-throated Tody-Tyrant Hemitriccus rufigularis
0%
Buff-throated Warbler Phylloscopus subaffinis
0%
Buff-throated Warbling-Finch Microspingus lateralis
0%
Buff-throated Woodcreeper Xiphorhynchus guttatus
0%
Buff-vented Bulbul Iole crypta
0%
Buff-winged Cinclodes Cinclodes fuscus
0%
Buffy-fronted Seedeater Sporophila frontalis
0%
Buffy Laughingthrush Ianthocincla berthemyi
0%
Buffy Pipit Anthus vaalensis
0%
Buffy Tuftedcheek Pseudocolaptes lawrencii
0%
Bugun Liocichla Liocichla bugunorum
0%
Bull-headed Shrike Lanius bucephalus
0%
Bundok Flycatcher Ficedula luzoniensis
0%
Burchell's Starling Lamprotornis australis
0%
Burmese Bushlark Mirafra microptera
0%
Burmese Nuthatch Sitta neglecta
0%
Burmese Shrike Lanius collurioides
0%
Burmese Yuhina Yuhina humilis
0%
Burnished-buff Tanager Stilpnia cayana
0%
Burnt-neck Eremomela Eremomela usticollis
0%
Buru Cuckooshrike Coracina fortis
0%
Buru Flowerpecker Dicaeum erythrothorax
0%
Buru Friarbird Philemon moluccensis
0%
Buru Golden-Bulbul Alophoixus mystacalis
0%
Buru Honeyeater Lichmera deningeri
0%
Buru Jungle-Flycatcher Eumyias additus
0%
Buru Oriole Oriolus bouroensis
0%
Buru Thrush Geokichla dumasi
0%
Buru White-eye Zosterops buruensis
0%
Bush Blackcap Sylvia nigricapillus
0%
Bush Pipit Anthus caffer
0%
Bush Wren Xenicus longipes
0%
Bushy-crested Jay Cyanocorax melanocyaneus
0%
Caatinga Antwren Herpsilochmus sellowi
0%
Caatinga Black-Tyrant Knipolegus franciscanus
0%
Caatinga Cacholote Pseudoseisura cristata
0%
Cabanis's Bunting Emberiza cabanisi
0%
Cabanis's Greenbul Phyllastrephus cabanisi
0%
Cabanis's Ground-Sparrow Melozone cabanisi
0%
Cabanis's Spinetail Synallaxis cabanisi
0%
Cabanis's Wren Cantorchilus modestus
0%
Cachar Bulbul Iole cacharensis
0%
Cactus Canastero Pseudasthenes cactorum
0%
Calandra Lark Melanocorypha calandra
0%
California Gnatcatcher Polioptila californica
0%
California Thrasher Toxostoma redivivum
0%
California Towhee Melozone crissalis
0%
Cambodian Laughingthrush Garrulax ferrarius
0%
Cambodian Tailorbird Orthotomus chaktomuk
0%
Cameroon Indigobird Vidua camerunensis
0%
Cameroon Mountain Greenbul Arizelocichla montana
0%
Cameroon Olive-Greenbul Phyllastrephus poensis
0%
Cameroon Speirops Zosterops melanocephalus
0%
Cameroon Sunbird Cyanomitra oritis
0%
Campbell's Fairywren Chenorhamphus campbelli
0%
Campina Thrush Turdus arthuri
0%
Campo Miner Geositta poeciloptera
0%
Campo Troupial Icterus jamacaii
0%
Canada Jay Perisoreus canadensis
0%
Canary Islands Chiffchaff Phylloscopus canariensis
0%
Canebrake Groundcreeper Clibanornis dendrocolaptoides
0%
Canebrake Wren Cantorchilus zeledoni
0%
Canyon Canastero Asthenes pudibunda
0%
Cape Batis Batis capensis
0%
Cape Bulbul Pycnonotus capensis
0%
Cape Bunting Emberiza capensis
0%
Cape Canary Serinus canicollis
0%
Cape Clapper Lark Mirafra apiata
0%
Cape Crombec Sylvietta rufescens
0%
Cape Grassbird Sphenoeacus afer
0%
Cape Lark Certhilauda curvirostris
0%
Cape May Warbler Setophaga tigrina
0%
Cape Robin-Chat Cossypha caffra
0%
Cape Rock-Thrush Monticola rupestris
0%
Cape Siskin Crithagra totta
0%
Cape Sparrow Passer melanurus
0%
Cape Starling Lamprotornis nitens
0%
Cape Sugarbird Promerops cafer
0%
Cape Verde Sparrow Passer iagoensis
0%
Cape Verde Swamp Warbler Acrocephalus brevipennis
0%
Cape Wagtail Motacilla capensis
0%
Cape Weaver Ploceus capensis
0%
Cape White-eye Zosterops virens
0%
Capped Conebill Conirostrum albifrons
0%
Capped Wheatear Oenanthe pileata
0%
Capped White-eye Zosterops fuscicapilla
0%
Capuchin Babbler Turdoides atripennis
0%
Capuchinbird Perissocephalus tricolor
0%
Caqueta Seedeater Sporophila murallae
0%
Caracas Brushfinch Arremon phaeopleurus
0%
Caracas Tapaculo Scytalopus caracae
0%
Carbonated Sierra-Finch Porphyrospiza carbonaria
0%
Cardinal Myzomela Myzomela cardinalis
0%
Cardinal Quelea Quelea cardinalis
0%
Caribbean Elaenia Elaenia martinica
0%
Caribbean Martin Progne dominicensis
0%
Carmelite Sunbird Chalcomitra fuliginosa
0%
Carmiol's Tanager Chlorothraupis carmioli
0%
Carola's Parotia Parotia carolae
0%
Caroline Islands White-eye Zosterops semperi
0%
Caroline Reed Warbler Acrocephalus syrinx
0%
Carpentarian Grasswren Amytornis dorotheae
0%
Carp's Tit Melaniparus carpi
0%
Carrizal Seedeater Amaurospiza carrizalensis
0%
Carruthers's Cisticola Cisticola carruthersi
0%
Caspian Tit Poecile hyrcanus
0%
Casqued Cacique Cacicus oseryi
0%
Cassin's Finch Haemorhous cassinii
0%
Cassin's Flycatcher Muscicapa cassini
0%
Cassin's Kingbird Tyrannus vociferans
0%
Cassin's Sparrow Peucaea cassinii
0%
Cassin's Vireo Vireo cassinii
0%
Castelnau's Antshrike Thamnophilus cryptoleucus
0%
Cattle Tyrant Machetornis rixosa
0%
Caura Antbird Myrmelastes caurensis
0%
Cave Swallow Petrochelidon fulva
0%
Cayenne Jay Cyanocorax cayanus
0%
Ceara Gnateater Conopophaga cearae
0%
Ceara Woodcreeper Xiphorhynchus atlanticus
0%
Cebu Flowerpecker Dicaeum quadricolor
0%
Celestial Monarch Hypothymis coelestis
0%
Cerulean-capped Manakin Lepidothrix coeruleocapilla
0%
Cerulean Cuckooshrike Coracina temminckii
0%
Cerulean Paradise-Flycatcher Eutrichomyias rowleyi
0%
Chabert Vanga Leptopterus chabert
0%
Chaco Earthcreeper Tarphonomus certhioides
0%
Chalk-browed Mockingbird Mimus saturninus
0%
Chapada Flycatcher Suiriri affinis
0%
Chapin's Apalis Apalis chapini
0%
Chapin's Flycatcher Fraseria lendu
0%
Chapin's Mountain-Babbler Turdoides chapini
0%
Chapman's Antshrike Thamnophilus zarumae
0%
Chapman's Bristle-Tyrant Phylloscartes chapmani
0%
Charlotte's Bulbul Iole charlottae
0%
Chat Flycatcher Agricola infuscatus
0%
Chatham Island Bellbird Anthornis melanocephala
0%
Chatham Island Gerygone Gerygone albofrontata
0%
Chatham Islands Fernbird Poodytes rufescens
0%
Chatham Robin Petroica traversi
0%
Chattering Cisticola Cisticola anonymus
0%
Chattering Giant-Honeyeater Gymnomyza viridis
0%
Chattering Gnatwren Ramphocaenus sticturus
0%
Checker-throated Stipplethroat Epinecrophylla fulviventris
0%
Cherrie's Antwren Myrmotherula cherriei
0%
Cherry-throated Tanager Nemosia rourei
0%
Chestnut Antpitta Grallaria blakei
0%
Chestnut-backed Antbird Poliocrania exsul
0%
Chestnut-backed Antshrike Thamnophilus palliatus
0%
Chestnut-backed Bush Warbler Locustella castanea
0%
Chestnut-backed Chickadee Poecile rufescens
0%
Chestnut-backed Jewel-babbler Ptilorrhoa castanonota
0%
Chestnut-backed Laughingthrush Ianthocincla nuchalis
0%
Chestnut-backed Scimitar-Babbler Pomatorhinus montanus
0%
Chestnut-backed Sparrow-Lark Eremopterix leucotis
0%
Chestnut-backed Sparrow-Weaver Plocepasser rufoscapulatus
0%
Chestnut-backed Tanager Stilpnia preciosa
0%
Chestnut-backed Thornbird Phacellodomus dorsalis
0%
Chestnut-backed Thrush Geokichla dohertyi
0%
Chestnut-bellied Cotinga Doliornis remseni
0%
Chestnut-bellied Euphonia Euphonia pectoralis
0%
Chestnut-bellied Fantail Rhipidura hyperythra
0%
Chestnut-bellied Flowerpiercer Diglossa gloriosissima
0%
Chestnut-bellied Monarch Monarcha castaneiventris
0%
Chestnut-bellied Mountain-Tanager Dubusia castaneoventris
0%
Chestnut-bellied Nuthatch Sitta cinnamoventris
0%
Chestnut-bellied Rock-Thrush Monticola rufiventris
0%
Chestnut-bellied Seedeater Sporophila castaneiventris
0%
Chestnut-bellied Seed-Finch Sporophila angolensis
0%
Chestnut-bellied Starling Lamprotornis pulcher
0%
Chestnut-bellied Thrush Turdus fulviventris
0%
Chestnut-bellied Tit Sittiparus castaneoventris
0%
Chestnut-belted Gnateater Conopophaga aurita
0%
Chestnut-breasted Chlorophonia Chlorophonia pyrrhophrys
0%
Chestnut-breasted Mountain-Finch Poospizopsis caesar
0%
Chestnut-breasted Munia Lonchura castaneothorax
0%
Chestnut-breasted Nigrita Nigrita bicolor
0%
Chestnut-breasted Quail-thrush Cinclosoma castaneothorax
0%
Chestnut-breasted Whiteface Aphelocephala pectoralis
0%
Chestnut-breasted Wren Cyphorhinus thoracicus
0%
Chestnut Bulbul Hemixos castanonotus
0%
Chestnut Bunting Emberiza rutila
0%
Chestnut-capped Babbler Timalia pileata
0%
Chestnut-capped Blackbird Chrysomus ruficapillus
0%
Chestnut-capped Brushfinch Arremon brunneinucha
0%
Chestnut-capped Flycatcher Erythrocercus mccallii
0%
Chestnut-capped Foliage-gleaner Clibanornis rectirostris
0%
Chestnut-capped Laughingthrush Ianthocincla mitrata
0%
Chestnut-capped Piha Lipaugus weberi
0%
Chestnut-capped Thrush Geokichla interpres
0%
Chestnut-cheeked Starling Agropsar philippensis
0%
Chestnut-collared Longspur Calcarius ornatus
0%
Chestnut-collared Swallow Petrochelidon rufocollaris
0%
Chestnut-crested Antbird Rhegmatorhina cristata
0%
Chestnut-crested Cotinga Ampelion rufaxilla
0%
Chestnut-crested Yuhina Yuhina everetti
0%
Chestnut-crowned Antpitta Grallaria ruficapilla
0%
Chestnut-crowned Babbler Pomatostomus ruficeps
0%
Chestnut-crowned Becard Pachyramphus castaneus
0%
Chestnut-crowned Bush Warbler Cettia major
0%
Chestnut-crowned Foliage-gleaner Automolus rufipileatus
0%
Chestnut-crowned Gnateater Conopophaga castaneiceps
0%
Chestnut-crowned Laughingthrush Trochalopteron erythrocephalum
0%
Chestnut-crowned Sparrow-Weaver Plocepasser superciliosus
0%
Chestnut-crowned Warbler Phylloscopus castaniceps
0%
Chestnut-eared Bunting Emberiza fucata
0%
Chestnut-eared Laughingthrush Ianthocincla konkakinhensis
0%
Chestnut-faced Babbler Zosterornis whiteheadi
0%
Chestnut-flanked White-eye Zosterops erythropleurus
0%
Chestnut-fronted Helmetshrike Prionops scopifrons
0%
Chestnut-headed Oropendola Psarocolius wagleri
0%
Chestnut-headed Sparrow-Lark Eremopterix signatus
0%
Chestnut-headed Tanager Thlypopsis pyrrhocoma
0%
Chestnut-headed Tesia Cettia castaneocoronata
0%
Chestnut-hooded Laughingthrush Ianthocincla treacheri
0%
Chestnut Munia Lonchura atricapilla
0%
Chestnut-naped Antpitta Grallaria nuchalis
0%
Chestnut-naped Forktail Enicurus ruficapillus
0%
Chestnut Quail-thrush Cinclosoma castanotum
0%
Chestnut-rumped Babbler Stachyris maculata
0%
Chestnut-rumped Heathwren Hylacola pyrrhopygia
0%
Chestnut-rumped Thornbill Acanthiza uropygialis
0%
Chestnut-rumped Woodcreeper Xiphorhynchus pardalotus
0%
Chestnut Seedeater Sporophila cinnamomea
0%
Chestnut-shouldered Antwren Euchrepomis humeralis
0%
Chestnut-sided Shrike-Vireo Vireolanius melitophrys
0%
Chestnut Sparrow Passer eminibey
0%
Chestnut-tailed Antbird Sciaphylax hemimelaena
0%
Chestnut-tailed Jungle-Flycatcher Cyornis ruficauda
0%
Chestnut-tailed Minla Actinodura strigula
0%
Chestnut-tailed Starling Sturnia malabarica
0%
Chestnut-throated Apalis Apalis porphyrolaema
0%
Chestnut-throated Flycatcher Myiagra castaneigularis
0%
Chestnut-throated Huet-huet Pteroptochos castaneus
0%
Chestnut-throated Seedeater Sporophila telasco
0%
Chestnut-throated Spinetail Synallaxis cherriei
0%
Chestnut Thrush Turdus rubrocanus
0%
Chestnut-vented Conebill Conirostrum speciosum
0%
Chestnut-vented Nuthatch Sitta nagaensis
0%
Chestnut-vented Warbler Sylvia subcoerulea
0%
Chestnut Wattle-eye Platysteira castanea
0%
Chestnut Weaver Ploceus rubiginosus
0%
Chestnut-winged Babbler Cyanoderma erythropterum
0%
Chestnut-winged Cinclodes Cinclodes albidiventris
0%
Chestnut-winged Foliage-gleaner Philydor erythropterum
0%
Chestnut-winged Hookbill Ancistrops strigilatus
0%
Chestnut-winged Starling Onychognathus fulgidus
0%
Chevron-breasted Babbler Stachyris roberti
0%
Chico's Tyrannulet Zimmerius chicomendesi
0%
Chiguanco Thrush Turdus chiguanco
0%
Chilean Mockingbird Mimus thenca
0%
Chilean Swallow Tachycineta leucopyga
0%
Chiming Wedgebill Psophodes occidentalis
0%
Chinese Babax Ianthocincla lanceolata
0%
Chinese Beautiful Rosefinch Carpodacus davidianus
0%
Chinese Blackbird Turdus mandarinus
0%
Chinese Blue Flycatcher Cyornis glaucicomans
0%
Chinese Bush Warbler Locustella tacsanowskia
0%
Chinese Cupwing Pnoepyga mutica
0%
Chinese Fulvetta Fulvetta striaticollis
0%
Chinese Grassbird Graminicola striatus
0%
Chinese Gray Shrike Lanius sphenocercus
0%
Chinese Leaf Warbler Phylloscopus yunnanensis
0%
Chinese Penduline-Tit Remiz consobrinus
0%
Chinese Rubythroat Calliope tschebaiewi
0%
Chinese Shortwing Brachypteryx sinensis
0%
Chinese Thrush Otocichla mupinensis
0%
Chinese White-browed Rosefinch Carpodacus dubius
0%
Chin Hills Wren-Babbler Spelaeornis oatesi
0%
Chinspot Batis Batis molitor
0%
Chipping Sparrow Spizella passerina
0%
Chirinda Apalis Apalis chirindensis
0%
Chiriqui Foliage-gleaner Automolus exsertus
0%
Chirping Cisticola Cisticola pipiens
0%
Chirruping Wedgebill Psophodes cristatus
0%
Chivi Vireo Vireo chivi
0%
Chocolate-vented Tyrant Neoxolmis rufiventris
0%
Choco Sirystes Sirystes albogriseus
0%
Choco Tapaculo Scytalopus chocoensis
0%
Choco Tyrannulet Zimmerius albigularis
0%
Choco Vireo Vireo masteri
0%
Cholo Alethe Chamaetylas choloensis
0%
Chopi Blackbird Gnorimopsar chopi
0%
Chorister Robin-Chat Cossypha dichroa
0%
Chotoy Spinetail Schoeniophylax phryganophilus
0%
Chowchilla Orthonyx spaldingii
0%
Christmas Island White-eye Zosterops natalis
0%
Chubb's Cisticola Cisticola chubbi
0%
Chucao Tapaculo Scelorchilus rubecula
0%
Churring Cisticola Cisticola njombe
0%
Chusquea Tapaculo Scytalopus parkeri
0%
Cinderella Waxbill Estrilda thomensis
0%
Cinereous Antshrike Thamnomanes caesius
0%
Cinereous Becard Pachyramphus rufus
0%
Cinereous-breasted Spinetail Synallaxis hypospodia
0%
Cinereous Bulbul Hemixos cinereus
0%
Cinereous Bunting Emberiza cineracea
0%
Cinereous Conebill Conirostrum cinereum
0%
Cinereous Finch Piezorina cinerea
0%
Cinereous Ground-Tyrant Muscisaxicola cinereus
0%
Cinereous Mourner Laniocera hypopyrra
0%
Cinereous Tit Parus cinereus
0%
Cinereous Tyrant Knipolegus striaticeps
0%
Cinereous Warbling-Finch Microspingus cinereus
0%
Cinnamon Attila Attila cinnamomeus
0%
Cinnamon Becard Pachyramphus cinnamomeus
0%
Cinnamon-bellied Flowerpiercer Diglossa baritula
0%
Cinnamon-bellied Ground-Tyrant Muscisaxicola capistratus
0%
Cinnamon Bracken-Warbler Bradypterus cinnamomeus
0%
Cinnamon-breasted Bunting Emberiza tahapisi
0%
Cinnamon-breasted Tody-Tyrant Hemitriccus cinnamomeipectus
0%
Cinnamon-browed Melidectes Melidectes ochromelas
0%
Cinnamon-chested Flycatcher Ficedula buruensis
0%
Cinnamon-crested Spadebill Platyrinchus saturatus
0%
Cinnamon-faced Tyrannulet Phylloscartes parkeri
0%
Cinnamon Flycatcher Pyrrhomyias cinnamomeus
0%
Cinnamon Ibon Hypocryptadius cinnamomeus
0%
Cinnamon Manakin-Tyrant Neopipo cinnamomea
0%
Cinnamon Quail-thrush Cinclosoma cinnamomeum
0%
Cinnamon-rumped Foliage-gleaner Philydor pyrrhodes
0%
Cinnamon-rumped Seedeater Sporophila torqueola
0%
Cinnamon-tailed Fantail Rhipidura fuscorufa
0%
Cinnamon-tailed Sparrow Peucaea sumichrasti
0%
Cinnamon Tanager Schistochlamys ruficapillus
0%
Cinnamon-throated Woodcreeper Dendrexetastes rufigula
0%
Cinnamon-vented Piha Lipaugus lanioides
0%
Cinnamon Warbling-Finch Poospiza ornata
0%
Cinnamon Weaver Ploceus badius
0%
Cipo Canastero Asthenes luizae
0%
Cirl Bunting Emberiza cirlus
0%
Citril Finch Carduelis citrinella
0%
Citrine Canary-Flycatcher Culicicapa helianthea
0%
Citrine Wagtail Motacilla citreola
0%
Citrine Warbler Myiothlypis luteoviridis
0%
Citron-bellied Attila Attila citriniventris
0%
Citron-headed Yellow-Finch Sicalis luteocephala
0%
Clamorous Reed Warbler Acrocephalus stentoreus
0%
Clarion Wren Troglodytes tanneri
0%
Clarke's Weaver Ploceus golandi
0%
Claudia's Leaf Warbler Phylloscopus claudiae
0%
Clicking Shrike-Babbler Pteruthius intermedius
0%
Cliff Flycatcher Hirundinea ferruginea
0%
Cloud Cisticola Cisticola textrix
0%
Cloud-scraping Cisticola Cisticola dambo
0%
Club-winged Manakin Machaeropterus deliciosus
0%
Coal-crested Finch Charitospiza eucosma
0%
Coastal Boubou Laniarius nigerrimus
0%
Coastal Cisticola Cisticola haematocephalus
0%
Coastal Miner Geositta peruviana
0%
Cobb's Wren Troglodytes cobbi
0%
Cocha Antshrike Thamnophilus praecox
0%
Cochabamba Mountain-Finch Poospiza garleppi
0%
Cockerell's Fantail Rhipidura cockerelli
0%
Cock-tailed Tyrant Alectrurus tricolor
0%
Cocoa Thrush Turdus fumigatus
0%
Cocoa Woodcreeper Xiphorhynchus susurrans
0%
Cocos Finch Pinaroloxias inornata
0%
Cocos Flycatcher Nesotriccus ridgwayi
0%
Coiba Spinetail Cranioleuca dissita
0%
Coleto Sarcops calvus
0%
Colima Warbler Leiothlypis crissalis
0%
Collared Antshrike Thamnophilus bernardi
0%
Collared Babbler Gampsorhynchus torquatus
0%
Collared Bush-Robin Tarsiger johnstoniae
0%
Collared Crescentchest Melanopareia torquata
0%
Collared Crow Corvus pectoralis
0%
Collared Finchbill Spizixos semitorques
0%
Collared Flycatcher Ficedula albicollis
0%
Collared Gnatwren Microbates collaris
0%
Collared Grosbeak Mycerobas affinis
0%
Collared Lark Mirafra collaris
0%
Collared Laughingthrush Trochalopteron yersini
0%
Collared Myna Acridotheres albocinctus
0%
Collared Palm-Thrush Cichladusa arquata
0%
Collared Redstart Myioborus torquatus
0%
Collared Sunbird Hedydipna collaris
0%
Collared Towhee Pipilo ocai
0%
Collared Treepie Dendrocitta frontalis
0%
Collared Warbling-Finch Poospiza hispaniolensis
0%
Common Babbler Turdoides caudata
0%
Common Bulbul Pycnonotus barbatus
0%
Common Cactus-Finch Geospiza scandens
0%
Common Chlorospingus Chlorospingus flavopectus
0%
Common Cicadabird Edolisoma tenuirostre
0%
Common Diuca-Finch Diuca diuca
0%
Common Firecrest Regulus ignicapilla
0%
Common Green-Magpie Cissa chinensis
0%
Common House-Martin Delichon urbicum
0%
Common Iora Aegithina tiphia
0%
Common Jery Neomixis tenella
0%
Common Miner Geositta cunicularia
0%
Common Newtonia Newtonia brunneicauda
0%
Common Nightingale Luscinia megarhynchos
0%
Common Rosefinch Carpodacus erythrinus
0%
Common Scale-backed Antbird Willisornis poecilinotus
0%
Common Square-tailed Drongo Dicrurus ludwigii
0%
Common Sunbird-Asity Neodrepanis coruscans
0%
Common Tailorbird Orthotomus sutorius
0%
Common Tody-Flycatcher Todirostrum cinereum
0%
Common Waxbill Estrilda astrild
0%
Common Woodshrike Tephrodornis pondicerianus
0%
Comoro Drongo Dicrurus fuscipennis
0%
Comoros Cuckooshrike Coracina cucullata
0%
Comoro Thrush Turdus bewsheri
0%
Comoro White-eye Zosterops mouroniensis
0%
Compact Weaver Pachyphantes superciliosus
0%
Cone-billed Tanager Conothraupis mesoleuca
0%
Congo Martin Riparia congica
0%
Congo Moor Chat Myrmecocichla tholloni
0%
Congo Sunbird Cinnyris congensis
0%
Cook Islands Reed Warbler Acrocephalus kerearako
0%
Coopmans's Elaenia Elaenia brachyptera
0%
Copperback Quail-thrush Cinclosoma clarum
0%
Copper Seedeater Sporophila bouvreuil
0%
Copper Sunbird Cinnyris cupreus
0%
Copper-tailed Starling Hylopsar cupreocauda
0%
Copper-throated Sunbird Leptocoma calcostetha
0%
Coral-billed Scimitar-Babbler Pomatorhinus ferruginosus
0%
Coraya Wren Pheugopedius coraya
0%
Cordillera Azul Antbird Myrmoderus eowilsoni
0%
Cordillera Ground-Warbler Robsonius rabori
0%
Cordilleran Canastero Asthenes modesta
0%
Cordilleran Flycatcher Empidonax occidentalis
0%
Cordoba Cinclodes Cinclodes comechingonus
0%
Correndera Pipit Anthus correndera
0%
Corsican Finch Carduelis corsicana
0%
Costa Rican Brushfinch Arremon costaricensis
0%
Costa Rican Warbler Basileuterus melanotis
0%
Couch's Kingbird Tyrannus couchii
0%
Cozumel Thrasher Toxostoma guttatum
0%
Cozumel Vireo Vireo bairdi
0%
Crag Chilia Ochetorhynchus melanurus
0%
Cream-eyed Bulbul Pycnonotus pseudosimplex
0%
Cream-striped Bulbul Pycnonotus leucogrammicus
0%
Cream-throated White-eye Zosterops atriceps
0%
Cream-vented Bulbul Pycnonotus simplex
0%
Cream-winged Cinclodes Cinclodes albiventris
0%
Creamy-bellied Antwren Herpsilochmus motacilloides
0%
Creamy-bellied Gnatcatcher Polioptila lactea
0%
Creamy-bellied Thrush Turdus amaurochalinus
0%
Creamy-breasted Canastero Asthenes dorbignyi
0%
Creamy-crested Spinetail Cranioleuca albicapilla
0%
Creamy-rumped Miner Geositta isabellina
0%
Crescent-chested Babbler Cyanoderma melanothorax
0%
Crescent-chested Warbler Oreothlypis superciliosa
0%
Crescent-faced Antpitta Grallaricula lineifrons
0%
Crescent Honeyeater Phylidonyris pyrrhopterus
0%
Crested Ant-Tanager Habia cristata
0%
Crested Becard Pachyramphus validus
0%
Crested Bellbird Oreoica gutturalis
0%
Crested Berrypecker Paramythia montium
0%
Crested Black-Tyrant Knipolegus lophotes
0%
Crested Bunting Emberiza lathami
0%
Crested Doradito Pseudocolopteryx sclateri
0%
Crested Drongo Dicrurus forficatus
0%
Crested Finchbill Spizixos canifrons
0%
Crested Gallito Rhinocrypta lanceolata
0%
Crested Hornero Furnarius cristatus
0%
Crested Lark Galerida cristata
0%
Crested Malimbe Malimbus malimbicus
0%
Crested Myna Acridotheres cristatellus
0%
Crested Satinbird Cnemophilus macgregorii
0%
Crested Shrikejay Platylophus galericulatus
0%
Crested Shrike-tit Falcunculus frontatus
0%
Crested Spinetail Cranioleuca subcristata
0%
Crested Tit-Warbler Leptopoecile elegans
0%
Cretzschmar's Babbler Turdoides leucocephala
0%
Cretzschmar's Bunting Emberiza caesia
0%
Cricket Longtail Spiloptila clamans
0%
Crimson-backed Sunbird Leptocoma minima
0%
Crimson-backed Tanager Ramphocelus dimidiatus
0%
Crimson-breasted Finch Rhodospingus cruentus
0%
Crimson-breasted Flowerpecker Prionochilus percussus
0%
Crimson-breasted Gonolek Laniarius atrococcineus
0%
Crimson-browed Finch Carpodacus subhimachalus
0%
Crimson Chat Epthianura tricolor
0%
Crimson-collared Grosbeak Rhodothraupis celaeno
0%
Crimson-collared Tanager Ramphocelus sanguinolentus
0%
Crimson-crowned Flowerpecker Dicaeum nehrkorni
0%
Crimson Finch Neochmia phaeton
0%
Crimson-fronted Cardinal Paroaria baeri
0%
Crimson Fruitcrow Haematoderus militaris
0%
Crimson-hooded Manakin Pipra aureola
0%
Crimson-hooded Myzomela Myzomela kuehni
0%
Crimson-rumped Waxbill Estrilda rhodopyga
0%
Crimson Seedcracker Pyrenestes sanguineus
0%
Crimson Sunbird Aethopyga siparaja
0%
Crimson-winged Finch Rhodopechys sanguineus
0%
Crinkle-collared Manucode Manucodia chalybatus
0%
Crissal Thrasher Toxostoma crissale
0%
Croaking Cisticola Cisticola natalensis
0%
Crossley's Ground-Thrush Geokichla crossleyi
0%
Crossley's Vanga Mystacornis crossleyi
0%
Crow-billed Drongo Dicrurus annectens
0%
Crow Honeyeater Gymnomyza aubryana
0%
Crowned Chat-Tyrant Ochthoeca frontalis
0%
Crowned Slaty Flycatcher Empidonomus aurantioatrocristatus
0%
Cryptic Flycatcher Ficedula crypta
0%
Cryptic Treehunter Cichlocolaptes mazarbarnetti
0%
Cryptic Warbler Cryptosylvicola randrianasoloi
0%
Cuban Blackbird Ptiloxena atroviolacea
0%
Cuban Bullfinch Melopyrrha nigra
0%
Cuban Crow Corvus nasicus
0%
Cuban Gnatcatcher Polioptila lembeyei
0%
Cuban Grassquit Phonipara canora
0%
Cuban Martin Progne cryptoleuca
0%
Cuban Oriole Icterus melanopsis
0%
Cuban Pewee Contopus caribaeus
0%
Cuban Solitaire Myadestes elisabeth
0%
Cuban Vireo Vireo gundlachii
0%
Cundinamarca Antpitta Grallaria kaestneri
0%
Curl-crested Jay Cyanocorax cristatellus
0%
Curl-crested Manucode Manucodia comrii
0%
Curve-billed Reedhaunter Limnornis curvirostris
0%
Curve-billed Scythebill Campylorhamphus procurvoides
0%
Curve-billed Thrasher Toxostoma curvirostre
0%
Cut-throat Amadina fasciata
0%
Cuzco Brushfinch Atlapetes canigenis
0%
Cyprus Warbler Sylvia melanothorax
0%
Cyprus Wheatear Oenanthe cypriaca
0%
Dalat Bush Warbler Locustella idonea
0%
Dalat Shrike-Babbler Pteruthius annamensis
0%
Damar Flycatcher Ficedula henrici
0%
Dapple-throat Arcanator orostruthus
0%
Dark Batis Batis crypta
0%
Dark-bellied Cinclodes Cinclodes patagonicus
0%
Dark-breasted Rosefinch Procarduelis nipalensis
0%
Dark-breasted Spinetail Synallaxis albigularis
0%
Dark-brown Honeyeater Lichmera incana
0%
Dark-crowned White-eye Lophozosterops dohertyi
0%
Dark-eared Myza Myza celebensis
0%
Dark-faced Ground-Tyrant Muscisaxicola maclovianus
0%
Dark-fronted Babbler Rhopocichla atriceps
0%
Dark-necked Tailorbird Orthotomus atrogularis
0%
Dark Newtonia Newtonia amphichroa
0%
Dark Pewee Contopus lugubris
0%
Dark-rumped Rosefinch Carpodacus edwardsii
0%
Dark-sided Flycatcher Muscicapa sibirica
0%
Dark-sided Thrush Zoothera marginata
0%
Dark-throated Oriole Oriolus xanthonotus
0%
Dark-throated Seedeater Sporophila ruficollis
0%
Dark-winged Miner Geositta saxicolina
0%
Daurian Jackdaw Corvus dauuricus
0%
Daurian Redstart Phoenicurus auroreus
0%
Daurian Starling Agropsar sturninus
0%
David's Fulvetta Alcippe davidi
0%
Davison's Leaf Warbler Phylloscopus intensior
0%
Dead Sea Sparrow Passer moabiticus
0%
Deep-blue Flowerpiercer Diglossa glauca
0%
Delta Amacuro Softtail Thripophaga amacurensis
0%
Desert Cisticola Cisticola aridulus
0%
Desert Finch Rhodospiza obsoleta
0%
Desert Lark Ammomanes deserti
0%
Desert Sparrow Passer simplex
0%
Desert Wheatear Oenanthe deserti
0%
Des Murs's Wiretail Sylviorthorhynchus desmursii
0%
Diademed Tanager Stephanophorus diadematus
0%
Diademed Tapaculo Scytalopus schulenbergi
0%
Diamantina Tapaculo Scytalopus diamantinensis
0%
Diamond Firetail Stagonopleura guttata
0%
Dimorphic Fantail Rhipidura brachyrhyncha
0%
Dimorphic Jewel-babbler Ptilorrhoa geislerorum
0%
Dinelli's Doradito Pseudocolopteryx dinelliana
0%
Dja River Swamp Warbler Bradypterus grandis
0%
Doherty's Bushshrike Telophorus dohertyi
0%
Dohrn's Thrush-Babbler Sylvia dohrni
0%
Donaldson-Smith's Sparrow-Weaver Plocepasser donaldsoni
0%
d'Orbigny's Chat-Tyrant Ochthoeca oenanthoides
0%
Dorst's Cisticola Cisticola guinea
0%
Dot-backed Antbird Hylophylax punctulatus
0%
Dotted Tanager Ixothraupis varia
0%
Dot-winged Antwren Microrhopias quixensis
0%
Double-banded Graytail Xenerpestes minlosi
0%
Double-banded Pygmy-Tyrant Lophotriccus vitiosus
0%
Double-barred Finch Taeniopygia bichenovii
0%
Double-collared Seedeater Sporophila caerulescens
0%
Drab-breasted Pygmy-Tyrant Hemitriccus diops
0%
Drab Hemispingus Pseudospingus xanthophthalmus
0%
Drab Seedeater Sporophila simplex
0%
Drab Water Tyrant Ochthornis littoralis
0%
Drab Whistler Pachycephala griseonota
0%
Drakensberg Prinia Prinia hypoxantha
0%
Drakensberg Rockjumper Chaetops aurantius
0%
Drakensberg Siskin Crithagra symonsi
0%
Drongo Fantail Chaetorhynchus papuensis
0%
Dubois's Seedeater Sporophila ardesiaca
0%
Duetting Giant-Honeyeater Gymnomyza brunneirostris
0%
Dugand's Antwren Herpsilochmus dugandi
0%
Duida Grass-Finch Emberizoides duidae
0%
Duida Woodcreeper Lepidocolaptes duidae
0%
Dull-blue Flycatcher Eumyias sordidus
0%
Dull-capped Attila Attila bolivianus
0%
Dull-colored Grassquit Asemospiza obscura
0%
Dull Flycatcher Myiagra hebetior
0%
Dull-mantled Antbird Sipia laemosticta
0%
Dune Lark Calendulauda erythrochlamys
0%
Dunn's Lark Eremalauda dunni
0%
Dupont's Lark Chersophilus duponti
0%
Dusky Antbird Cercomacroides tyrannina
0%
Dusky Babbler Turdoides tenebrosa
0%
Dusky-blue Flycatcher Bradornis comitatus
0%
Dusky Broadbill Corydon sumatranus
0%
Dusky-capped Flycatcher Myiarchus tuberculifer
0%
Dusky-capped Greenlet Pachysylvia hypoxantha
0%
Dusky-cheeked Foliage-gleaner Anabazenops dorsalis
0%
Dusky-chested Flycatcher Myiozetetes luteiventris
0%
Dusky Chlorospingus Chlorospingus semifuscus
0%
Dusky Crag-Martin Ptyonoprogne concolor
0%
Dusky Crested-Flycatcher Elminia nigromitrata
0%
Dusky Crimsonwing Cryptospiza jacksoni
0%
Dusky-faced Tanager Mitrospingus cassinii
0%
Dusky Fantail Rhipidura tenebrosa
0%
Dusky Friarbird Philemon fuscicapillus
0%
Dusky Fulvetta Schoeniparus brunneus
0%
Dusky Gerygone Gerygone tenebrosa
0%
Dusky Grasswren Amytornis purnelli
0%
Dusky-green Oropendola Psarocolius atrovirens
0%
Dusky-headed Brushfinch Atlapetes fuscoolivaceus
0%
Dusky Lark Pinarocorys nigricans
0%
Dusky Munia Lonchura fuscans
0%
Dusky Myzomela Myzomela obscura
0%
Dusky Piha Lipaugus fuscocinereus
0%
Dusky Purpletuft Iodopleura fusca
0%
Dusky Robin Melanodryas vittata
0%
Dusky Spinetail Synallaxis moesta
0%
Dusky Sunbird Cinnyris fuscus
0%
Dusky-tailed Antbird Drymophila malura
0%
Dusky-tailed Canastero Pseudasthenes humicola
0%
Dusky-tailed Flatbill Ramphotrigon fuscicauda
0%
Dusky Tapaculo Scytalopus fuscus
0%
Dusky Tetraka Xanthomixis tenebrosa
0%
Dusky-throated Antshrike Thamnomanes ardesiacus
0%
Dusky Thrush Turdus eunomus
0%
Dusky Tit Melaniparus funereus
0%
Dusky Twinspot Euschistospiza cinereovinacea
0%
Dusky Warbler Phylloscopus fuscatus
0%
Dusky White-eye Zosterops finschii
0%
Dusky Woodswallow Artamus cyanopterus
0%
Dwarf Jay Cyanolyca nanus
0%
Dwarf Tyrant-Manakin Tyranneutes stolzmanni
0%
Dwarf Vireo Vireo nelsoni
0%
Dybowski's Twinspot Euschistospiza dybowskii
0%
Eared Pitta Hydrornis phayrei
0%
Eared Pygmy-Tyrant Myiornis auricularis
0%
East Andean Antbird Drymophila caudata
0%
East Coast Akalat Sheppardia gunningi
0%
Eastern Bearded-Greenbul Criniger chloronotus
0%
Eastern Black-headed Batis Batis minor
0%
Eastern Bonelli's Warbler Phylloscopus orientalis
0%
Eastern Bristlebird Dasyornis brachypterus
0%
Eastern Chat-Tanager Calyptophilus frugivorus
0%
Eastern Clapper Lark Mirafra fasciolata
0%
Eastern Crowned Warbler Phylloscopus coronatus
0%
Eastern Double-collared Sunbird Cinnyris mediocris
0%
Eastern Long-billed Lark Certhilauda semitorquata
0%
Eastern Miombo Sunbird Cinnyris manoensis
0%
Eastern Mountain Greenbul Arizelocichla nigriceps
0%
Eastern Nicator Nicator gularis
0%
Eastern Olivaceous Warbler Iduna pallida
0%
Eastern Orphean Warbler Sylvia crassirostris
0%
Eastern Paradise-Whydah Vidua paradisaea
0%
Eastern Rock Nuthatch Sitta tephronota
0%
Eastern Slaty Thrush Turdus subalaris
0%
Eastern Spinebill Acanthorhynchus tenuirostris
0%
Eastern Violet-backed Sunbird Anthreptes orientalis
0%
Eastern Wattled-Honeyeater Foulehaio carunculatus
0%
Eastern Whipbird Psophodes olivaceus
0%
Eastern Yellow Robin Eopsaltria australis
0%
Ecuadorian Cacique Cacicus sclateri
0%
Ecuadorian Tapaculo Scytalopus robbinsi
0%
Ecuadorian Thrush Turdus maculirostris
0%
Ecuadorian Tyrannulet Phylloscartes gualaquizae
0%
Eiao Monarch Pomarea fluxa
0%
Elegant Crescentchest Melanopareia elegans
0%
Elegant Euphonia Euphonia elegantissima
0%
Elegant Honeyeater Meliphaga cinereifrons
0%
Elegant Pitta Pitta elegans
0%
Elegant Sunbird Aethopyga duyvenbodei
0%
Elegant Tit Periparus elegans
0%
Elegant Woodcreeper Xiphorhynchus elegans
0%
Elfin Myzomela Myzomela adolphinae
0%
Elfin-woods Warbler Setophaga angelae
0%
Elliot's Laughingthrush Trochalopteron elliotii
0%
Elusive Antpitta Grallaria eludens
0%
Emei Leaf Warbler Phylloscopus emeiensis
0%
Emerald Starling Lamprotornis iris
0%
Emerald Tanager Tangara florida
0%
Emin's Shrike Lanius gubernator
0%
Emperor Bird-of-Paradise Paradisaea guilielmi
0%
Emperor Fairywren Malurus cyanocephalus
0%
Enggano Myna Gracula enganensis
0%
Enggano Thrush Geokichla leucolaema
0%
Epaulet Oriole Icterus cayanensis
0%
Equatorial Akalat Sheppardia aequatorialis
0%
Equatorial Graytail Xenerpestes singularis
0%
Esmeraldas Antbird Sipia nigricauda
0%
Española Ground-Finch Geospiza conirostris
0%
Española Mockingbird Mimus macdonaldi
0%
Ethiopian Black-headed Oriole Oriolus monacha
0%
Ethiopian Boubou Laniarius aethiopicus
0%
Ethiopian Cisticola Cisticola lugubris
0%
Ethiopian Siskin Serinus nigriceps
0%
Ethiopian Swallow Hirundo aethiopica
0%
Euler's Flycatcher Lathrotriccus euleri
0%
Eungella Honeyeater Bolemoreus hindwoodi
0%
Eurasian Blackcap Sylvia atricapilla
0%
Eurasian Crag-Martin Ptyonoprogne rupestris
0%
Eurasian Penduline-Tit Remiz pendulinus
0%
Eurasian Treecreeper Certhia familiaris
0%
Everett's Thrush Zoothera everetti
0%
Everett's White-eye Zosterops everetti
0%
Evergreen-forest Warbler Bradypterus lopezi
0%
Exclamatory Paradise-Whydah Vidua interjecta
0%
Eyebrowed Jungle-Flycatcher Vauriella gularis
0%
Eyebrowed Thrush Turdus obscurus
0%
Eyebrowed Wren-Babbler Napothera epilepidota
0%
Eye-ringed Flatbill Rhynchocyclus brevirostris
0%
Eye-ringed Thistletail Asthenes palpebralis
0%
Eye-ringed Tody-Tyrant Hemitriccus orbitatus
0%
Eyrean Grasswren Amytornis goyderi
0%
Fairy Flycatcher Stenostira scita
0%
Fairy Gerygone Gerygone palpebrosa
0%
Fairy Martin Petrochelidon ariel
0%
Fairy Pitta Pitta nympha
0%
Falcated Wren-Babbler Ptilocichla falcata
0%
Familiar Chat Oenanthe familiaris
0%
Fan-tailed Berrypecker Melanocharis versteri
0%
Fan-tailed Gerygone Gerygone flavolateralis
0%
Fan-tailed Grassbird Schoenicola brevirostris
0%
Fan-tailed Monarch Symposiachrus axillaris
0%
Fan-tailed Raven Corvus rhipidurus
0%
Fan-tailed Warbler Basileuterus lachrymosus
0%
Fan-tailed Widowbird Euplectes axillaris
0%
Fanti Drongo Dicrurus atactus
0%
Fanti Sawwing Psalidoprocne obscura
0%
Fasciated Antshrike Cymbilaimus lineatus
0%
Fasciated Wren Campylorhynchus fasciatus
0%
Fatuhiva Monarch Pomarea whitneyi
0%
Fawn-breasted Tanager Pipraeidea melanonota
0%
Fawn-breasted Thrush Zoothera machiki
0%
Fawn-breasted Waxbill Estrilda paludicola
0%
Fawn-breasted Whistler Pachycephala orpheus
0%
Fawn-breasted Wren Cantorchilus guarayanus
0%
Fawn-colored Lark Calendulauda africanoides
0%
Fernwren Oreoscopus gutturalis
0%
Ferruginous Antbird Drymophila ferruginea
0%
Ferruginous Babbler Pellorneum bicolor
0%
Ferruginous-backed Antbird Myrmoderus ferrugineus
0%
Ferruginous Flycatcher Muscicapa ferruginea
0%
Field Sparrow Spizella pusilla
0%
Fiery-breasted Bushshrike Malaconotus cruentus
0%
Fiery-browed Myna Enodes erythrophris
0%
Fiery-capped Manakin Machaeropterus pyrocephalus
0%
Fiery Minivet Pericrocotus igneus
0%
Fiery-throated Fruiteater Pipreola chlorolepidota
0%
Fiji Bush Warbler Horornis ruficapilla
0%
Fiji Shrikebill Clytorhynchus vitiensis
0%
Fiji Whistler Pachycephala vitiensis
0%
Fiji Woodswallow Artamus mentalis
0%
Finch-billed Myna Scissirostrum dubium
0%
Finn's Weaver Ploceus megarhynchus
0%
Finsch's Bulbul Alophoixus finschii
0%
Finsch's Euphonia Euphonia finschi
0%
Finsch's Flycatcher-Thrush Neocossyphus finschi
0%
Finsch's Wheatear Oenanthe finschii
0%
Fire-breasted Flowerpecker Dicaeum ignipectus
0%
Fire-capped Tit Cephalopyrus flammiceps
0%
Fire-crested Alethe Alethe castanea
0%
Fire-eyed Diucon Xolmis pyrope
0%
Fire-fronted Bishop Euplectes diadematus
0%
Fire-fronted Serin Serinus pusillus
0%
Fire-maned Bowerbird Sericulus bakeri
0%
Fire-tailed Myzornis Myzornis pyrrhoura
0%
Fire-tailed Sunbird Aethopyga ignicauda
0%
Firethroat Calliope pectardens
0%
Firewood-gatherer Anumbius annumbi
0%
Fiscal Flycatcher Melaenornis silens
0%
Fischer's Greenbul Phyllastrephus fischeri
0%
Fischer's Sparrow-Lark Eremopterix leucopareia
0%
Fischer's Starling Lamprotornis fischeri
0%
Five-colored Munia Lonchura quinticolor
0%
Five-striped Sparrow Amphispiza quinquestriata
0%
Flame Bowerbird Sericulus ardens
0%
Flame-breasted Sunbird Cinnyris solaris
0%
Flame-colored Tanager Piranga bidentata
0%
Flamecrest Regulus goodfellowi
0%
Flame-crested Tanager Tachyphonus cristatus
0%
Flame-crowned Flowerpecker Dicaeum anthonyi
0%
Flame-crowned Manakin Heterocercus linteatus
0%
Flame-faced Tanager Tangara parzudakii
0%
Flame Robin Petroica phoenicea
0%
Flame-rumped Tanager Ramphocelus flammigerus
0%
Flame-templed Babbler Dasycrotapha speciosa
0%
Flame-throated Bulbul Rubigula gularis
0%
Flame-throated Warbler Oreothlypis gutturalis
0%
Flaming Sunbird Aethopyga flagrans
0%
Flammulated Flycatcher Deltarhynchus flammulatus
0%
Flammulated Pygmy-Tyrant Hemitriccus flammulatus
0%
Flammulated Treehunter Thripadectes flammulatus
0%
Flappet Lark Mirafra rufocinnamomea
0%
Flat-billed Vireo Vireo nanus
0%
Flavescent Bulbul Pycnonotus flavescens
0%
Flavescent Flycatcher Myiophobus flavicans
0%
Flavescent Warbler Myiothlypis flaveola
0%
Floreana Mockingbird Mimus trifasciatus
0%
Flores Crow Corvus florensis
0%
Flores Jungle-Flycatcher Cyornis oscillans
0%
Flores Minivet Pericrocotus lansbergei
0%
Flores Monarch Symposiachrus sacerdotum
0%
Flores White-eye Heleia crassirostris
0%
Fluffy-backed Tit-Babbler Macronus ptilosus
0%
Flutist Wren Microcerculus ustulatus
0%
Fly River Grassbird Poodytes albolimbatus
0%
Foja Honeyeater Melipotes carolae
0%
Foothill Elaenia Myiopagis olallai
0%
Foothill Schiffornis Schiffornis aenea
0%
Foothill Stipplethroat Epinecrophylla spodionota
0%
Forbes's Blackbird Anumara forbesi
0%
Forest Canary Crithagra scotops
0%
Forest Double-collared Sunbird Cinnyris fuelleborni
0%
Forest Elaenia Myiopagis gaimardii
0%
Forest Fody Foudia omissa
0%
Forest Honeyeater Meliphaga montana
0%
Forest Penduline-Tit Anthoscopus flavifrons
0%
Forest Raven Corvus tasmanicus
0%
Forest Robin Stiphrornis erythrothorax
0%
Forest Rock-Thrush Monticola sharpei
0%
Forest Scrub-Robin Cercotrichas leucosticta
0%
Forest Swallow Atronanus fuliginosus
0%
Forest Thrush Turdus lherminieri
0%
Forest Wagtail Dendronanthus indicus
0%
Forest Weaver Ploceus bicolor
0%
Fork-tailed Drongo Dicrurus adsimilis
0%
Fork-tailed Pygmy-Tyrant Hemitriccus furcatus
0%
Fork-tailed Sunbird Aethopyga christinae
0%
Forty-spotted Pardalote Pardalotus quadragintus
0%
Four-colored Bushshrike Telophorus viridis
0%
Fox's Weaver Ploceus spekeoides
0%
Foxy Cisticola Cisticola troglodytes
0%
Foxy Lark Calendulauda alopex
0%
Fraser's Sunbird Deleornis fraseri
0%
Freckle-breasted Thornbird Phacellodomus striaticollis
0%
Friedmann's Lark Mirafra pulpa
0%
Friendly Bush Warbler Locustella accentor
0%
Friendly Fantail Rhipidura albolimbata
0%
Frilled Monarch Arses telescopthalmus
0%
Frill-necked Monarch Arses lorealis
0%
Fringe-backed Fire-eye Pyriglena atra
0%
Fruit-hunter Chlamydochaera jefferyi
0%
Fuerteventura Stonechat Saxicola dacotiae
0%
Fujian Niltava Niltava davidi
0%
Fülleborn's Boubou Laniarius fuelleborni
0%
Fülleborn's Longclaw Macronyx fuelleborni
0%
Fulvous Antshrike Frederickena fulva
0%
Fulvous-breasted Flatbill Rhynchocyclus fulvipectus
0%
Fulvous Chatterer Turdoides fulva
0%
Fulvous-chested Jungle-Flycatcher Cyornis olivaceus
0%
Fulvous-crested Tanager Tachyphonus surinamus
0%
Fulvous-dotted Treerunner Margarornis stellatus
0%
Fulvous-headed Brushfinch Atlapetes fulviceps
0%
Fulvous-headed Tanager Thlypopsis fulviceps
0%
Fulvous Parrotbill Suthora fulvifrons
0%
Fulvous Shrike-Tanager Lanio fulvus
0%
Fulvous-vented Euphonia Euphonia fulvicrissa
0%
Fulvous Wren Cinnycerthia fulva
0%
Furtive Flycatcher Ficedula disposita
0%
Fuscous Flycatcher Cnemotriccus fuscatus
0%
Fuscous Honeyeater Ptilotula fusca
0%
Gabela Akalat Sheppardia gabela
0%
Gabela Bushshrike Laniarius amboimensis
0%
Gabon Boubou Laniarius bicolor
0%
Galapagos Flycatcher Myiarchus magnirostris
0%
Galapagos Martin Progne modesta
0%
Galapagos Mockingbird Mimus parvulus
0%
Gambaga Flycatcher Muscicapa gambagae
0%
Ganongga White-eye Zosterops splendidus
0%
Gansu Leaf Warbler Phylloscopus kansuensis
0%
Garnet Pitta Erythropitta granatina
0%
Garnet Robin Eugerygone rubra
0%
Genovesa Cactus-Finch Geospiza propinqua
0%
Genovesa Ground-Finch Geospiza acutirostris
0%
Geomalia Zoothera heinrichi
0%
Ghana Cuckooshrike Lobotos lobatus
0%
Giant Antpitta Grallaria gigantea
0%
Giant Antshrike Batara cinerea
0%
Giant Babax Ianthocincla waddelli
0%
Giant Conebill Conirostrum binghami
0%
Giant Cowbird Molothrus oryzivorus
0%
Giant Kingbird Tyrannus cubensis
0%
Giant Laughingthrush Ianthocincla maxima
0%
Giant Nuthatch Sitta magna
0%
Giant Pitta Hydrornis caeruleus
0%
Giant Weaver Ploceus grandis
0%
Giant White-eye Megazosterops palauensis
0%
Giant Wren Campylorhynchus chiapensis
0%
Gibber Chat Ashbyia lovensis
0%
Gilbert's Honeyeater Melithreptus chloropsis
0%
Gilbert's Whistler Pachycephala inornata
0%
Gillett's Lark Mirafra gilletti
0%
Gilt-edged Tanager Tangara cyanoventris
0%
Glaucous-blue Grosbeak Cyanoloxia glaucocaerulea
0%
Glaucous Tanager Thraupis glaucocolpa
0%
Glistening-green Tanager Chlorochrysa phoenicotis
0%
Glossy Antshrike Sakesphorus luctuosus
0%
Glossy-backed Becard Pachyramphus surinamus
0%
Glossy-backed Drongo Dicrurus divaricatus
0%
Glossy-black Thrush Turdus serranus
0%
Glossy Flowerpiercer Diglossa lafresnayii
0%
Glossy-mantled Manucode Manucodia ater
0%
Godlewski's Bunting Emberiza godlewskii
0%
Goeldi's Antbird Akletos goeldii
0%
Golden Babbler Cyanoderma chrysaeum
0%
Golden-backed Bishop Euplectes aureus
0%
Golden-backed Mountain-Tanager Cnemathraupis aureodorsalis
0%
Golden-backed Weaver Ploceus jacksoni
0%
Golden-backed Whistler Pachycephala aurea
0%
Golden-bellied Euphonia Euphonia chrysopasta
0%
Golden-bellied Flycatcher Myiodynastes hemichrysus
0%
Golden-bellied Flyrobin Microeca hemixantha
0%
Golden-bellied Gerygone Gerygone sulphurea
0%
Golden-bellied Warbler Myiothlypis chrysogaster
0%
Golden-billed Saltator Saltator aurantiirostris
0%
Golden Bowerbird Amblyornis newtoniana
0%
Golden-breasted Bunting Emberiza flaviventris
0%
Golden-breasted Fruiteater Pipreola aureopectus
0%
Golden-breasted Fulvetta Lioparus chrysotis
0%
Golden-breasted Starling Lamprotornis regius
0%
Golden-browed Chat-Tyrant Ochthoeca pulchella
0%
Golden-browed Chlorophonia Chlorophonia callophrys
0%
Golden-browed Warbler Basileuterus belli
0%
Golden Bush-Robin Tarsiger chrysaeus
0%
Golden-cheeked Warbler Setophaga chrysoparia
0%
Golden-chested Tanager Bangsia rothschildi
0%
Golden-chevroned Tanager Thraupis ornata
0%
Golden-collared Honeycreeper Iridophanes pulcherrimus
0%
Golden-collared Manakin Manacus vitellinus
0%
Golden-collared Tanager Iridosornis jelskii
0%
Golden-crested Myna Ampeliceps coronatus
0%
Golden-crowned Babbler Sterrhoptilus dennistouni
0%
Golden-crowned Flycatcher Myiodynastes chrysocephalus
0%
Golden-crowned Manakin Lepidothrix vilasboasi
0%
Golden-crowned Spadebill Platyrinchus coronatus
0%
Golden-crowned Tanager Iridosornis rufivertex
0%
Golden-crowned Warbler Basileuterus culicivorus
0%
Golden Cuckooshrike Campochaera sloetii
0%
Golden-eared Tanager Tangara chrysotis
0%
Goldenface Pachycare flavogriseum
0%
Golden-faced Tyrannulet Zimmerius chrysops
0%
Golden-fronted Bowerbird Amblyornis flavifrons
0%
Golden-fronted Greenlet Pachysylvia aurantiifrons
0%
Golden-fronted Leafbird Chloropsis aurifrons
0%
Golden-fronted Redstart Myioborus ornatus
0%
Golden Greenbul Calyptocichla serinus
0%
Golden Grosbeak Pheucticus chrysogaster
0%
Golden-headed Cisticola Cisticola exilis
0%
Golden-headed Manakin Ceratopipra erythrocephala
0%
Golden-hooded Tanager Stilpnia larvata
0%
Golden Monarch Carterornis chrysomela
0%
Golden Myna Mino anais
0%
Golden-naped Tanager Chalcothraupis ruficervix
0%
Golden-naped Weaver Ploceus aureonucha
0%
Golden Palm Weaver Ploceus bojeri
0%
Golden Parrotbill Suthora verreauxi
0%
Golden Pipit Tmetothylacus tenellus
0%
Golden-rumped Euphonia Euphonia cyanocephala
0%
Golden-rumped Flowerpecker Dicaeum annae
0%
Golden-sided Euphonia Euphonia cayennensis
0%
Golden Swallow Tachycineta euchrysea
0%
Golden Tanager Tangara arthus
0%
Golden-tufted Grackle Macroagelaius imthurni
0%
Golden Vireo Vireo hypochryseus
0%
Golden Whistler Pachycephala pectoralis
0%
Golden White-eye Cleptornis marchei
0%
Golden-winged Cacique Cacicus chrysopterus
0%
Golden-winged Laughingthrush Trochalopteron ngoclinhense
0%
Golden-winged Manakin Masius chrysopterus
0%
Golden-winged Sparrow Arremon schlegeli
0%
Golden-winged Sunbird Drepanorhynchus reichenowi
0%
Golden-winged Tody-Flycatcher Poecilotriccus calopterus
0%
Golden-winged Warbler Vermivora chrysoptera
0%
Gold-fronted Fulvetta Alcippe variegaticeps
0%
Goldie's Bird-of-Paradise Paradisaea decora
0%
Gold-naped Finch Pyrrhoplectes epauletta
0%
Gold-ringed Tanager Bangsia aureocincta
0%
Gosling's Apalis Apalis goslingi
0%
Gosling's Bunting Emberiza goslingi
0%
Gough Island Finch Rowettia goughensis
0%
Gould's Shortwing Brachypteryx stellata
0%
Graceful Honeyeater Meliphaga gracilis
0%
Graceful Pitta Erythropitta venusta
0%
Graceful Prinia Prinia gracilis
0%
Grace's Warbler Setophaga graciae
0%
Gran Canaria Blue Chaffinch Fringilla polatzeki
0%
Grandala Grandala coelicolor
0%
Grand Cayman Thrush Turdus ravidus
0%
Grand Comoro Brush-Warbler Nesillas brevicaudata
0%
Grand Comoro Bulbul Hypsipetes parvirostris
0%
Grand Comoro Flycatcher Humblotia flavirostris
0%
Grand Munia Lonchura grandis
0%
Grant's Bluebill Spermophaga poliogenys
0%
Grasshopper Sparrow Ammodramus savannarum
0%
Grassland Sparrow Ammodramus humeralis
0%
Grassland Yellow-Finch Sicalis luteola
0%
Grauer's Broadbill Pseudocalyptomena graueri
0%
Grauer's Cuckooshrike Coracina graueri
0%
Grauer's Swamp Warbler Bradypterus graueri
0%
Grauer's Warbler Graueria vittata
0%
Gray-and-gold Tanager Poecilostreptus palmeri
0%
Gray-and-gold Warbler Myiothlypis fraseri
0%
Gray-and-white Tyrannulet Pseudelaenia leucospodia
0%
Gray Antbird Cercomacra cinerascens
0%
Gray Antwren Myrmotherula menetriesii
0%
Gray Apalis Apalis cinerea
0%
Gray-backed Fiscal Lanius excubitoroides
0%
Gray-backed Shrike Lanius tephronotus
0%
Gray-backed Sparrow-Lark Eremopterix verticalis
0%
Gray-backed Tachuri Polystictus superciliaris
0%
Gray-backed Tailorbird Orthotomus derbianus
0%
Gray-backed Thrush Turdus hortulorum
0%
Gray-banded Munia Lonchura vana
0%
Gray-barred Wren Campylorhynchus megalopterus
0%
Gray-bellied Antbird Ammonastes pelzelni
0%
Gray-bellied Bulbul Rubigula cyaniventris
0%
Gray-bellied Flowerpiercer Diglossa carbonaria
0%
Gray-bellied Shrike-Tyrant Agriornis micropterus
0%
Gray-bellied Spinetail Synallaxis cinerascens
0%
Gray-bellied Tesia Tesia cyaniventer
0%
Gray-bellied Wren-Babbler Spelaeornis reptatus
0%
Gray-breasted Babbler Malacopteron albogulare
0%
Gray-breasted Flycatcher Lathrotriccus griseipectus
0%
Gray-breasted Martin Progne chalybea
0%
Gray-breasted Prinia Prinia hodgsonii
0%
Gray-breasted Spiderhunter Arachnothera modesta
0%
Gray-breasted Wood-Wren Henicorhina leucophrys
0%
Gray-browed Brushfinch Arremon assimilis
0%
Gray Bunting Emberiza variabilis
0%
Gray Bushchat Saxicola ferreus
0%
Gray Butcherbird Cracticus torquatus
0%
Gray-capped Flycatcher Myiozetetes granadensis
0%
Gray-capped Hemispingus Kleinothraupis reyi
0%
Gray-capped Shrike Lanius validirostris
0%
Gray-capped Tyrannulet Phyllomyias griseocapilla
0%
Gray-capped Warbler Eminia lepida
0%
Gray-cheeked Bulbul Alophoixus bres
0%
Gray-cheeked Tit-Babbler Mixornis flavicollis
0%
Gray-cheeked Warbler Phylloscopus poliogenys
0%
Gray-chested Babbler Kakamega poliothorax
0%
Gray-chested Greenlet Hylophilus semicinereus
0%
Gray-chested Jungle-Flycatcher Cyornis umbratilis
0%
Gray-chinned Minivet Pericrocotus solaris
0%
Gray-collared Becard Pachyramphus major
0%
Gray-crested Finch Lophospingus griseocristatus
0%
Gray-crested Helmetshrike Prionops poliolophus
0%
Gray-crested Tit Lophophanes dichrous
0%
Gray-crowned Babbler Pomatostomus temporalis
0%
Gray-crowned Crocias Crocias langbianis
0%
Gray-crowned Flycatcher Tolmomyias poliocephalus
0%
Gray-crowned Munia Lonchura nevermanni
0%
Gray-crowned Palm-Tanager Phaenicophilus poliocephalus
0%
Gray-crowned Prinia Prinia cinereocapilla
0%
Gray-crowned Rosy-Finch Leucosticte tephrocotis
0%
Gray-crowned Tetraka Xanthomixis cinereiceps
0%
Gray-crowned Warbler Phylloscopus tephrocephalus
0%
Gray-crowned Yellowthroat Geothlypis poliocephala
0%
Gray Cuckooshrike Coracina caesia
0%
Gray Currawong Strepera versicolor
0%
Gray Elaenia Myiopagis caniceps
0%
Gray Emutail Amphilais seebohmi
0%
Gray-eyed Bulbul Iole propinqua
0%
Gray-eyed Greenlet Hylophilus amaurocephalus
0%
Gray-faced Liocichla Liocichla omeiensis
0%
Gray-faced Tit-Babbler Mixornis kelleyi
0%
Gray Fantail Rhipidura albiscapa
0%
Gray-flanked Cinclodes Cinclodes oustaleti
0%
Gray Flycatcher Empidonax wrightii
0%
Gray Friarbird Philemon kisserensis
0%
Gray-fronted Honeyeater Ptilotula plumula
0%
Gray Gerygone Gerygone igata
0%
Gray Grasswren Amytornis barbatus
0%
Gray Greenbul Eurillas gracilis
0%
Gray-green Bushshrike Telophorus bocagei
0%
Gray-green Scrubwren Sericornis arfakianus
0%
Gray Ground-Thrush Geokichla princei
0%
Gray-headed Antbird Ampelornis griseiceps
0%
Gray-headed Babbler Stachyris poliocephala
0%
Gray-headed Batis Batis orientalis
0%
Gray-headed Bristlebill Bleda canicapillus
0%
Gray-headed Broadbill Smithornis sharpei
0%
Gray-headed Bulbul Brachypodius priocephalus
0%
Gray-headed Bullfinch Pyrrhula erythaca
0%
Gray-headed Bushshrike Malaconotus blanchoti
0%
Gray-headed Canary-Flycatcher Culicicapa ceylonensis
0%
Gray-headed Chickadee Poecile cinctus
0%
Gray-headed Cicadabird Edolisoma schisticeps
0%
Gray-headed Greenbul Phyllastrephus poliocephalus
0%
Gray-headed Honeyeater Ptilotula keartlandi
0%
Gray-headed Munia Lonchura caniceps
0%
Gray-headed Nigrita Nigrita canicapillus
0%
Gray-headed Oliveback Nesocharis capistrata
0%
Gray-headed Parrotbill Psittiparus gularis
0%
Gray-headed Piprites Piprites griseiceps
0%
Gray-headed Robin Heteromyias cinereifrons
0%
Gray-headed Silverbill Odontospiza griseicapilla
0%
Gray-headed Social-Weaver Pseudonigrita arnaudi
0%
Gray-headed Spinetail Cranioleuca semicinerea
0%
Gray-headed Sunbird Deleornis axillaris
0%
Gray-headed Tanager Eucometis penicillata
0%
Gray-headed Tody-Flycatcher Todirostrum poliocephalum
0%
Gray-headed Warbler Basileuterus griseiceps
0%
Gray Honeyeater Conopophila whitei
0%
Gray-hooded Attila Attila rufus
0%
Gray-hooded Bush Tanager Cnemoscopus rubrirostris
0%
Gray-hooded Flycatcher Mionectes rufiventris
0%
Gray-hooded Fulvetta Fulvetta cinereiceps
0%
Gray-hooded Parrotbill Sinosuthora zappeyi
0%
Gray-hooded Sierra-Finch Phrygilus gayi
0%
Gray-hooded Sunbird Aethopyga primigenia
0%
Gray-hooded Warbler Phylloscopus xanthoschistos
0%
Gray-hooded White-eye Lophozosterops pinaiae
0%
Grayish Baywing Agelaioides badius
0%
Grayish Miner Geositta maritima
0%
Grayish Mourner Rhytipterna simplex
0%
Grayish Saltator Saltator coerulescens
0%
Gray Kingbird Tyrannus dominicensis
0%
Gray Laughingthrush Garrulax maesi
0%
Gray Longbill Macrosphenus concolor
0%
Gray-mantled Wren Odontorchilus branickii
0%
Gray Monjita Xolmis cinereus
0%
Gray-naped Antpitta Grallaria griseonucha
0%
Gray-necked Bunting Emberiza buchanani
0%
Gray-olive Greenbul Phyllastrephus cerviniventris
0%
Gray-rumped Swallow Pseudhirundo griseopyga
0%
Gray Seedeater Sporophila intermedia
0%
Gray's Grasshopper-Warbler Locustella fasciolata
0%
Gray Shrikethrush Colluricincla harmonica
0%
Gray Sibia Heterophasia gracilis
0%
Gray-sided Bush Warbler Cettia brunnifrons
0%
Gray-sided Flowerpecker Dicaeum celebicum
0%
Gray-sided Laughingthrush Ianthocincla caerulata
0%
Gray-sided Scimitar-Babbler Megapomatorhinus swinhoei
0%
Gray-sided Thrush Turdus feae
0%
Gray Silky-flycatcher Ptiliogonys cinereus
0%
Gray's Lark Ammomanopsis grayi
0%
Gray-streaked Flycatcher Muscicapa griseisticta
0%
Gray-streaked Honeyeater Ptiloprora perstriata
0%
Gray-tailed Piha Snowornis subalaris
0%
Gray Thornbill Acanthiza cinerea
0%
Gray Thrasher Toxostoma cinereum
0%
Gray-throated Babbler Stachyris nigriceps
0%
Gray-throated Bulbul Alophoixus frater
0%
Gray-throated Chat Granatellus sallaei
0%
Gray-throated Leaftosser Sclerurus albigularis
0%
Gray-throated Martin Riparia chinensis
0%
Gray-throated Sunbird Anthreptes griseigularis
0%
Gray-throated Tit-Flycatcher Fraseria griseigularis
0%
Gray-throated Warbler Myiothlypis cinereicollis
0%
Gray-throated Warbling-Finch Microspingus cabanisi
0%
Gray-throated White-eye Zosterops ugiensis
0%
Gray Tit Melaniparus afer
0%
Gray Tit-Flycatcher Fraseria plumbea
0%
Gray Treepie Dendrocitta formosae
0%
Gray Trembler Cinclocerthia gutturalis
0%
Gray Vireo Vireo vicinior
0%
Gray Warbler-Finch Certhidea fusca
0%
Gray Whistler Pachycephala simplex
0%
Gray-winged Blackbird Turdus boulboul
0%
Gray-winged Cotinga Tijuca condita
0%
Gray-winged Inca-Finch Incaspiza ortizi
0%
Gray-winged Robin-Chat Cossypha polioptera
0%
Gray Wren Cantorchilus griseus
0%
Gray Wren-Warbler Calamonastes simplex
0%
Great Antpitta Grallaria excelsa
0%
Great Antshrike Taraba major
0%
Great-billed Seed-Finch Sporophila maximiliani
0%
Great Crested Flycatcher Myiarchus crinitus
0%
Great Elaenia Elaenia dayi
0%
Greater Amakihi Viridonia sagittirostris
0%
Greater Antillean Bullfinch Melopyrrha violacea
0%
Greater Antillean Elaenia Elaenia fallax
0%
Greater Antillean Grackle Quiscalus niger
0%
Greater Bird-of-Paradise Paradisaea apoda
0%
Greater Blue-eared Starling Lamprotornis chalybaeus
0%
Greater Double-collared Sunbird Cinnyris afer
0%
Greater Flowerpiercer Diglossa major
0%
Greater Green Leafbird Chloropsis sonnerati
0%
Greater Ground-Robin Amalocichla sclateriana
0%
Greater Hoopoe-Lark Alaemon alaudipes
0%
Greater Koa-Finch Rhodacanthis palmeri
0%
Greater Lophorina Lophorina superba
0%
Greater Melampitta Melampitta gigantea
0%
Greater Necklaced Laughingthrush Ianthocincla pectoralis
0%
Greater Pewee Contopus pertinax
0%
Greater Racket-tailed Drongo Dicrurus paradiseus
0%
Greater Scythebill Drymotoxeres pucheranii
0%
Greater Short-toed Lark Calandrella brachydactyla
0%
Greater Striped Swallow Cecropis cucullata
0%
Greater Swamp Warbler Acrocephalus rufescens
0%
Greater Thornbird Phacellodomus ruber
0%
Greater Wagtail-Tyrant Stigmatura budytoides
0%
Greater Yellow-Finch Sicalis auriventris
0%
Great Inca-Finch Incaspiza pulchra
0%
Great Iora Aegithina lafresnayei
0%
Great Kai White-eye Zosterops grayi
0%
Great Myna Acridotheres grandis
0%
Great Pampa-Finch Embernagra platensis
0%
Great Parrotbill Conostoma aemodium
0%
Great Reed Warbler Acrocephalus arundinaceus
0%
Great Rosefinch Carpodacus rubicilla
0%
Great Rufous Sparrow Passer motitensis
0%
Great Rufous Woodcreeper Xiphocolaptes major
0%
Great Shortwing Heinrichia calligyna
0%
Great Shrike-Tyrant Agriornis lividus
0%
Great Spinetail Synallaxis hypochondriaca
0%
Great Thrush Turdus fuscater
0%
Great Woodswallow Artamus maximus
0%
Great Xenops Megaxenops parnaguae
0%
Green-and-black Fruiteater Pipreola riefferii
0%
Green-and-gold Tanager Tangara schrankii
0%
Green Avadavat Sporaeginthus formosus
0%
Green-backed Becard Pachyramphus viridis
0%
Green-backed Camaroptera Camaroptera brachyura
0%
Green-backed Eremomela Eremomela canescens
0%
Green-backed Flycatcher Ficedula elisae
0%
Green-backed Gerygone Gerygone chloronota
0%
Green-backed Honeyeater Glycichaera fallax
0%
Green-backed Robin Pachycephalopsis hattamensis
0%
Green-backed Sparrow Arremonops chloronotus
0%
Green-backed Tailorbird Orthotomus chloronotus
0%
Green-backed Tit Parus monticolus
0%
Green-backed Twinspot Mandingoa nitidula
0%
Green-backed Whistler Pachycephala albiventris
0%
Green-backed White-eye Zosterops xanthochroa
0%
Green-breasted Bushshrike Malaconotus gladiator
0%
Green-breasted Pitta Pitta reichenowi
0%
Green Broadbill Calyptomena viridis
0%
Greencap Eremomela Eremomela scotops
0%
Green-capped Tanager Stilpnia meyerdeschauenseei
0%
Green Cochoa Cochoa viridis
0%
Green Crombec Sylvietta virens
0%
Green-crowned Warbler Phylloscopus burkii
0%
Green-faced Parrotfinch Erythrura viridifacies
0%
Green Figbird Sphecotheres viridis
0%
Green-headed Oriole Oriolus chlorocephalus
0%
Green-headed Sunbird Cyanomitra verticalis
0%
Green-headed Tanager Tangara seledon
0%
Green Honeycreeper Chlorophanes spiza
0%
Green Hylia Hylia prasina
0%
Green Indigobird Vidua codringtoni
0%
Green Iora Aegithina viridissima
0%
Greenish Elaenia Myiopagis viridicata
0%
Greenish Schiffornis Schiffornis virescens
0%
Greenish Tyrannulet Phyllomyias virescens
0%
Greenish Warbler Phylloscopus trochiloides
0%
Greenish Yellow-Finch Sicalis olivascens
0%
Green Jery Neomixis viridis
0%
Green Longtail Urolais epichlorus
0%
Green Manakin Cryptopipo holochlora
0%
Green-naped Tanager Tangara fucosa
0%
Green Oriole Oriolus flavocinctus
0%
Green Shrike-Babbler Pteruthius xanthochlorus
0%
Green Shrike-Vireo Vireolanius pulchellus
0%
Green-striped Brushfinch Arremon virenticeps
0%
Green Sunbird Anthreptes rectirostris
0%
Green-tailed Bristlebill Bleda eximius
0%
Green-tailed Sunbird Aethopyga nipalensis
0%
Green-tailed Towhee Pipilo chlorurus
0%
Green-tailed Warbler Microligea palustris
0%
Green-throated Euphonia Euphonia chalybea
0%
Green-throated Sunbird Chalcomitra rubescens
0%
Green-throated Tanager Stilpnia argyrofenges
0%
Green Warbler Phylloscopus nitidus
0%
Green Warbler-Finch Certhidea olivacea
0%
Green-winged Pytilia Pytilia melba
0%
Green-winged Saltator Saltator similis
0%
Grenada Flycatcher Myiarchus nugator
0%
Grimwood's Longclaw Macronyx grimwoodi
0%
Grosbeak Weaver Amblyospiza albifrons
0%
Ground Cuckooshrike Coracina maxima
0%
Ground Tit Pseudopodoces humilis
0%
Growling Riflebird Ptiloris intercedens
0%
Guadalcanal Crow Corvus woodfordi
0%
Guadalcanal Honeyeater Guadalcanaria inexpectata
0%
Guadalcanal Hooded Whistler Pachycephala implicata
0%
Guadalcanal Thicketbird Cincloramphus whitneyi
0%
Guadalcanal Thrush Zoothera turipavae
0%
Guadalupe Junco Junco insularis
0%
Guam Flycatcher Myiagra freycineti
0%
Guatemalan Tyrannulet Zimmerius vilissimus
0%
Guianan Cock-of-the-rock Rupicola rupicola
0%
Guianan Gnatcatcher Polioptila guianensis
0%
Guianan Red-Cotinga Phoenicircus carnifex
0%
Guianan Streaked-Antwren Myrmotherula surinamensis
0%
Guianan Tyrannulet Zimmerius acer
0%
Guianan Warbling-Antbird Hypocnemis cantator
0%
Guianan Woodcreeper Lepidocolaptes albolineatus
0%
Guira Tanager Hemithraupis guira
0%
Gurney's Pitta Hydrornis gurneyi
0%
Gurney's Sugarbird Promerops gurneyi
0%
Guttulate Foliage-gleaner Syndactyla guttulata
0%
Hainan Blue Flycatcher Cyornis hainanus
0%
Hainan Leaf Warbler Phylloscopus hainanus
0%
Hair-crested Drongo Dicrurus hottentottus
0%
Hairy-backed Bulbul Tricholestes criniger
0%
Hairy-crested Antbird Rhegmatorhina melanosticta
0%
Half-collared Sparrow Arremon semitorquatus
0%
Hall's Babbler Pomatostomus halli
0%
Halmahera Cuckooshrike Celebesia parvula
0%
Halmahera Flowerpecker Dicaeum schistaceiceps
0%
Halmahera Golden-Bulbul Alophoixus chloris
0%
Halmahera Oriole Oriolus phaeochromus
0%
Hammond's Flycatcher Empidonax hammondii
0%
Handsome Flycatcher Nephelomyias pulcher
0%
Handsome Fruiteater Pipreola formosa
0%
Handsome Sunbird Aethopyga bella
0%
Hangnest Tody-Tyrant Hemitriccus nidipendulus
0%
Happy Wren Pheugopedius felix
0%
Harlequin Antbird Rhegmatorhina berlepschi
0%
Hartert's Camaroptera Camaroptera harterti
0%
Hartert's Leaf Warbler Phylloscopus goodsoni
0%
Hartlaub's Babbler Turdoides hartlaubii
0%
Hauxwell's Thrush Turdus hauxwelli
0%
Hawaii Akepa Loxops coccineus
0%
Hawaii Amakihi Chlorodrepanis virens
0%
Hawaii Creeper Loxops mana
0%
Hawaii Elepaio Chasiempis sandwichensis
0%
Hawaii Mamo Drepanis pacifica
0%
Hawaii Oo Moho nobilis
0%
Hazel-fronted Pygmy-Tyrant Pseudotriccus simplex
0%
Hellmayr's Pipit Anthus hellmayri
0%
Helmeted Friarbird Philemon buceroides
0%
Helmeted Manakin Antilophia galeata
0%
Helmeted Myna Basilornis galeatus
0%
Helmeted Pygmy-Tyrant Lophotriccus galeatus
0%
Helmet Vanga Euryceros prevostii
0%
Henderson Island Reed Warbler Acrocephalus taiti
0%
Henna-hooded Foliage-gleaner Clibanornis erythrocephalus
0%
Henslow's Sparrow Centronyx henslowii
0%
Hepatic Tanager Piranga flava
0%
Herero Chat Melaenornis herero
0%
Hermit Wood-Wren Henicorhina anachoreta
0%
Heuglin's Masked-Weaver Ploceus heuglini
0%
Heuglin's Wheatear Oenanthe heuglini
0%
Heuglin's White-eye Zosterops poliogastrus
0%
Highland Elaenia Elaenia obscura
0%
Hildebrandt's Starling Lamprotornis hildebrandti
0%
Hill Blue Flycatcher Cyornis banyumas
0%
Hill Prinia Prinia superciliaris
0%
Hill Swallow Hirundo domicola
0%
Himalayan Beautiful Rosefinch Carpodacus pulcherrimus
0%
Himalayan Black-lored Tit Machlolophus xanthogenys
0%
Himalayan Bluetail Tarsiger rufilatus
0%
Himalayan Bulbul Pycnonotus leucogenys
0%
Himalayan Cutia Cutia nipalensis
0%
Himalayan Rubythroat Calliope pectoralis
0%
Himalayan Shortwing Brachypteryx cruralis
0%
Himalayan Shrike-Babbler Pteruthius ripleyi
0%
Himalayan Thrush Zoothera salimalii
0%
Himalayan White-browed Rosefinch Carpodacus thura
0%
Hinde's Pied-Babbler Turdoides hindei
0%
Hispaniolan Crossbill Loxia megaplaga
0%
Hispaniolan Oriole Icterus dominicensis
0%
Hispaniolan Pewee Contopus hispaniolensis
0%
Hispaniolan Spindalis Spindalis dominicensis
0%
Hoary-throated Barwing Actinodura nipalensis
0%
Hoary-throated Spinetail Synallaxis kollari
0%
Hodgson's Redstart Phoenicurus hodgsoni
0%
Hodgson's Treecreeper Certhia hodgsoni
0%
Hoffmanns's Woodcreeper Dendrocolaptes hoffmannsi
0%
Holub's Golden-Weaver Ploceus xanthops
0%
Honeyguide Greenbul Baeopogon indicator
0%
Hooded Antpitta Grallaricula cucullata
0%
Hooded Berryeater Carpornis cucullata
0%
Hooded Butcherbird Cracticus cassicus
0%
Hooded Cuckooshrike Coracina longicauda
0%
Hooded Gnateater Conopophaga roberti
0%
Hooded Grosbeak Coccothraustes abeillei
0%
Hooded Monarch Symposiachrus manadensis
0%
Hooded Mountain-Tanager Buthraupis montana
0%
Hooded Munia Lonchura spectabilis
0%
Hooded Pitohui Pitohui dichrous
0%
Hooded Pitta Pitta sordida
0%
Hooded Robin Melanodryas cucullata
0%
Hooded Siskin Spinus magellanicus
0%
Hooded Tanager Nemosia pileata
0%
Hooded Treepie Crypsirina cucullata
0%
Hooded Warbler Setophaga citrina
0%
Hooded Wheatear Oenanthe monacha
0%
Hooded Yellowthroat Geothlypis nelsoni
0%
Hook-billed Bulbul Setornis criniger
0%
Hook-billed Vanga Vanga curvirostris
0%
Horsfield's Babbler Turdinus sepiarius
0%
Hose's Broadbill Calyptomena hosii
0%
House Bunting Emberiza sahari
0%
House Crow Corvus splendens
0%
Hudson's Black-Tyrant Knipolegus hudsoni
0%
Hudson's Canastero Asthenes hudsoni
0%
Huet's Fulvetta Alcippe hueti
0%
Huia Heteralocha acutirostris
0%
Humaita Antbird Myrmelastes humaythae
0%
Humblot's Sunbird Cinnyris humbloti
0%
Hume's Bush Warbler Horornis brunnescens
0%
Hume's Lark Calandrella acutirostris
0%
Hume's Treecreeper Certhia manipurensis
0%
Hume's Warbler Phylloscopus humei
0%
Hume's Wheatear Oenanthe albonigra
0%
Hume's White-eye Zosterops auriventer
0%
Hunter's Cisticola Cisticola hunteri
0%
Hunter's Sunbird Chalcomitra hunteri
0%
Huon Astrapia Astrapia rothschildi
0%
Huon Catbird Ailuroedus astigmaticus
0%
Huon Melidectes Melidectes foersteri
0%
Hutton's Vireo Vireo huttoni
0%
Hylocitrea Hylocitrea bonensis
0%
Hypocolius Hypocolius ampelinus
0%
Ibadan Malimbe Malimbus ibadanensis
0%
Iberian Chiffchaff Phylloscopus ibericus
0%
Iberian Gray Shrike Lanius meridionalis
0%
Iberian Magpie Cyanopica cooki
0%
Icterine Greenbul Phyllastrephus icterinus
0%
Icterine Warbler Hippolais icterina
0%
Ihering's Antwren Myrmotherula iheringi
0%
Iiwi Drepanis coccinea
0%
Ijima's Leaf Warbler Phylloscopus ijimae
0%
Imeri Warbling-Antbird Hypocnemis flavescens
0%
Immaculate Cupwing Pnoepyga immaculata
0%
Inaccessible Island Finch Nesospiza acunhae
0%
Inambari Gnatcatcher Polioptila attenboroughi
0%
Inambari Woodcreeper Lepidocolaptes fatimalimae
0%
Inca Flycatcher Leptopogon taczanowskii
0%
Inca Wren Pheugopedius eisenmanni
0%
Indian Blackbird Turdus simillimus
0%
Indian Blue Robin Larvivora brunnea
0%
Indian Bushlark Mirafra erythroptera
0%
Indian Golden Oriole Oriolus kundoo
0%
Indian Grassbird Graminicola bengalensis
0%
Indian Nuthatch Sitta castanea
0%
Indian Paradise-Flycatcher Terpsiphone paradisi
0%
Indian Pitta Pitta brachyura
0%
Indian Robin Copsychus fulicatus
0%
Indian Scimitar-Babbler Pomatorhinus horsfieldii
0%
Indian Silverbill Euodice malabarica
0%
Indian Spotted Creeper Salpornis spilonota
0%
Indian Yellow Tit Machlolophus aplonotus
0%
Indigo Flowerpiercer Diglossa indigotica
0%
Indigo Flycatcher Eumyias indigo
0%
Indochinese Blue Flycatcher Cyornis sumatrensis
0%
Indochinese Bushlark Mirafra erythrocephala
0%
Indochinese Cuckooshrike Lalage polioptera
0%
Indochinese Fulvetta Fulvetta danisi
0%
Indochinese Green-Magpie Cissa hypoleuca
0%
Indochinese Yuhina Yuhina torqueola
0%
Indonesian Honeyeater Lichmera limbata
0%
Inland Thornbill Acanthiza apicalis
0%
Iphis Monarch Pomarea iphis
0%
Iquitos Gnatcatcher Polioptila clementsi
0%
Iraq Babbler Turdoides altirostris
0%
Iringa Akalat Sheppardia lowei
0%
Iriomote Tit Sittiparus olivaceus
0%
Isabela Oriole Oriolus isabellae
0%
Isabelline Shrike Lanius isabellinus
0%
Isabelline Wheatear Oenanthe isabellina
0%
Island Canary Serinus canaria
0%
Island Leaf Warbler Phylloscopus maforensis
0%
Island Monarch Monarcha cinerascens
0%
Island Thrush Turdus poliocephalus
0%
Island Whistler Pachycephala phaionota
0%
Isthmian Wren Cantorchilus elutus
0%
Itatiaia Spinetail Asthenes moreirae
0%
Ituri Batis Batis ituriensis
0%
Ivory-backed Woodswallow Artamus monachus
0%
Ivory-billed Woodcreeper Xiphorhynchus flavigaster
0%
Ivory-breasted Pitta Pitta maxima
0%
Izu Thrush Turdus celaenops
0%
Jackson's Widowbird Euplectes jacksoni
0%
Jacky-winter Microeca fascinans
0%
Jamaican Becard Pachyramphus niger
0%
Jamaican Blackbird Nesopsar nigerrimus
0%
Jamaican Crow Corvus jamaicensis
0%
Jamaican Elaenia Myiopagis cotta
0%
Jamaican Euphonia Euphonia jamaica
0%
Jamaican Oriole Icterus leucopteryx
0%
Jamaican Pewee Contopus pallidus
0%
Jamaican Spindalis Spindalis nigricephala
0%
Jamaican Vireo Vireo modestus
0%
Jambandu Indigobird Vidua raricola
0%
Jameson's Antpecker Parmoptila jamesoni
0%
Jameson's Firefinch Lagonosticta rhodopareia
0%
Jameson's Wattle-eye Platysteira jamesoni
0%
Japanese Accentor Prunella rubida
0%
Japanese Bush Warbler Horornis diphone
0%
Japanese Leaf Warbler Phylloscopus xanthodryas
0%
Japanese Paradise-Flycatcher Terpsiphone atrocaudata
0%
Japanese Robin Larvivora akahige
0%
Japanese Thrush Turdus cardis
0%
Japanese Tit Parus minor
0%
Japanese Wagtail Motacilla grandis
0%
Javan Banded-Pitta Hydrornis guajanus
0%
Javan Bush Warbler Locustella montis
0%
Javan Cochoa Cochoa azurea
0%
Javan Cuckooshrike Coracina javensis
0%
Javan Fulvetta Alcippe pyrrhoptera
0%
Javan Gray-throated White-eye Lophozosterops javanicus
0%
Javan Green-Magpie Cissa thalassina
0%
Javan Munia Lonchura leucogastroides
0%
Javan Myna Acridotheres javanicus
0%
Javan Sunbird Aethopyga mystacalis
0%
Javan Tesia Tesia superciliaris
0%
Javan Whistling-Thrush Myophonus glaucinus
0%
Javan White-eye Zosterops flavus
0%
Jelski's Black-Tyrant Knipolegus signatus
0%
Jelski's Chat-Tyrant Ochthoeca jelskii
0%
Jerdon's Babbler Chrysomma altirostre
0%
Jerdon's Bushchat Saxicola jerdoni
0%
Jerdon's Bushlark Mirafra affinis
0%
Jerdon's Leafbird Chloropsis jerdoni
0%
Jerdon's Minivet Pericrocotus albifrons
0%
Jet Antbird Cercomacra nigricans
0%
Jet Manakin Chloropipo unicolor
0%
Jobi Manucode Manucodia jobiensis
0%
Jocotoco Antpitta Grallaria ridgelyi
0%
Johanna's Sunbird Cinnyris johannae
0%
Johannes's Tody-Tyrant Hemitriccus iohannis
0%
Johnson's Tody-Flycatcher Poecilotriccus luluae
0%
Jos Plateau Indigobird Vidua maryae
0%
Joyful Greenbul Chlorocichla laetissima
0%
Juan Fernandez Tit-Tyrant Anairetes fernandezianus
0%
Jungle Babbler Turdoides striata
0%
Jungle Myna Acridotheres fuscus
0%
Jungle Prinia Prinia sylvatica
0%
Junin Canastero Asthenes virgata
0%
Junin Tapaculo Scytalopus gettyae
0%
Juniper Titmouse Baeolophus ridgwayi
0%
Kabobo Apalis Apalis kaboboensis
0%
Kadavu Fantail Rhipidura personata
0%
Kadavu Honeyeater Meliphacator provocator
0%
Kaempfer's Tody-Tyrant Hemitriccus kaempferi
0%
Kai Cicadabird Edolisoma dispar
0%
Kakawahie Paroreomyza flammea
0%
Kalahari Scrub-Robin Cercotrichas paena
0%
Kalkadoon Grasswren Amytornis ballarae
0%
Kamao Myadestes myadestinus
0%
Kamchatka Leaf Warbler Phylloscopus examinandus
0%
Kandt's Waxbill Estrilda kandti
0%
Karamoja Apalis Apalis karamojae
0%
Karoo Chat Emarginata schlegelii
0%
Karoo Lark Calendulauda albescens
0%
Karoo Long-billed Lark Certhilauda subcoronata
0%
Karoo Prinia Prinia maculosa
0%
Karoo Scrub-Robin Cercotrichas coryphoeus
0%
Karoo Thrush Turdus smithi
0%
Kashmir Flycatcher Ficedula subrubra
0%
Kashmir Nutcracker Nucifraga multipunctata
0%
Kashmir Nuthatch Sitta cashmirensis
0%
Katanga Masked-Weaver Ploceus katangae
0%
Kauai Akialoa Akialoa stejnegeri
0%
Kauai Amakihi Chlorodrepanis stejnegeri
0%
Kauai Elepaio Chasiempis sclateri
0%
Kauai Nukupuu Hemignathus hanapepe
0%
Kauai Oo Moho braccatus
0%
Kemp's Longbill Macrosphenus kempi
0%
Kenrick's Starling Poeoptera kenricki
0%
Kenya Rufous Sparrow Passer rufocinctus
0%
Kikuyu White-eye Zosterops kikuyuensis
0%
Kilimanjaro White-eye Zosterops eurycricotus
0%
Kilombero Weaver Ploceus burnieri
0%
Kimberley Honeyeater Meliphaga fordiana
0%
King Bird-of-Paradise Cicinnurus regius
0%
Kinglet Calyptura Calyptura cristata
0%
Kinglet Manakin Machaeropterus regulus
0%
King-of-Saxony Bird-of-Paradise Pteridophora alberti
0%
Kioea Chaetoptila angustipluma
0%
Kiritimati Reed Warbler Acrocephalus aequinoctialis
0%
Kirk's White-eye Zosterops kirki
0%
Kirtland's Warbler Setophaga kirtlandii
0%
Klage's Gnatcatcher Polioptila paraensis
0%
Klages's Antbird Drymophila klagesi
0%
Klages's Antwren Myrmotherula klagesi
0%
Kloss's Leaf Warbler Phylloscopus ogilviegranti
0%
Knysna Warbler Bradypterus sylvaticus
0%
Kofiau Monarch Symposiachrus julianae
0%
Kolombangara Leaf Warbler Phylloscopus amoenus
0%
Kolombangara Monarch Symposiachrus browni
0%
Kolombangara White-eye Zosterops murphyi
0%
Kona Grosbeak Chloridops kona
0%
Kopje Warbler Euryptila subcinnamomea
0%
Kordofan Lark Mirafra cordofanica
0%
Kordofan Rufous Sparrow Passer cordofanicus
0%
Kosrae Starling Aplonis corvina
0%
Kosrae White-eye Zosterops cinereus
0%
Kretschmer's Longbill Macrosphenus kretschmeri
0%
Krüper's Nuthatch Sitta krueperi
0%
Kungwe Apalis Apalis argentea
0%
Kurdish Wheatear Oenanthe xanthoprymna
0%
Kurrichane Thrush Turdus libonyana
0%
Lacrimose Mountain-Tanager Anisognathus lacrymosus
0%
Lafresnaye's Vanga Xenopirostris xenopirostris
0%
Lagden's Bushshrike Malaconotus lagdeni
0%
Lake Lufira Masked-Weaver Ploceus ruweti
0%
Lanai Hookbill Dysmorodrepanis munroi
0%
Lanceolated Warbler Locustella lanceolata
0%
Lance-tailed Manakin Chiroxiphia lanceolata
0%
Lapland Longspur Calcarius lapponicus
0%
Large-billed Antwren Herpsilochmus longirostris
0%
Large-billed Crow Corvus macrorhynchos
0%
Large-billed Gerygone Gerygone magnirostris
0%
Large-billed Lark Galerida magnirostris
0%
Large-billed Leaf Warbler Phylloscopus magnirostris
0%
Large-billed Reed Warbler Acrocephalus orinus
0%
Large-billed Scrubwren Sericornis magnirostra
0%
Large-billed Seed-Finch Sporophila crassirostris
0%
Large Blue Flycatcher Cyornis magnirostris
0%
Large Cuckooshrike Coracina macei
0%
Large Elaenia Elaenia spectabilis
0%
Large-footed Finch Pezopetes capitalis
0%
Large-footed Tapaculo Scytalopus macropus
0%
Large Gray Babbler Turdoides malcolmi
0%
Large Ground-Finch Geospiza magnirostris
0%
Large-headed Flatbill Ramphotrigon megacephalum
0%
Large Lifou White-eye Zosterops inornatus
0%
Large Niltava Niltava grandis
0%
Large Scimitar-Babbler Megapomatorhinus hypoleucos
0%
Large Scrubwren Sericornis nouhuysi
0%
Large-tailed Antshrike Mackenziaena leachii
0%
Large Tree-Finch Camarhynchus psittacula
0%
Large Woodshrike Tephrodornis virgatus
0%
Large Wren-Babbler Turdinus macrodactylus
0%
Lark-like Brushrunner Coryphistera alaudina
0%
Lark-like Bunting Emberiza impetuani
0%
Lark Sparrow Chondestes grammacus
0%
La Sagra's Flycatcher Myiarchus sagrae
0%
La Selle Thrush Turdus swalesi
0%
Latakoo Lark Mirafra cheniana
0%
Laura's Woodland-Warbler Phylloscopus laurae
0%
Lavender Waxbill Estrilda coerulescens
0%
Lawes's Parotia Parotia lawesii
0%
Lawrence's Thrush Turdus lawrencii
0%
Layard's Warbler Sylvia layardi
0%
Layard's White-eye Zosterops explorator
0%
Layard's Woodcreeper Lepidocolaptes layardi
0%
Laysan Finch Telespiza cantans
0%
Laysan Honeycreeper Himatione fraithii
0%
Lazuli Bunting Passerina amoena
0%
Leaden Antwren Myrmotherula assimilis
0%
Leaden Flycatcher Myiagra rubecula
0%
Leaden Honeyeater Ptiloprora plumbea
0%
Leaf-love Phyllastrephus scandens
0%
LeConte's Sparrow Ammospiza leconteii
0%
LeConte's Thrasher Toxostoma lecontei
0%
Lemon-bellied Crombec Sylvietta denti
0%
Lemon-bellied Flycatcher Microeca flavigaster
0%
Lemon-bellied White-eye Zosterops chloris
0%
Lemon-breasted Seedeater Crithagra citrinipectus
0%
Lemon-browed Flycatcher Conopias cinchoneti
0%
Lemon-chested Greenlet Hylophilus thoracicus
0%
Lemon-rumped Warbler Phylloscopus chloronotus
0%
Lemon-spectacled Tanager Chlorothraupis olivacea
0%
Lemon-throated Leaf Warbler Phylloscopus cebuensis
0%
Lesser Akialoa Akialoa obscura
0%
Lesser Antillean Bullfinch Loxigilla noctis
0%
Lesser Antillean Flycatcher Myiarchus oberi
0%
Lesser Antillean Pewee Contopus latirostris
0%
Lesser Antillean Saltator Saltator albicollis
0%
Lesser Antillean Tanager Stilpnia cucullata
0%
Lesser Blue-eared Starling Lamprotornis chloropterus
0%
Lesser Bristlebill Bleda notatus
0%
Lesser Cuckooshrike Lalage fimbriata
0%
Lesser Elaenia Elaenia chiriquensis
0%
Lesser Grass-Finch Emberizoides ypiranganus
0%
Lesser Gray Shrike Lanius minor
0%
Lesser Green Leafbird Chloropsis cyanopogon
0%
Lesser Greenlet Pachysylvia decurtata
0%
Lesser Ground-Robin Amalocichla incerta
0%
Lesser Hoopoe-Lark Alaemon hamertoni
0%
Lesser Hornero Furnarius minor
0%
Lesser Kiskadee Pitangus lictor
0%
Lesser Koa-Finch Rhodacanthis flaviceps
0%
Lesser Lophorina Lophorina minor
0%
Lesser Masked-Weaver Ploceus intermedius
0%
Lesser Melampitta Melampitta lugubris
0%
Lesser Necklaced Laughingthrush Garrulax monileger
0%
Lesser Racket-tailed Drongo Dicrurus remifer
0%
Lesser Seedcracker Pyrenestes minor
0%
Lesser Short-toed Lark Alaudala rufescens
0%
Lesser Shortwing Brachypteryx leucophris
0%
Lesser Shrike-Tyrant Agriornis murinus
0%
Lesser Striped Swallow Cecropis abyssinica
0%
Lesser Swamp Warbler Acrocephalus gracilirostris
0%
Lesser Wagtail-Tyrant Stigmatura napensis
0%
Lesser Woodcreeper Xiphorhynchus fuscus
0%
Lesson's Seedeater Sporophila bouvronides
0%
Levaillant's Cisticola Cisticola tinniens
0%
Lewin's Honeyeater Meliphaga lewinii
0%
Leymebamba Antpitta Grallaricula leymebambae
0%
Leyte Plumed-Warbler Micromacronus leytensis
0%
Liben Lark Heteromirafra archeri
0%
Lidth's Jay Garrulus lidthi
0%
Light-crowned Spinetail Cranioleuca albiceps
0%
Light-vented Bulbul Pycnonotus sinensis
0%
Limestone Leaf Warbler Phylloscopus calciatilis
0%
Limestone Wren-Babbler Turdinus crispifrons
0%
Lina's Sunbird Aethopyga linaraborae
0%
Lineated Foliage-gleaner Syndactyla subalaris
0%
Line-cheeked Spinetail Cranioleuca antisiensis
0%
Lined Antshrike Thamnophilus tenuepunctatus
0%
Lined Seedeater Sporophila lineola
0%
Line-fronted Canastero Asthenes urubambensis
0%
Little Bunting Emberiza pusilla
0%
Little Crow Corvus bennetti
0%
Little Flycatcher Muscicapa epulata
0%
Little Forktail Enicurus scouleri
0%
Little Friarbird Philemon citreogularis
0%
Little Grassbird Poodytes gramineus
0%
Little Greenbul Eurillas virens
0%
Little Green Sunbird Anthreptes seimundi
0%
Little Ground-Tyrant Muscisaxicola fluviatilis
0%
Little Inca-Finch Incaspiza watkinsi
0%
Little Kai White-eye Zosterops uropygialis
0%
Little Pied Flycatcher Ficedula westermanni
0%
Little Raven Corvus mellori
0%
Little Rock-Thrush Monticola rufocinereus
0%
Little Rush-Warbler Bradypterus baboecala
0%
Little Shrikethrush Colluricincla megarhyncha
0%
Little Slaty Flycatcher Ficedula basilanica
0%
Little Spiderhunter Arachnothera longirostra
0%
Little Thornbird Phacellodomus sibilatrix
0%
Little Wattlebird Anthochaera chrysoptera
0%
Little Weaver Ploceus luteolus
0%
Little Woodswallow Artamus minor
0%
Littoral Rock-Thrush Monticola imerina
0%
Livingstone's Flycatcher Erythrocercus livingstonei
0%
Loango Weaver Ploceus subpersonatus
0%
Locustfinch Paludipasser locustella
0%
Loetoe Monarch Carterornis castus
0%
Loggerhead Kingbird Tyrannus caudifasciatus
0%
Lompobattang Flycatcher Ficedula bonthaina
0%
Long-bearded Melidectes Melidectes princeps
0%
Long-billed Bernieria Bernieria madagascariensis
0%
Long-billed Bush Warbler Locustella major
0%
Long-billed Crow Corvus validus
0%
Long-billed Gnatwren Ramphocaenus melanurus
0%
Long-billed Honeyeater Melilestes megarhynchus
0%
Long-billed Pipit Anthus similis
0%
Long-billed Rhabdornis Rhabdornis grandis
0%
Long-billed Spiderhunter Arachnothera robusta
0%
Long-billed Tailorbird Artisornis moreaui
0%
Long-billed Thrasher Toxostoma longirostre
0%
Long-billed Thrush Zoothera monticola
0%
Long-billed White-eye Rukia longirostra
0%
Long-billed Woodcreeper Nasica longirostris
0%
Long-billed Wren Cantorchilus longirostris
0%
Long-billed Wren-Babbler Napothera malacoptila
0%
Long-crested Myna Basilornis corythaix
0%
Long-crested Pygmy-Tyrant Lophotriccus eulophotes
0%
Long-legged Pipit Anthus pallidiventris
0%
Long-legged Thicketbird Cincloramphus rufus
0%
Long-tailed Broadbill Psarisomus dalhousiae
0%
Long-tailed Bush Warbler Locustella caudata
0%
Long-tailed Cinclodes Cinclodes pabsti
0%
Long-tailed Fantail Rhipidura opistherythra
0%
Long-tailed Finch Poephila acuticauda
0%
Long-tailed Fiscal Lanius cabanisi
0%
Long-tailed Glossy Starling Lamprotornis caudatus
0%
Long-tailed Manakin Chiroxiphia linearis
0%
Long-tailed Meadowlark Leistes loyca
0%
Long-tailed Minivet Pericrocotus ethologus
0%
Long-tailed Mockingbird Mimus longicaudatus
0%
Long-tailed Myna Mino kreffti
0%
Long-tailed Paradigalla Paradigalla carunculata
0%
Long-tailed Reed Finch Donacospiza albifrons
0%
Long-tailed Rosefinch Carpodacus sibiricus
0%
Long-tailed Shrike Lanius schach
0%
Long-tailed Sibia Heterophasia picaoides
0%
Long-tailed Silky-flycatcher Ptiliogonys caudatus
0%
Long-tailed Starling Aplonis magna
0%
Long-tailed Tapaculo Scytalopus micropterus
0%
Long-tailed Thrush Zoothera dixoni
0%
Long-tailed Triller Lalage leucopyga
0%
Long-tailed Tyrant Colonia colonus
0%
Long-tailed Widowbird Euplectes progne
0%
Long-tailed Woodcreeper Deconychura longicauda
0%
Long-tailed Wren-Babbler Spelaeornis chocolatinus
0%
Long-wattled Umbrellabird Cephalopterus penduliger
0%
Long-winged Antwren Myrmotherula longipennis
0%
Lord Howe Gerygone Gerygone insularis
0%
Lorentz's Whistler Pachycephala lorentzi
0%
Loria's Satinbird Cnemophilus loriae
0%
Loten's Sunbird Cinnyris lotenius
0%
Louisiade Flowerpecker Dicaeum nitidum
0%
Louisiade Pitta Erythropitta meeki
0%
Louisiade Whistler Pachycephala collaris
0%
Louisiade White-eye Zosterops griseotinctus
0%
Louisiana Waterthrush Parkesia motacilla
0%
Lovely Cotinga Cotinga amabilis
0%
Lovely Fairywren Malurus amabilis
0%
Lovely Sunbird Aethopyga shelleyi
0%
Loveridge's Sunbird Cinnyris loveridgei
0%
Lowland Akalat Sheppardia cyornithopsis
0%
Lowland Peltops Peltops blainvillii
0%
Lowland Sooty Boubou Laniarius leucorhynchus
0%
Lowland White-eye Zosterops meyeni
0%
Luapula Cisticola Cisticola luapula
0%
Ludlow's Fulvetta Fulvetta ludlowi
0%
Lühder's Bushshrike Laniarius luehderi
0%
Lunulated Antbird Oneillornis lunulatus
0%
Luzon Redstart Phoenicurus bicolor
0%
Luzon Striped-Babbler Zosterornis striatus
0%
MacGregor's Bowerbird Amblyornis macgregoriae
0%
Macgregor's Honeyeater Macgregoria pulchra
0%
Mackinnon's Shrike Lanius mackinnoni
0%
Macleay's Honeyeater Xanthotis macleayanus
0%
Madagascar Brush-Warbler Nesillas typica
0%
Madagascar Bulbul Hypsipetes madagascariensis
0%
Madagascar Cisticola Cisticola cherina
0%
Madagascar Cuckooshrike Coracina cinerea
0%
Madagascar Lark Eremopterix hova
0%
Madagascar Magpie-Robin Copsychus albospecularis
0%
Madagascar Munia Lonchura nana
0%
Madagascar Paradise-Flycatcher Terpsiphone mutata
0%
Madagascar Starling Hartlaubius auratus
0%
Madagascar Sunbird Cinnyris notatus
0%
Madagascar Swamp Warbler Acrocephalus newtoni
0%
Madagascar Wagtail Motacilla flaviventris
0%
Madagascar White-eye Zosterops maderaspatanus
0%
Madanga Madanga ruficollis
0%
Madeira Firecrest Regulus madeirensis
0%
Magdalena Antbird Sipia palliata
0%
Magdalena Tapaculo Scytalopus rodriguezi
0%
Magellanic Tapaculo Scytalopus magellanicus
0%
Maghreb Lark Galerida macrorhyncha
0%
Maghreb Magpie Pica mauritanica
0%
Magnificent Bird-of-Paradise Cicinnurus magnificus
0%
Magnificent Riflebird Ptiloris magnificus
0%
Magnificent Sunbird Aethopyga magnifica
0%
Magnolia Warbler Setophaga magnolia
0%
Magpie-lark Grallina cyanoleuca
0%
Magpie Mannikin Spermestes fringilloides
0%
Magpie Starling Speculipastor bicolor
0%
Magpie Tanager Cissopis leverianus
0%
Makira Cicadabird Edolisoma salomonis
0%
Makira Honeyeater Meliarchus sclateri
0%
Makira Leaf Warbler Phylloscopus makirensis
0%
Makira Starling Aplonis dichroa
0%
Makira Thrush Zoothera margaretae
0%
Malabar Lark Galerida malabarica
0%
Malabar Starling Sturnia blythii
0%
Malabar Whistling-Thrush Myophonus horsfieldii
0%
Malabar Woodshrike Tephrodornis sylvicola
0%
Malachite Sunbird Nectarinia famosa
0%
Malaita Fantail Rhipidura malaitae
0%
Malaita White-eye Zosterops stresemanni
0%
Malayan Banded-Pitta Hydrornis irena
0%
Malayan Laughingthrush Trochalopteron peninsulae
0%
Malayan Whistling-Thrush Myophonus robinsoni
0%
Malaysian Blue Flycatcher Cyornis turcosus
0%
Malaysian Pied-Fantail Rhipidura javanica
0%
Malaysian Rail-babbler Eupetes macrocerus
0%
Malia Malia grata
0%
Mali Firefinch Lagonosticta virata
0%
Malindi Pipit Anthus melindae
0%
Mallee Emuwren Stipiturus mallee
0%
Manchurian Bush Warbler Horornis canturians
0%
Manchurian Reed Warbler Acrocephalus tangorum
0%
Mangareva Reed Warbler Acrocephalus astrolabii
0%
Mangrove Blue Flycatcher Cyornis rufigastra
0%
Mangrove Fantail Rhipidura phasiana
0%
Mangrove Finch Camarhynchus heliobates
0%
Mangrove Gerygone Gerygone levigaster
0%
Mangrove Honeyeater Gavicalis fasciogularis
0%
Mangrove Pitta Pitta megarhyncha
0%
Mangrove Robin Eopsaltria pulverulenta
0%
Mangrove Swallow Tachycineta albilinea
0%
Mangrove Vireo Vireo pallens
0%
Mangrove Whistler Pachycephala cinerea
0%
Manicore Warbling-Antbird Hypocnemis rondoni
0%
Manu Antbird Cercomacra manu
0%
Manus Cicadabird Edolisoma admiralitatis
0%
Manus Cuckooshrike Coracina ingens
0%
Manus Fantail Rhipidura semirubra
0%
Manus Monarch Symposiachrus infelix
0%
Many-colored Bushshrike Telophorus multicolor
0%
Many-colored Chaco Finch Saltatricula multicolor
0%
Many-colored Rush Tyrant Tachuris rubrigastra
0%
Many-striped Canastero Asthenes flammulata
0%
Mao Gymnomyza samoensis
0%
Maquis Canastero Asthenes heterura
0%
Maracaibo Tody-Flycatcher Todirostrum viridanum
0%
Marañon Crescentchest Melanopareia maranonica
0%
Marañon Spinetail Synallaxis maranonica
0%
Marañon Thrush Turdus maranonicus
0%
Marbled Honeyeater Pycnopygius cinereus
0%
Marbled Wren-Babbler Turdinus marmoratus
0%
Marble-faced Bristle-Tyrant Phylloscartes ophthalmicus
0%
Marcapata Spinetail Cranioleuca marcapatae
0%
Mariana Crow Corvus kubaryi
0%
Marianne White-eye Zosterops semiflavus
0%
Mariqua Flycatcher Bradornis mariquensis
0%
Mariqua Sunbird Cinnyris mariquensis
0%
Marmora's Warbler Sylvia sarda
0%
Maroon-backed Accentor Prunella immaculata
0%
Maroon-backed Whistler Coracornis raveni
0%
Maroon-breasted Philentoma Philentoma velata
0%
Maroon-naped Sunbird Aethopyga guimarasensis
0%
Maroon Oriole Oriolus traillii
0%
Marquesas Monarch Pomarea mendozae
0%
Marsh Babbler Pellorneum palustre
0%
Marsh Grassbird Locustella pryeri
0%
Marsh Seedeater Sporophila palustris
0%
Marsh Tapaculo Scytalopus iraiensis
0%
Marsh Tchagra Tchagra minutus
0%
Marsh Warbler Acrocephalus palustris
0%
Marsh Widowbird Euplectes hartlaubi
0%
Martens's Warbler Phylloscopus omeiensis
0%
Martinique Oriole Icterus bonana
0%
Masafuera Rayadito Aphrastura masafuerae
0%
Mascarene Martin Phedina borbonica
0%
Mascarene Paradise-Flycatcher Terpsiphone bourbonnensis
0%
Masked Antpitta Hylopezus auricularis
0%
Masked Apalis Apalis binotata
0%
Masked Bowerbird Sericulus aureus
0%
Masked Cardinal Paroaria nigrogenis
0%
Masked Crimson Tanager Ramphocelus nigrogularis
0%
Masked Finch Poephila personata
0%
Masked Flowerpiercer Diglossa cyanea
0%
Masked Fruiteater Pipreola pulchra
0%
Masked Gnatcatcher Polioptila dumicola
0%
Masked Lark Spizocorys personata
0%
Masked Laughingthrush Garrulax perspicillatus
0%
Masked Mountain-Tanager Buthraupis wetmorei
0%
Masked Saltator Saltator cinctus
0%
Masked Shrike Lanius nubicus
0%
Masked Tanager Stilpnia nigrocincta
0%
Masked Tityra Tityra semifasciata
0%
Masked Water-Tyrant Fluvicola nengeta
0%
Masked Woodswallow Artamus personatus
0%
Masked Yellowthroat Geothlypis aequinoctialis
0%
Matinan Flycatcher Cyornis sanfordi
0%
Mato Grosso Antbird Cercomacra melanaria
0%
Maui Akepa Loxops ochraceus
0%
Maui Alauahio Paroreomyza montana
0%
Maui-nui Akialoa Akialoa lanaiensis
0%
Maui Nukupuu Hemignathus affinis
0%
Maui Parrotbill Pseudonestor xanthophrys
0%
Maupiti Monarch Pomarea pomarea
0%
Mauritius Bulbul Hypsipetes olivaceus
0%
Mauritius Cuckooshrike Lalage typica
0%
Mauritius Fody Foudia rubra
0%
Mauritius Gray White-eye Zosterops mauritianus
0%
Mauritius White-eye Zosterops chloronothos
0%
Maxwell's Black Weaver Ploceus albinucha
0%
Mayotte Drongo Dicrurus waldenii
0%
Mayotte Sunbird Cinnyris coquerellii
0%
Mayotte White-eye Zosterops mayottensis
0%
Mayr's Honeyeater Ptiloprora mayri
0%
Mbulu White-eye Zosterops mbuluensis
0%
McConnell's Flycatcher Mionectes macconnelli
0%
McConnell's Spinetail Synallaxis macconnelli
0%
McCown's Longspur Rhynchophanes mccownii
0%
McGregor's Cuckooshrike Malindangia mcgregori
0%
McKay's Bunting Plectrophenax hyperboreus
0%
Meadow Bunting Emberiza cioides
0%
Medium Ground-Finch Geospiza fortis
0%
Medium Tree-Finch Camarhynchus pauper
0%
Mekong Wagtail Motacilla samveasnae
0%
Melanesian Flycatcher Myiagra caledonica
0%
Melodious Blackbird Dives dives
0%
Melodious Warbler Hippolais polyglotta
0%
Menetries's Warbler Sylvia mystacea
0%
Merida Flowerpiercer Diglossa gloriosa
0%
Merida Tapaculo Scytalopus meridanus
0%
Merida Wren Cistothorus meridae
0%
Metallic-green Tanager Tangara labradorides
0%
Metallic-winged Sunbird Aethopyga pulcherrima
0%
Meves's Starling Lamprotornis mevesii
0%
Meyer's Friarbird Philemon meyeri
0%
Micronesian Myzomela Myzomela rubratra
0%
Micronesian Starling Aplonis opaca
0%
Middendorff's Grasshopper-Warbler Locustella ochotensis
0%
Midget Flowerpecker Dicaeum aeneum
0%
Mid-mountain Berrypecker Melanocharis longicauda
0%
Millerbird Acrocephalus familiaris
0%
Mimic Honeyeater Meliphaga analoga
0%
Minas Gerais Tyrannulet Phylloscartes roquettei
0%
Mindanao Blue-Fantail Rhipidura superciliaris
0%
Mindanao Jungle-Flycatcher Vauriella goodfellowi
0%
Mindanao Plumed-Warbler Micromacronus sordidus
0%
Mindanao Pygmy-Babbler Dasycrotapha plateni
0%
Mindanao White-eye Lophozosterops goodfellowi
0%
Mindoro Bulbul Hypsipetes mindorensis
0%
Miombo Rock-Thrush Monticola angolensis
0%
Miombo Scrub-Robin Cercotrichas barbata
0%
Miombo Tit Melaniparus griseiventris
0%
Miombo Wren-Warbler Calamonastes undosus
0%
Mishana Tyrannulet Zimmerius villarejoi
0%
Mistletoebird Dicaeum hirundinaceum
0%
Mistletoe Tyrannulet Zimmerius parvus
0%
Mocking Cliff-Chat Thamnolaea cinnamomeiventris
0%
Moheli Brush-Warbler Nesillas mariae
0%
Moheli Bulbul Hypsipetes moheliensis
0%
Moheli White-eye Zosterops comorensis
0%
Moltoni's Warbler Sylvia subalpina
0%
Moluccan Cuckooshrike Coracina atriceps
0%
Moluccan Flycatcher Myiagra galeata
0%
Moluccan Starling Aplonis mysolensis
0%
Mongolian Accentor Prunella koslowi
0%
Mongolian Finch Bucanetes mongolicus
0%
Mongolian Ground-Jay Podoces hendersoni
0%
Mongolian Lark Melanocorypha mongolica
0%
Monotonous Lark Mirafra passerina
0%
Montane Blue Swallow Hirundo atrocaerulea
0%
Montane Double-collared Sunbird Cinnyris ludovicensis
0%
Montane Foliage-gleaner Anabacerthia striaticollis
0%
Montane Woodcreeper Lepidocolaptes lacrymiger
0%
Monteiro's Bushshrike Malaconotus monteiri
0%
Monte Yellow-Finch Sicalis mendozae
0%
Montserrat Oriole Icterus oberi
0%
Moorea Reed Warbler Acrocephalus longirostris
0%
Moorland Chat Pinarochroa sordida
0%
Moreau's Sunbird Cinnyris moreaui
0%
Morelet's Seedeater Sporophila morelleti
0%
Morningbird Pachycephala tenebrosa
0%
Morrison's Fulvetta Alcippe morrisonia
0%
Mosque Swallow Cecropis senegalensis
0%
Moss-backed Tanager Bangsia edwardsi
0%
Mottle-backed Elaenia Elaenia gigas
0%
Mottle-cheeked Tyrannulet Phylloscartes ventralis
0%
Mottled Berryhunter Rhagologus leucostigma
0%
Mottled Flowerpecker Dicaeum tristrami
0%
Mottled Munia Lonchura hunsteini
0%
Mountain Black-eye Chlorocharis emiliae
0%
Mountain Bulbul Ixos mcclellandii
0%
Mountain Cacique Cacicus chrysonotus
0%
Mountain Chiffchaff Phylloscopus sindianus
0%
Mountain Elaenia Elaenia frantzii
0%
Mountain Firetail Oreostruthus fuliginosus
0%
Mountain Fulvetta Alcippe peracensis
0%
Mountain Grackle Macroagelaius subalaris
0%
Mountain Illadopsis Illadopsis pyrrhoptera
0%
Mountain Leaf Warbler Phylloscopus trivirgatus
0%
Mountain Meliphaga Meliphaga orientalis
0%
Mountain Mouse-Warbler Crateroscelis robusta
0%
Mountain Peltops Peltops montanus
0%
Mountain Pipit Anthus hoeschi
0%
Mountain Robin-Chat Cossypha isabellae
0%
Mountain Sawwing Psalidoprocne fuliginosa
0%
Mountain Serin Chrysocorythus estherae
0%
Mountain Starling Aplonis santovestris
0%
Mountain Sunbird Aethopyga jefferyi
0%
Mountain Tailorbird Phyllergates cucullatus
0%
Mountain Thornbill Acanthiza katherina
0%
Mountain Thrush Turdus plebejus
0%
Mountain Wagtail Motacilla clara
0%
Mountain Wheatear Myrmecocichla monticola
0%
Mountain Wren Troglodytes solstitialis
0%
Mountain Wren-Babbler Turdinus crassus
0%
Mountain Yellow-Warbler Iduna similis
0%
Mount Kupe Bushshrike Telophorus kupeensis
0%
Mount Victoria Babax Ianthocincla woodi
0%
Mourning Sierra-Finch Rhopospina fruticeti
0%
Mourning Warbler Geothlypis philadelphia
0%
Mourning Wheatear Oenanthe lugens
0%
Mouse-brown Sunbird Anthreptes gabonicus
0%
Mouse-colored Antshrike Thamnophilus murinus
0%
Mouse-colored Penduline-Tit Anthoscopus musculus
0%
Mouse-colored Sunbird Cyanomitra veroxii
0%
Mouse-colored Tapaculo Scytalopus speluncae
0%
Mouse-colored Thistletail Asthenes griseomurina
0%
Mouse-colored Tyrannulet Phaeomyias murina
0%
Moussier's Redstart Phoenicurus moussieri
0%
Moustached Antpitta Grallaria alleni
0%
Moustached Antwren Myrmotherula ignota
0%
Moustached Babbler Malacopteron magnirostre
0%
Moustached Brushfinch Atlapetes albofrenatus
0%
Moustached Flowerpiercer Diglossa mystacalis
0%
Moustached Grass-Warbler Melocichla mentalis
0%
Moustached Laughingthrush Ianthocincla cineracea
0%
Moustached Turca Pteroptochos megapodius
0%
Moustached Warbler Acrocephalus melanopogon
0%
Moustached Woodcreeper Xiphocolaptes falcirostris
0%
Moustached Wren Pheugopedius genibarbis
0%
Mrs. Gould's Sunbird Aethopyga gouldiae
0%
Mrs. Moreau's Warbler Scepomycter winifredae
0%
Mugimaki Flycatcher Ficedula mugimaki
0%
Multicolored Tanager Chlorochrysa nitidissima
0%
Munchique Wood-Wren Henicorhina negreti
0%
Musician Wren Cyphorhinus arada
0%
Mussau Fantail Rhipidura matthiae
0%
Mussau Triller Lalage conjuncta
0%
Mysterious Starling Aplonis mavornata
0%
Naked-faced Spiderhunter Arachnothera clarae
0%
Namaqua Warbler Phragmacia substriata
0%
Namuli Apalis Apalis lynesi
0%
Narcissus Flycatcher Ficedula narcissina
0%
Nariño Tapaculo Scytalopus vicinior
0%
Narrow-billed Antwren Formicivora iheringi
0%
Narrow-billed Woodcreeper Lepidocolaptes angustirostris
0%
Narrow-tailed Starling Poeoptera lugubris
0%
Nashville Warbler Leiothlypis ruficapilla
0%
Natewa Silktail Lamprolia klinesmithi
0%
Natterer's Slaty-Antshrike Thamnophilus stictocephalus
0%
Naumann's Thrush Turdus naumanni
0%
Naung Mung Scimitar-Babbler Napothera naungmungensis
0%
Nauru Reed Warbler Acrocephalus rehsei
0%
Nava's Wren Hylorchilus navai
0%
Neblina Tapaculo Scytalopus altirostris
0%
Necklaced Spinetail Synallaxis stictothorax
0%
Neergaard's Sunbird Cinnyris neergaardi
0%
Negros Jungle-Flycatcher Vauriella albigularis
0%
Negros Striped-Babbler Zosterornis nigrorum
0%
Nelicourvi Weaver Ploceus nelicourvi
0%
Nelson's Sparrow Ammospiza nelsoni
0%
Nepal Fulvetta Alcippe nipalensis
0%
Nepal House-Martin Delichon nipalense
0%
Neumann's Starling Onychognathus neumanni
0%
Neumann's Warbler Urosphena neumanni
0%
New Britain Friarbird Philemon cockerelli
0%
New Britain Pitta Erythropitta gazellae
0%
New Britain Thrush Zoothera talaseae
0%
New Caledonian Crow Corvus moneduloides
0%
New Caledonian Cuckooshrike Analisoma analis
0%
New Caledonian Friarbird Philemon diemenensis
0%
New Caledonian Grassbird Cincloramphus mariei
0%
New Caledonian Myzomela Myzomela caledonica
0%
New Caledonian Whistler Pachycephala caledonica
0%
New Guinea White-eye Zosterops novaeguineae
0%
New Hanover Munia Lonchura nigerrima
0%
New Holland Honeyeater Phylidonyris novaehollandiae
0%
New Ireland Friarbird Philemon eichhorni
0%
New Ireland Munia Lonchura forbesi
0%
New Ireland Myzomela Myzomela pulchella
0%
New Ireland Pitta Erythropitta novaehibernicae
0%
Newton's Fiscal Lanius newtoni
0%
Newton's Sunbird Anabathmis newtonii
0%
New Zealand Bellbird Anthornis melanura
0%
New Zealand Fantail Rhipidura fuliginosa
0%
New Zealand Fernbird Poodytes punctatus
0%
Nicaraguan Grackle Quiscalus nicaraguensis
0%
Nicaraguan Seed-Finch Sporophila nuttingi
0%
Niceforo's Wren Thryophilus nicefori
0%
Nicobar Bulbul Hypsipetes nicobariensis
0%
Nicobar Jungle-Flycatcher Cyornis nicobaricus
0%
Nightingale Island Finch Nesospiza questi
0%
Nightingale Reed Warbler Acrocephalus luscinius
0%
Nightingale Wren Microcerculus philomela
0%
Nihoa Finch Telespiza ultima
0%
Nile Valley Sunbird Hedydipna metallica
0%
Nilgiri Flowerpecker Dicaeum concolor
0%
Nilgiri Flycatcher Eumyias albicaudatus
0%
Nilgiri Laughingthrush Montecincla cachinnans
0%
Nilgiri Pipit Anthus nilghiriensis
0%
Nilgiri Sholakili Sholicola major
0%
Nilgiri Thrush Zoothera neilgherriensis
0%
Nimba Flycatcher Melaenornis annamarulae
0%
Noisy Friarbird Philemon corniculatus
0%
Noisy Pitta Pitta versicolor
0%
Noisy Scrub-bird Atrichornis clamosus
0%
Nonggang Babbler Stachyris nonggangensis
0%
Norfolk Island Gerygone Gerygone modesta
0%
Norfolk Robin Petroica multicolor
0%
Norfolk Starling Aplonis fusca
0%
Noronha Elaenia Elaenia ridleyana
0%
Noronha Vireo Vireo gracilirostris
0%
Northern Anteater-Chat Myrmecocichla aethiops
0%
Northern Barred-Woodcreeper Dendrocolaptes sanctithomae
0%
Northern Beardless-Tyrannulet Camptostoma imberbe
0%
Northern Bentbill Oncostoma cinereigulare
0%
Northern Black-Flycatcher Melaenornis edolioides
0%
Northern Brownbul Phyllastrephus strepitans
0%
Northern Brown-throated Weaver Ploceus castanops
0%
Northern Catbird Ailuroedus jobiensis
0%
Northern Crombec Sylvietta brachyura
0%
Northern Double-collared Sunbird Cinnyris reichenowi
0%
Northern Fantail Rhipidura rufiventris
0%
Northern Fiscal Lanius humeralis
0%
Northern Gray-headed Sparrow Passer griseus
0%
Northern Grosbeak-Canary Crithagra donaldsoni
0%
Northern Marquesan Reed Warbler Acrocephalus percernis
0%
Northern Masked-Weaver Ploceus taeniopterus
0%
Northern Pied-Babbler Turdoides hypoleuca
0%
Northern Puffback Dryoscopus gambensis
0%
Northern Red Bishop Euplectes franciscanus
0%
Northern Schiffornis Schiffornis veraepacis
0%
Northern Scrub-Flycatcher Sublegatus arenarum
0%
Northern Scrub-Robin Drymodes superciliaris
0%
Northern Slaty-Antshrike Thamnophilus punctatus
0%
Northern Variable Pitohui Pitohui kirhocephalus
0%
Northern Waterthrush Parkesia noveboracensis
0%
Northern Wattled-Honeyeater Foulehaio taviunensis
0%
North Island Kokako Callaeas wilsoni
0%
North Island Piopio Turnagra tanagra
0%
North Island Robin Petroica longipes
0%
North Island Saddleback Philesturnus rufusater
0%
North Melanesian Cuckooshrike Coracina welchmani
0%
North Moluccan Pitta Erythropitta rufiventris
0%
Northwestern Crow Corvus caurinus
0%
Nuku Hiva Monarch Pomarea nukuhivae
0%
Nullarbor Quail-thrush Cinclosoma alisteri
0%
Nuthatch-Vanga Hypositta corallirostris
0%
Nutting's Flycatcher Myiarchus nuttingi
0%
Oahu Akepa Loxops wolstenholmei
0%
Oahu Akialoa Akialoa ellisiana
0%
Oahu Alauahio Paroreomyza maculata
0%
Oahu Amakihi Chlorodrepanis flava
0%
Oahu Elepaio Chasiempis ibidis
0%
Oahu Nukupuu Hemignathus lucidus
0%
Oahu Oo Moho apicalis
0%
Oak Titmouse Baeolophus inornatus
0%
Oaxaca Sparrow Aimophila notosticta
0%
Obbia Lark Spizocorys obbiensis
0%
Oberländer's Ground-Thrush Geokichla oberlaenderi
0%
Obi Golden-Bulbul Alophoixus lucasi
0%
Obscure Berrypecker Melanocharis arfakiana
0%
Obscure Honeyeater Caligavis obscura
0%
Oceanic Flycatcher Myiagra oceanica
0%
Ocellated Antbird Phaenostictus mcleannani
0%
Ocellated Tapaculo Acropternis orthonyx
0%
Ocellated Thrasher Toxostoma ocellatum
0%
Ocellated Woodcreeper Xiphorhynchus ocellatus
0%
Ochraceous Attila Attila torridus
0%
Ochraceous-breasted Flycatcher Nephelomyias ochraceiventris
0%
Ochraceous Bulbul Alophoixus ochraceus
0%
Ochraceous Pewee Contopus ochraceus
0%
Ochraceous Wren Troglodytes ochraceus
0%
Ochre-bellied Flycatcher Mionectes oleagineus
0%
Ochre-breasted Antpitta Grallaricula flavirostris
0%
Ochre-breasted Brushfinch Atlapetes semirufus
0%
Ochre-breasted Catbird Ailuroedus stonii
0%
Ochre-breasted Foliage-gleaner Anabacerthia lichtensteini
0%
Ochre-breasted Pipit Anthus nattereri
0%
Ochre-breasted Tanager Chlorothraupis stolzmanni
0%
Ochre-browed Thistletail Asthenes coryi
0%
Ochre-cheeked Spinetail Synallaxis scutata
0%
Ochre-collared Monarch Arses insularis
0%
Ochre-faced Tody-Flycatcher Poecilotriccus plumbeiceps
0%
Ochre-flanked Tapaculo Eugralla paradoxa
0%
Ochre-fronted Antpitta Grallaricula ochraceifrons
0%
Ochre-headed Flycatcher Myiagra cervinicauda
0%
Ochre-naped Ground-Tyrant Muscisaxicola flavinucha
0%
Ochre-rumped Antbird Drymophila ochropyga
0%
Ochre-rumped Bunting Emberiza yessoensis
0%
Ochre-striped Antpitta Grallaria dignissima
0%
Odedi Horornis haddeni
0%
Ogea Monarch Mayrornis versicolor
0%
Oleaginous Hemispingus Sphenopsis frontalis
0%
Olivaceous Elaenia Elaenia mesoleuca
0%
Olivaceous Flatbill Rhynchocyclus olivaceus
0%
Olivaceous Flycatcher Fraseria olivascens
0%
Olivaceous Greenlet Hylophilus olivaceus
0%
Olivaceous Piha Snowornis cryptolophus
0%
Olivaceous Schiffornis Schiffornis olivacea
0%
Olivaceous Siskin Spinus olivaceus
0%
Olivaceous Woodcreeper Sittasomus griseicapillus
0%
Olive-backed Euphonia Euphonia gouldi
0%
Olive-backed Flowerpecker Prionochilus olivaceus
0%
Olive-backed Foliage-gleaner Automolus infuscatus
0%
Olive-backed Oriole Oriolus sagittatus
0%
Olive-backed Pipit Anthus hodgsoni
0%
Olive-backed Sunbird Cinnyris jugularis
0%
Olive-backed Tailorbird Orthotomus sepium
0%
Olive-backed Tanager Mitrospingus oleagineus
0%
Olive-backed Woodcreeper Xiphorhynchus triangularis
0%
Olive-bellied Sunbird Cinnyris chloropygius
0%
Olive Bulbul Iole viridescens
0%
Olive Bushshrike Telophorus olivaceus
0%
Olive-capped Flowerpecker Dicaeum nigrilore
0%
Olive-capped Warbler Setophaga pityophila
0%
Olive-chested Flycatcher Myiophobus cryptoxanthus
0%
Olive-crowned Crescentchest Melanopareia maximiliani
0%
Olive-crowned Flowerpecker Dicaeum pectorale
0%
Olive-crowned Yellowthroat Geothlypis semiflava
0%
Olive Finch Arremon castaneiceps
0%
Olive-flanked Robin-Chat Cossypha anomala
0%
Olive Flycatcher Mitrephanes olivaceus
0%
Olive Flyrobin Microeca flavovirescens
0%
Olive-green Camaroptera Camaroptera chloronota
0%
Olive-green Tanager Orthogonys chloricterus
0%
Olive-green Tyrannulet Phylloscartes virescens
0%
Olive-headed Weaver Ploceus olivaceiceps
0%
Olive Honeyeater Lichmera argentauris
0%
Olive Manakin Xenopipo uniformis
0%
Olive-rumped Serin Crithagra rothschildi
0%
Olive-sided Flycatcher Contopus cooperi
0%
Olive Sparrow Arremonops rufivirgatus
0%
Olive Spinetail Cranioleuca obsoleta
0%
Olive Straightbill Timeliopsis fulvigula
0%
Olive-striped Flycatcher Mionectes olivaceus
0%
Olive Sunbird Cyanomitra olivacea
0%
Olive-tree Warbler Hippolais olivetorum
0%
Olive Warbler Peucedramus taeniatus
0%
Olive Whistler Pachycephala olivacea
0%
Olive-winged Bulbul Pycnonotus plumosus
0%
Olive-yellow Robin Poecilodryas placens
0%
Olomao Myadestes lanaiensis
0%
Olrog's Cinclodes Cinclodes olrogi
0%
Omao Myadestes obscurus
0%
One-colored Becard Pachyramphus homochrous
0%
Opal-crowned Manakin Lepidothrix iris
0%
Opal-crowned Tanager Tangara callophrys
0%
Opal-rumped Tanager Tangara velia
0%
Orange-backed Troupial Icterus croconotus
0%
Orange-banded Flycatcher Nephelomyias lintoni
0%
Orange-banded Thrush Geokichla peronii
0%
Orange-bellied Antwren Terenura sicki
0%
Orange-bellied Euphonia Euphonia xanthogaster
0%
Orange-bellied Flowerpecker Dicaeum trigonostigma
0%
Orange-bellied Leafbird Chloropsis hardwickii
0%
Orange-bellied Manakin Lepidothrix suavissima
0%
Orange-billed Babbler Turdoides rufescens
0%
Orange-billed Nightingale-Thrush Catharus aurantiirostris
0%
Orange-billed Sparrow Arremon aurantiirostris
0%
Orange-breasted Bunting Passerina leclancherii
0%
Orange-breasted Fruiteater Pipreola jucunda
0%
Orange-breasted Laughingthrush Garrulax annamensis
0%
Orange-breasted Myzomela Myzomela jugularis
0%
Orange-breasted Sunbird Anthobaphes violacea
0%
Orange-breasted Thornbird Phacellodomus ferrugineigula
0%
Orange-browed Hemispingus Kleinothraupis calophrys
0%
Orange Bullfinch Pyrrhula aurantiaca
0%
Orange Chat Epthianura aurifrons
0%
Orange-cheeked Honeyeater Oreornis chrysogenys
0%
Orange-cheeked Waxbill Estrilda melpoda
0%
Orange-collared Manakin Manacus aurantiacus
0%
Orange-crested Flycatcher Myiophobus phoenicomitra
0%
Orange-crowned Euphonia Euphonia saturata
0%
Orange-crowned Fairywren Clytomyias insignis
0%
Orange-crowned Manakin Heterocercus aurantiivertex
0%
Orange-crowned Oriole Icterus auricapillus
0%
Orange-crowned Warbler Leiothlypis celata
0%
Orange-eared Tanager Chlorochrysa calliparaea
0%
Orange-eyed Flycatcher Tolmomyias traylori
0%
Orange-eyed Thornbird Phacellodomus erythrophthalmus
0%
Orange-fronted Plushcrown Metopothrix aurantiaca
0%
Orange-fronted Yellow-Finch Sicalis columbiana
0%
Orange Ground-Thrush Geokichla gurneyi
0%
Orange-headed Tanager Thlypopsis sordida
0%
Orange-headed Thrush Geokichla citrina
0%
Orange Minivet Pericrocotus flammeus
0%
Orange Oriole Icterus auratus
0%
Orangequit Euneornis campestris
0%
Orange River White-eye Zosterops pallidus
0%
Orange-spotted Bulbul Pycnonotus bimaculatus
0%
Orange-throated Longclaw Macronyx capensis
0%
Orange-throated Tanager Wetmorethraupis sterrhopteron
0%
Orange-tufted Spiderhunter Arachnothera flammifera
0%
Orange-tufted Sunbird Cinnyris bouvieri
0%
Orange Weaver Ploceus aurantius
0%
Orange-winged Pytilia Pytilia afra
0%
Orchard Oriole Icterus spurius
0%
Oriental Greenfinch Chloris sinica
0%
Oriental Magpie Pica serica
0%
Oriental Magpie-Robin Copsychus saularis
0%
Oriental Reed Warbler Acrocephalus orientalis
0%
Oriental Skylark Alauda gulgula
0%
Oriente Warbler Teretistris fornsi
0%
Orinocan Saltator Saltator orenocensis
0%
Orinoco Softtail Thripophaga cherriei
0%
Oriole Blackbird Gymnomystax mexicanus
0%
Oriole Cuckooshrike Lobotos oriolinus
0%
Oriole Finch Linurgus olivaceus
0%
Oriole Warbler Hypergerus atriceps
0%
Oriole Whistler Pachycephala orioloides
0%
Ornate Flycatcher Myiotriccus ornatus
0%
Ornate Melidectes Melidectes torquatus
0%
Ornate Stipplethroat Epinecrophylla ornata
0%
Ortolan Bunting Emberiza hortulana
0%
Ou Psittirostra psittacea
0%
Oustalet's Sunbird Cinnyris oustaleti
0%
Oustalet's Tyrannulet Phylloscartes oustaleti
0%
Ovenbird Seiurus aurocapilla
0%
Owston's Tit Sittiparus owstoni
0%
Pacific Antwren Myrmotherula pacifica
0%
Pacific Elaenia Myiopagis subplacens
0%
Pacific Flatbill Rhynchocyclus pacificus
0%
Pacific Robin Petroica pusilla
0%
Paddyfield Pipit Anthus rufulus
0%
Paddyfield Warbler Acrocephalus agricola
0%
Pagan Reed Warbler Acrocephalus yamashinae
0%
Painted Firetail Emblema pictum
0%
Painted Honeyeater Grantiella picta
0%
Painted Manakin Machaeropterus eckelberryi
0%
Painted Quail-thrush Cinclosoma ajax
0%
Painted Redstart Myioborus pictus
0%
Painted Tody-Flycatcher Todirostrum pictum
0%
Palani Laughingthrush Montecincla fairbanki
0%
Palau Bush Warbler Horornis annae
0%
Palau Fantail Rhipidura lepida
0%
Palau Flycatcher Myiagra erythrops
0%
Palawan Babbler Malacopteron palawanense
0%
Palawan Blue Flycatcher Cyornis lemprieri
0%
Palawan Flowerpecker Prionochilus plateni
0%
Palawan Flycatcher Ficedula platenae
0%
Palawan Striped-Babbler Zosterornis hypogrammicus
0%
Palawan Tit Periparus amabilis
0%
Pale Batis Batis soror
0%
Pale Baywing Agelaioides fringillarius
0%
Pale-bellied Mourner Rhytipterna immunda
0%
Pale-bellied Myna Acridotheres cinereus
0%
Pale-bellied Tapaculo Scytalopus griseicollis
0%
Pale-bellied Tyrant-Manakin Neopelma pallescens
0%
Pale-billed Antpitta Grallaria carrikeri
0%
Pale-billed Firefinch Lagonosticta landanae
0%
Pale-billed Flowerpecker Dicaeum erythrorhynchos
0%
Pale-billed Hornero Furnarius torridus
0%
Pale-billed Parrotbill Chleuasicus atrosuperciliaris
0%
Pale-billed Scrubwren Sericornis spilodera
0%
Pale-billed Sicklebill Drepanornis bruijnii
0%
Pale Blue Flycatcher Cyornis unicolor
0%
Pale-blue Monarch Hypothymis puella
0%
Pale-breasted Illadopsis Illadopsis rufipennis
0%
Pale-breasted Spinetail Synallaxis albescens
0%
Pale-breasted Thrush Turdus leucomelas
0%
Pale-browed Treehunter Cichlocolaptes leucophrus
0%
Pale-chinned Blue Flycatcher Cyornis poliogenys
0%
Pale Cicadabird Edolisoma ceramense
0%
Pale-crowned Cisticola Cisticola cinnamomeus
0%
Pale-edged Flycatcher Myiarchus cephalotes
0%
Pale-eyed Blackbird Agelasticus xanthophthalmus
0%
Pale-eyed Pygmy-Tyrant Atalotriccus pilaris
0%
Pale-eyed Thrush Turdus leucops
0%
Pale-faced Bare-eye Phlegopsis borbae
0%
Pale Flycatcher Agricola pallidus
0%
Pale-footed Bush Warbler Urosphena pallidipes
0%
Pale-footed Swallow Orochelidon flavipes
0%
Pale-fronted Nigrita Nigrita luteifrons
0%
Pale-headed Brushfinch Atlapetes pallidiceps
0%
Pale-headed Munia Lonchura pallida
0%
Pale-legged Hornero Furnarius leucopus
0%
Pale-legged Leaf Warbler Phylloscopus tenellipes
0%
Pale-legged Warbler Myiothlypis signata
0%
Pale-naped Brushfinch Atlapetes pallidinucha
0%
Pale-olive Greenbul Phyllastrephus fulviventris
0%
Pale Prinia Prinia somalica
0%
Pale Rockfinch Carpospiza brachydactyla
0%
Pale Rosefinch Carpodacus stoliczkae
0%
Pale Sand Martin Riparia diluta
0%
Pale-shouldered Cicadabird Edolisoma dohertyi
0%
Pale Spiderhunter Arachnothera dilutior
0%
Palestine Sunbird Cinnyris osea
0%
Pale-throated Pampa-Finch Embernagra longicauda
0%
Pale-throated Wren-Babbler Spelaeornis kinneari
0%
Pale Thrush Turdus pallidus
0%
Pale-tipped Tyrannulet Inezia caudata
0%
Pale-vented Thrush Turdus obsoletus
0%
Pale White-eye Zosterops flavilateralis
0%
Pale-winged Starling Onychognathus nabouroup
0%
Pale-yellow Robin Tregellasia capito
0%
Palila Loxioides bailleui
0%
Pallas's Bunting Emberiza pallasi
0%
Pallas's Grasshopper-Warbler Locustella certhiola
0%
Pallas's Leaf Warbler Phylloscopus proregulus
0%
Pallas's Rosefinch Carpodacus roseus
0%
Pallid Spinetail Cranioleuca pallida
0%
Palmchat Dulus dominicus
0%
Palm Crow Corvus palmarum
0%
Palm Tanager Thraupis palmarum
0%
Pampas Meadowlark Leistes defilippii
0%
Pampas Pipit Anthus chacoensis
0%
Panama Flycatcher Myiarchus panamensis
0%
Panay Striped-Babbler Zosterornis latistriatus
0%
Pangani Longclaw Macronyx aurantiigula
0%
Pantepui Thrush Turdus murinus
0%
Paperbark Flycatcher Myiagra nana
0%
Papuan Babbler Pomatostomus isidorei
0%
Papuan Black Myzomela Myzomela nigrita
0%
Papuan Cicadabird Edolisoma incertum
0%
Papuan Flycatcher Microeca papuana
0%
Papuan Grassbird Cincloramphus macrurus
0%
Papuan Logrunner Orthonyx novaeguineae
0%
Papuan Parrotfinch Erythrura papuana
0%
Papuan Pitta Erythropitta macklotii
0%
Papuan Scrub-Robin Drymodes beccarii
0%
Papuan Scrubwren Sericornis papuensis
0%
Papuan Sittella Daphoenositta papuensis
0%
Papuan Thornbill Acanthiza murina
0%
Papuan Treecreeper Cormobates placens
0%
Papuan Whipbird Androphobus viridis
0%
Papyrus Canary Crithagra koliensis
0%
Papyrus Gonolek Laniarius mufumbiri
0%
Papyrus Yellow-Warbler Calamonastides gracilirostris
0%
Paradise-crow Lycocorax pyrrhopterus
0%
Paradise Riflebird Ptiloris paradiseus
0%
Para Foliage-gleaner Automolus paraensis
0%
Paramillo Tapaculo Scytalopus canus
0%
Paramo Pipit Anthus bogotensis
0%
Paramo Seedeater Catamenia homochroa
0%
Paramo Tapaculo Scytalopus opacus
0%
Parana Antwren Stymphalornis acutirostris
0%
Parasitic Weaver Anomalospiza imberbis
0%
Pardusco Nephelornis oneilli
0%
Paria Brushfinch Arremon phygas
0%
Paria Redstart Myioborus pariae
0%
Parker's Antbird Cercomacroides parkeri
0%
Parker's Spinetail Cranioleuca vulpecula
0%
Parodi's Hemispingus Kleinothraupis parodii
0%
Parrot-billed Seedeater Sporophila peruviana
0%
Parrot-billed Sparrow Passer gongonensis
0%
Patagonian Canastero Pseudasthenes patagonica
0%
Patagonian Forest Earthcreeper Upucerthia saturatior
0%
Patagonian Mockingbird Mimus patagonicus
0%
Patagonian Sierra-Finch Phrygilus patagonicus
0%
Patagonian Tyrant Colorhamphus parvirostris
0%
Patagonian Yellow-Finch Sicalis lebruni
0%
Pearl-breasted Swallow Hirundo dimidiata
0%
Pearled Treerunner Margarornis squamiger
0%
Pearly Antshrike Megastictus margaritatus
0%
Pearly-bellied Seedeater Sporophila pileata
0%
Pearly-breasted Conebill Conirostrum margaritae
0%
Pearly-eyed Thrasher Margarops fuscatus
0%
Pearly-vented Tody-Tyrant Hemitriccus margaritaceiventer
0%
Pechora Pipit Anthus gustavi
0%
Pectoral Antwren Herpsilochmus pectoralis
0%
Pectoral-patch Cisticola Cisticola brunnescens
0%
Pectoral Sparrow Arremon taciturnus
0%
Peg-billed Finch Acanthidops bairdi
0%
Pelzeln's Tody-Tyrant Hemitriccus inornatus
0%
Pemba Sunbird Cinnyris pembae
0%
Pemba White-eye Zosterops vaughani
0%
Pere David's Laughingthrush Ianthocincla davidi
0%
Pere David's Snowfinch Montifringilla davidiana
0%
Pere David's Tit Poecile davidi
0%
Perija Brushfinch Arremon perijanus
0%
Perija Tapaculo Scytalopus perijanus
0%
Perija Thistletail Asthenes perijana
0%
Pernambuco Foliage-gleaner Automolus lammi
0%
Perplexing Scrubwren Sericornis virgatus
0%
Persian Wheatear Oenanthe chrysopygia
0%
Peruvian Antpitta Grallaricula peruviana
0%
Peruvian Martin Progne murphyi
0%
Peruvian Meadowlark Leistes bellicosus
0%
Peruvian Pipit Anthus peruvianus
0%
Peruvian Plantcutter Phytotoma raimondii
0%
Peruvian Recurvebill Syndactyla ucayalae
0%
Peruvian Sierra-Finch Phrygilus punensis
0%
Peruvian Tyrannulet Zimmerius viridiflavus
0%
Peruvian Warbling-Antbird Hypocnemis peruviana
0%
Peruvian Wren Cinnycerthia peruana
0%
Peters's Twinspot Hypargos niveoguttatus
0%
Petit's Cuckooshrike Campephaga petiti
0%
Philippine Bulbul Hypsipetes philippinus
0%
Philippine Bush Warbler Horornis seebohmi
0%
Philippine Fairy-bluebird Irena cyanogastra
0%
Philippine Leafbird Chloropsis flavipennis
0%
Philippine Leaf Warbler Phylloscopus olivaceus
0%
Philippine Magpie-Robin Copsychus mindanensis
0%
Philippine Oriole Oriolus steerii
0%
Philippine Pied-Fantail Rhipidura nigritorquis
0%
Piapiac Ptilostomus afer
0%
Pictorella Munia Heteromunia pectoralis
0%
Pied Bushchat Saxicola caprata
0%
Pied Butcherbird Cracticus nigrogularis
0%
Pied-crested Tit-Tyrant Anairetes reguloides
0%
Pied Cuckooshrike Coracina bicolor
0%
Pied Honeyeater Certhionyx variegatus
0%
Pied Monarch Arses kaupi
0%
Pied Shrike-Babbler Pteruthius flaviscapis
0%
Pied Thrush Geokichla wardii
0%
Pied Triller Lalage nigra
0%
Pied Water-Tyrant Fluvicola pica
0%
Pied Wheatear Oenanthe pleschanka
0%
Pied-winged Swallow Hirundo leucosoma
0%
Pilbara Grasswren Amytornis whitei
0%
Pileated Finch Coryphospingus pileatus
0%
Pileated Flycatcher Xenotriccus mexicanus
0%
Pilotbird Pycnoptilus floccosus
0%
Pine Bunting Emberiza leucocephalos
0%
Pine Flycatcher Empidonax affinis
0%
Pink-billed Lark Spizocorys conirostris
0%
Pink-billed Parrotfinch Erythrura kleinschmidti
0%
Pink-breasted Lark Calendulauda poecilosterna
0%
Pink-browed Rosefinch Carpodacus rodochroa
0%
Pink-footed Puffback Dryoscopus angolensis
0%
Pink-headed Warbler Cardellina versicolor
0%
Pink-legged Graveteiro Acrobatornis fonsecai
0%
Pink Robin Petroica rodinogaster
0%
Pink-rumped Rosefinch Carpodacus waltoni
0%
Pink-throated Becard Pachyramphus minor
0%
Pink-throated Twinspot Hypargos margaritatus
0%
Pin-striped Tit-Babbler Mixornis gularis
0%
Pin-tailed Manakin Ilicura militaris
0%
Pin-tailed Parrotfinch Erythrura prasina
0%
Pin-tailed Whydah Vidua macroura
0%
Pinto's Spinetail Synallaxis infuscata
0%
Piping Bellbird Ornorectes cristatus
0%
Piping Cisticola Cisticola fulvicapilla
0%
Piping Crow Corvus typicus
0%
Pipipi Mohoua novaeseelandiae
0%
Piratic Flycatcher Legatus leucophaius
0%
Pirre Chlorospingus Chlorospingus inornatus
0%
Pirre Warbler Basileuterus ignotus
0%
Pitcairn Reed Warbler Acrocephalus vaughani
0%
Piura Chat-Tyrant Ochthoeca piurae
0%
Plain Antvireo Dysithamnus mentalis
0%
Plain-backed Antpitta Grallaria haplonota
0%
Plain-backed Pipit Anthus leucophrys
0%
Plain-backed Sparrow Passer flaveolus
0%
Plain-backed Sunbird Anthreptes reichenowi
0%
Plain-brown Woodcreeper Dendrocincla fuliginosa
0%
Plain-capped Ground-Tyrant Muscisaxicola alpinus
0%
Plain-colored Seedeater Catamenia inornata
0%
Plain-colored Tanager Tangara inornata
0%
Plain-crested Elaenia Elaenia cristata
0%
Plain-crowned Spinetail Synallaxis gujanensis
0%
Plain Flowerpecker Dicaeum minullum
0%
Plain Gerygone Gerygone inornata
0%
Plain Greenbul Eurillas curvirostris
0%
Plain Honeyeater Pycnopygius ixoides
0%
Plain Leaf Warbler Phylloscopus neglectus
0%
Plain-mantled Tit-Spinetail Leptasthenura aegithaloides
0%
Plain Martin Riparia paludicola
0%
Plain Mountain-Finch Leucosticte nemoricola
0%
Plain Prinia Prinia inornata
0%
Plain Softtail Thripophaga fusciceps
0%
Plain Sunbird Anthreptes simplex
0%
Plain-tailed Warbling-Finch Microspingus alticola
0%
Plain-tailed Wren Pheugopedius euophrys
0%
Plain-throated Antwren Isleria hauxwelli
0%
Plain Tyrannulet Inezia inornata
0%
Plain White-eye Zosterops hypolais
0%
Plain-winged Antshrike Thamnophilus schistaceus
0%
Plain-winged Antwren Myrmotherula behni
0%
Plain-winged Woodcreeper Dendrocincla turdina
0%
Plain Xenops Xenops minutus
0%
Planalto Slaty-Antshrike Thamnophilus pelzelni
0%
Planalto Tapaculo Scytalopus pachecoi
0%
Planalto Tyrannulet Phyllomyias fasciatus
0%
Planalto Woodcreeper Dendrocolaptes platyrostris
0%
Pleske's Grasshopper-Warbler Locustella pleskei
0%
Plumbeous Antbird Myrmelastes hyperythrus
0%
Plumbeous Antvireo Dysithamnus plumbeus
0%
Plumbeous-backed Thrush Turdus reevei
0%
Plumbeous Black-Tyrant Knipolegus cabanisi
0%
Plumbeous-crowned Tyrannulet Phyllomyias plumbeiceps
0%
Plumbeous Euphonia Euphonia plumbea
0%
Plumbeous Redstart Phoenicurus fuliginosus
0%
Plumbeous Seedeater Sporophila plumbea
0%
Plumbeous Sierra-Finch Geospizopsis unicolor
0%
Plumbeous Vireo Vireo plumbeus
0%
Plumbeous Warbler Setophaga plumbea
0%
Plum-headed Finch Neochmia modesta
0%
Plum-throated Cotinga Cotinga maynana
0%
Plushcap Catamblyrhynchus diadema
0%
Plush-crested Jay Cyanocorax chrysops
0%
Pohnpei Fantail Rhipidura kubaryi
0%
Pohnpei Flycatcher Myiagra pluto
0%
Pohnpei Starling Aplonis pelzelni
0%
Pohnpei White-eye Zosterops ponapensis
0%
Point-tailed Palmcreeper Berlepschia rikeri
0%
Pollen's Vanga Xenopirostris polleni
0%
Polynesian Starling Aplonis tabuensis
0%
Polynesian Triller Lalage maculosa
0%
Pompadour Cotinga Xipholena punicea
0%
Poo-uli Melamprosops phaeosoma
0%
Prairie Warbler Setophaga discolor
0%
Predicted Antwren Herpsilochmus praedictus
0%
Preuss's Swallow Petrochelidon preussi
0%
Preuss's Weaver Ploceus preussi
0%
Prigogine's Greenbul Chlorocichla prigoginei
0%
Prigogine's Sunbird Cinnyris prigoginei
0%
Prince Henry's Laughingthrush Trochalopteron henrici
0%
Principe Golden-Weaver Ploceus princeps
0%
Principe Seedeater Crithagra rufobrunnea
0%
Principe Speirops Zosterops leucophaeus
0%
Principe Starling Lamprotornis ornatus
0%
Principe Sunbird Anabathmis hartlaubii
0%
Principe Thrush Turdus xanthorhynchus
0%
Principe White-eye Zosterops ficedulinus
0%
Pringle's Puffback Dryoscopus pringlii
0%
Pririt Batis Batis pririt
0%
Protea Canary Crithagra leucoptera
0%
Prothonotary Warbler Protonotaria citrea
0%
Przevalski's Nuthatch Sitta przewalskii
0%
Przevalski's Pinktail Urocynchramus pylzowi
0%
Puaiohi Myadestes palmeri
0%
Puerto Rican Bullfinch Melopyrrha portoricensis
0%
Puerto Rican Flycatcher Myiarchus antillarum
0%
Puerto Rican Oriole Icterus portoricensis
0%
Puerto Rican Spindalis Spindalis portoricensis
0%
Puerto Rican Tanager Nesospingus speculiferus
0%
Puerto Rican Vireo Vireo latimeri
0%
Puff-backed Bulbul Brachypodius eutilotus
0%
Puff-backed Honeyeater Meliphaga aruensis
0%
Puff-throated Babbler Pellorneum ruficeps
0%
Puff-throated Bulbul Alophoixus pallidus
0%
Pulitzer's Longbill Macrosphenus pulitzeri
0%
Puna Canastero Asthenes sclateri
0%
Puna Ground-Tyrant Muscisaxicola juninensis
0%
Puna Miner Geositta punensis
0%
Puna Tapaculo Scytalopus simonsi
0%
Puna Thistletail Asthenes helleri
0%
Puna Yellow-Finch Sicalis lutea
0%
Purple-backed Fairywren Malurus assimilis
0%
Purple-banded Sunbird Cinnyris bifasciatus
0%
Purple-breasted Cotinga Cotinga cotinga
0%
Purple-breasted Sunbird Nectarinia purpureiventris
0%
Purple Cochoa Cochoa purpurea
0%
Purple Finch Haemorhous purpureus
0%
Purple-gaped Honeyeater Lichenostomus cratitius
0%
Purple Grenadier Granatina ianthinogaster
0%
Purple-headed Starling Hylopsar purpureiceps
0%
Purple Honeycreeper Cyanerpes caeruleus
0%
Purple Indigobird Vidua purpurascens
0%
Purple-naped Spiderhunter Kurochkinegramma hypogrammicum
0%
Purple-rumped Sunbird Leptocoma zeylonica
0%
Purple Starling Lamprotornis purpureus
0%
Purple Sunbird Cinnyris asiaticus
0%
Purple-throated Cotinga Porphyrolaema porphyrolaema
0%
Purple-throated Cuckooshrike Campephaga quiscalina
0%
Purple-throated Euphonia Euphonia chlorotica
0%
Purple-throated Fruitcrow Querula purpurata
0%
Purple-throated Sunbird Leptocoma sperata
0%
Purplish-backed Jay Cyanocorax beecheii
0%
Purplish Jay Cyanocorax cyanomelas
0%
Purplish-mantled Tanager Iridosornis porphyrocephalus
0%
Puvel's Illadopsis Illadopsis puveli
0%
Pygmy Antwren Myrmotherula brachyura
0%
Pygmy Batis Batis perkeo
0%
Pygmy Cuckooshrike Celebesia abbotti
0%
Pygmy Cupwing Pnoepyga pusilla
0%
Pygmy Flowerpecker Dicaeum pygmaeum
0%
Pygmy Flycatcher Ficedula hodgsoni
0%
Pygmy Longbill Oedistoma pygmaeum
0%
Pygmy Sunbird Hedydipna platura
0%
Pygmy Tit Psaltria exilis
0%
Pygmy White-eye Oculocincta squamifrons
0%
Quailfinch Ortygospiza atricollis
0%
Quailfinch Indigobird Vidua nigeriae
0%
Rachel's Malimbe Malimbus racheliae
0%
Racket-tailed Treepie Crypsirina temia
0%
Radde's Accentor Prunella ocularis
0%
Radde's Warbler Phylloscopus schwarzi
0%
Raiatea Starling Aplonis ulietensis
0%
Raimondi's Yellow-Finch Sicalis raimondii
0%
Raja Ampat Pitohui Pitohui cerviniventris
0%
Rand's Warbler Randia pseudozosterops
0%
Rarotonga Monarch Pomarea dimidiata
0%
Rarotonga Starling Aplonis cinerascens
0%
Ratchet-tailed Treepie Temnurus temnurus
0%
Rattling Cisticola Cisticola chiniana
0%
Razo Skylark Alauda razae
0%
Recurve-billed Bushbird Clytoctantes alixii
0%
Red-and-black Grosbeak Periporphyrus erythromelas
0%
Red-and-black Thrush Geokichla mendeni
0%
Red-and-white Antpitta Grallaria erythroleuca
0%
Red-and-white Spinetail Certhiaxis mustelinus
0%
Red Avadavat Amandava amandava
0%
Red-backed Scrub-Robin Cercotrichas leucophrys
0%
Red-backed Sierra-Finch Idiopsar dorsalis
0%
Red-banded Flowerpecker Dicaeum eximium
0%
Red-banded Fruiteater Pipreola whitelyi
0%
Red-bellied Grackle Hypopyrrhus pyrohypogaster
0%
Red-bellied Malimbe Malimbus erythrogaster
0%
Red-bellied Myzomela Myzomela malaitae
0%
Red-billed Blue-Magpie Urocissa erythroryncha
0%
Red-billed Buffalo-Weaver Bubalornis niger
0%
Red-billed Firefinch Lagonosticta senegala
0%
Red-billed Helmetshrike Prionops caniceps
0%
Red-billed Leiothrix Leiothrix lutea
0%
Red-billed Pied Tanager Lamprospiza melanoleuca
0%
Red-billed Pytilia Pytilia lineata
0%
Red-billed Scimitar-Babbler Pomatorhinus ochraceiceps
0%
Red-billed Scythebill Campylorhamphus trochilirostris
0%
Red-billed Starling Spodiopsar sericeus
0%
Red-billed Tyrannulet Zimmerius cinereicapilla
0%
Red-billed Woodcreeper Hylexetastes perrotii
0%
Red-breasted Chat Granatellus venustus
0%
Red-breasted Flycatcher Ficedula parva
0%
Red-breasted Meadowlark Leistes militaris
0%
Red-breasted Wheatear Oenanthe bottae
0%
Red-browed Firetail Neochmia temporalis
0%
Red-browed Pardalote Pardalotus rubricatus
0%
Red-browed Treecreeper Climacteris erythrops
0%
Red-capped Crombec Sylvietta ruficapilla
0%
Red-capped Flowerpecker Dicaeum geelvinkianum
0%
Red-capped Lark Calandrella cinerea
0%
Red-capped Manakin Ceratopipra mentalis
0%
Red-capped Robin Petroica goodenovii
0%
Red-capped Robin-Chat Cossypha natalensis
0%
Red-cheeked Cordonbleu Uraeginthus bengalus
0%
Red-cheeked Wattle-eye Platysteira blissetti
0%
Red-chested Flowerpecker Dicaeum maugei
0%
Red-chested Sunbird Cinnyris erythrocercus
0%
Red-chested Swallow Hirundo lucida
0%
Red-collared Mountain-Babbler Turdoides rufocincta
0%
Red-collared Myzomela Myzomela rosenbergii
0%
Red-collared Widowbird Euplectes ardens
0%
Red-cowled Cardinal Paroaria dominicana
0%
Red-crested Cotinga Ampelion rubrocristatus
0%
Red-crested Finch Coryphospingus cucullatus
0%
Red-crowned Ant-Tanager Habia rubica
0%
Red-crowned Malimbe Malimbus coronatus
0%
Reddish-winged Bare-eye Phlegopsis erythroptera
0%
Red-eared Firetail Stagonopleura oculata
0%
Red-eared Parrotfinch Erythrura coloria
0%
Red-eyed Bulbul Pycnonotus brunneus
0%
Red-eyed Puffback Dryoscopus senegalensis
0%
Red-faced Cisticola Cisticola erythrops
0%
Red-faced Crimsonwing Cryptospiza reichenovii
0%
Red-faced Crombec Sylvietta whytii
0%
Red-faced Liocichla Liocichla phoenicea
0%
Red-faced Pytilia Pytilia hypogrammica
0%
Red-faced Spinetail Cranioleuca erythrops
0%
Red-faced Warbler Cardellina rubrifrons
0%
Red-faced Woodland-Warbler Phylloscopus laetus
0%
Red-flanked Bluetail Tarsiger cyanurus
0%
Red Fody Foudia madagascariensis
0%
Red-fronted Antpecker Parmoptila rubrifrons
0%
Red-fronted Prinia Prinia rufifrons
0%
Red-fronted Rosefinch Carpodacus puniceus
0%
Red-headed Bluebill Spermophaga ruficapilla
0%
Red-headed Bullfinch Pyrrhula erythrocephala
0%
Red-headed Bunting Emberiza bruniceps
0%
Red-headed Cisticola Cisticola subruficapilla
0%
Red-headed Finch Amadina erythrocephala
0%
Red-headed Fody Foudia eminentissima
0%
Red-headed Malimbe Malimbus rubricollis
0%
Red-headed Manakin Ceratopipra rubrocapilla
0%
Red-headed Myzomela Myzomela erythrocephala
0%
Red-headed Parrotfinch Erythrura cyaneovirens
0%
Red-headed Quelea Quelea erythrops
0%
Red-headed Tanager Piranga erythrocephala
0%
Red-headed Weaver Anaplectes rubriceps
0%
Red-hooded Tanager Piranga rubriceps
0%
Red-keeled Flowerpecker Dicaeum australe
0%
Red Lark Calendulauda burra
0%
Red-legged Honeycreeper Cyanerpes cyaneus
0%
Red-legged Thrush Turdus plumbeus
0%
Red-lored Whistler Pachycephala rufogularis
0%
Red-mantled Rosefinch Carpodacus rhodochlamys
0%
Red Myzomela Myzomela cruentata
0%
Red-naped Bushshrike Laniarius ruficeps
0%
Red-necked Tanager Tangara cyanocephala
0%
Red-pate Cisticola Cisticola ruficeps
0%
Red-ruffed Fruitcrow Pyroderus scutatus
0%
Red-rumped Bush-Tyrant Cnemarchus erythropygius
0%
Red-rumped Cacique Cacicus haemorrhous
0%
Red-rumped Swallow Cecropis daurica
0%
Red-rumped Wheatear Oenanthe moesta
0%
Red Sea Swallow Petrochelidon perdita
0%
Red-shouldered Blackbird Agelaius assimilis
0%
Red-shouldered Cuckooshrike Campephaga phoenicea
0%
Red-shouldered Spinetail Synallaxis hellmayri
0%
Red-shouldered Tanager Tachyphonus phoenicius
0%
Red-shouldered Vanga Calicalicus rufocarpalis
0%
Red Siskin Spinus cucullatus
0%
Red-tailed Ant-Thrush Neocossyphus rufus
0%
Red-tailed Bristlebill Bleda syndactylus
0%
Red-tailed Greenbul Criniger calurus
0%
Red-tailed Laughingthrush Trochalopteron milnei
0%
Red-tailed Minla Minla ignotincta
0%
Red-tailed Newtonia Newtonia fanovanae
0%
Red-tailed Shrike Lanius phoenicuroides
0%
Red-tailed Vanga Calicalicus madagascariensis
0%
Red-throated Alethe Chamaetylas poliophrys
0%
Red-throated Ant-Tanager Habia fuscicauda
0%
Red-throated Parrotfinch Erythrura psittacea
0%
Red-throated Pipit Anthus cervinus
0%
Red-throated Sunbird Anthreptes rhodolaemus
0%
Red-throated Swallow Petrochelidon rufigula
0%
Red-throated Thrush Turdus ruficollis
0%
Red-throated Tit Melaniparus fringillinus
0%
Red-tufted Sunbird Nectarinia johnstoni
0%
Red-vented Bulbul Pycnonotus cafer
0%
Red-vented Malimbe Malimbus scutatus
0%
Red Warbler Cardellina rubra
0%
Red Wattlebird Anthochaera carunculata
0%
Red-whiskered Bulbul Pycnonotus jocosus
0%
Red-winged Fairywren Malurus elegans
0%
Red-winged Gray Warbler Drymocichla incana
0%
Red-winged Lark Mirafra hypermetra
0%
Red-winged Laughingthrush Trochalopteron formosum
0%
Red-winged Prinia Prinia erythroptera
0%
Red-winged Pytilia Pytilia phoenicoptera
0%
Red-winged Starling Onychognathus morio
0%
Reed Parrotbill Paradoxornis heudei
0%
Regal Sunbird Cinnyris regius
0%
Regent Honeyeater Anthochaera phrygia
0%
Regent Whistler Pachycephala schlegelii
0%
Reichard's Seedeater Crithagra reichardi
0%
Reichenbach's Sunbird Anabathmis reichenbachii
0%
Reichenow's Firefinch Lagonosticta umbrinodorsalis
0%
Reichenow's Seedeater Crithagra reichenowi
0%
Reiser's Tyrannulet Phyllomyias reiseri
0%
Rennell Fantail Rhipidura rennelliana
0%
Rennell Shrikebill Clytorhynchus hamlini
0%
Rennell Starling Aplonis insularis
0%
Rennell Whistler Pachycephala feminina
0%
Rennell White-eye Zosterops rennellianus
0%
Restinga Antwren Formicivora littoralis
0%
Restinga Tyrannulet Phylloscartes kronei
0%
Restless Flycatcher Myiagra inquieta
0%
Retz's Helmetshrike Prionops retzii
0%
Reunion Bulbul Hypsipetes borbonicus
0%
Reunion Cuckooshrike Lalage newtoni
0%
Reunion Fody Foudia delloni
0%
Reunion Gray White-eye Zosterops borbonicus
0%
Reunion Starling Fregilupus varius
0%
Reunion Stonechat Saxicola tectes
0%
Reunion White-eye Zosterops olivaceus
0%
Ribbon-tailed Astrapia Astrapia mayeri
0%
Ribbon-tailed Drongo Dicrurus megarhynchus
0%
Richard's Pipit Anthus richardi
0%
Rifleman Acanthisitta chloris
0%
Rimitara Reed Warbler Acrocephalus rimitarae
0%
Ringed Antpipit Corythopis torquatus
0%
Ringed Warbling-Finch Microspingus torquatus
0%
Rio Branco Antbird Cercomacra carbonaria
0%
Rio de Janeiro Antbird Cercomacra brasiliana
0%
Rio de Janeiro Antwren Myrmotherula fluminensis
0%
Rio Madeira Stipplethroat Epinecrophylla amazonica
0%
Rio Negro Gnatcatcher Polioptila facilis
0%
Rio Orinoco Spinetail Synallaxis beverlyae
0%
Rio Suno Antwren Myrmotherula sunensis
0%
Riparian Antbird Cercomacroides fuscicauda
0%
Riverbank Warbler Myiothlypis rivularis
0%
River Prinia Prinia fluviatilis
0%
Riverside Tyrant Knipolegus orenocensis
0%
Riverside Wren Cantorchilus semibadius
0%
River Tyrannulet Serpophaga hypoleuca
0%
River Warbler Locustella fluviatilis
0%
Roberts's Warbler Oreophilais robertsi
0%
Robin Accentor Prunella rubeculoides
0%
Robust White-eye Zosterops strenuus
0%
Rock Bunting Emberiza cia
0%
Rock Earthcreeper Ochetorhynchus andaecola
0%
Rockefeller's Sunbird Cinnyris rockefelleri
0%
Rock Firefinch Lagonosticta sanguinodorsalis
0%
Rock-loving Cisticola Cisticola aberrans
0%
Rock Martin Ptyonoprogne fuligula
0%
Rockrunner Achaetops pycnopygius
0%
Rock Sparrow Petronia petronia
0%
Rock Tapaculo Scytalopus petrophilus
0%
Rockwarbler Origma solitaria
0%
Rodrigues Fody Foudia flavicans
0%
Rodrigues Starling Necropsar rodericanus
0%
Rodrigues Warbler Acrocephalus rodericanus
0%
Rondonia Bushbird Clytoctantes atrogularis
0%
Rondonia Warbling-Antbird Hypocnemis ochrogyna
0%
Rondonia Woodcreeper Lepidocolaptes fuscicapillus
0%
Roraiman Antbird Myrmelastes saturatus
0%
Roraiman Antwren Herpsilochmus roraimae
0%
Roraiman Barbtail Roraimia adusta
0%
Roraiman Flycatcher Myiophobus roraimae
0%
Rose-bellied Bunting Passerina rositae
0%
Rose-breasted Chat Granatellus pelzelni
0%
Rose-collared Piha Lipaugus streptophorus
0%
Rose Robin Petroica rosea
0%
Rose-throated Becard Pachyramphus aglaiae
0%
Rose-throated Tanager Piranga roseogularis
0%
Rosy Minivet Pericrocotus roseus
0%
Rosy-patched Bushshrike Rhodophoneus cruentus
0%
Rosy Pipit Anthus roseatus
0%
Rosy Starling Pastor roseus
0%
Rosy-throated Longclaw Macronyx ameliae
0%
Rosy Thrush-Tanager Rhodinocichla rosea
0%
Rota White-eye Zosterops rotensis
0%
Rote Leaf Warbler Phylloscopus rotiensis
0%
Rote Myzomela Myzomela irianawidodoae
0%
Rotuma Myzomela Myzomela chermesina
0%
Rough-legged Tyrannulet Phyllomyias burmeisteri
0%
Round-tailed Manakin Ceratopipra chloromeros
0%
Royal Cinclodes Cinclodes aricomae
0%
Royal Flycatcher Onychorhynchus coronatus
0%
Royal Parrotfinch Erythrura regia
0%
Ruaha Chat Myrmecocichla collaris
0%
Rubeho Akalat Sheppardia aurantiithorax
0%
Ruby-cheeked Sunbird Chalcoparia singalensis
0%
Ruby-crowned Tanager Tachyphonus coronatus
0%
Ruby-throated Bulbul Rubigula dispar
0%
Ruby-throated Myzomela Myzomela eques
0%
Rück's Blue Flycatcher Cyornis ruckii
0%
Rudd's Apalis Apalis ruddi
0%
Rudd's Lark Heteromirafra ruddi
0%
Ruddy-breasted Seedeater Sporophila minuta
0%
Ruddy-capped Nightingale-Thrush Catharus frantzii
0%
Ruddy Foliage-gleaner Clibanornis rubiginosus
0%
Ruddy Spinetail Synallaxis rutilans
0%
Ruddy-tailed Flycatcher Terenotriccus erythrurus
0%
Ruddy Tody-Flycatcher Poecilotriccus russatus
0%
Ruddy Treerunner Margarornis rubiginosus
0%
Ruddy Woodcreeper Dendrocincla homochroa
0%
Rufescent Antshrike Thamnistes rufescens
0%
Rufescent Prinia Prinia rufescens
0%
Rufescent White-eye Tephrozosterops stalkeri
0%
Rufous-and-white Wren Thryophilus rufalbus
0%
Rufous Antpitta Grallaria rufula
0%
Rufous Babbler Turdoides subrufa
0%
Rufous-backed Antvireo Dysithamnus xanthopterus
0%
Rufous-backed Bunting Emberiza jankowskii
0%
Rufous-backed Fantail Rhipidura rufidorsa
0%
Rufous-backed Honeyeater Ptiloprora guisei
0%
Rufous-backed Inca-Finch Incaspiza personata
0%
Rufous-backed Redstart Phoenicurus erythronotus
0%
Rufous-backed Robin Turdus rufopalliatus
0%
Rufous-backed Sibia Minla annectens
0%
Rufous-backed Stipplethroat Epinecrophylla haematonota
0%
Rufous-backed Treehunter Thripadectes scrutator
0%
Rufous-banded Honeyeater Conopophila albogularis
0%
Rufous-banded Miner Geositta rufipennis
0%
Rufous-bellied Antwren Isleria guttata
0%
Rufous-bellied Bush-Tyrant Myiotheretes fuscorufus
0%
Rufous-bellied Euphonia Euphonia rufiventris
0%
Rufous-bellied Helmetshrike Prionops rufiventris
0%
Rufous-bellied Mountain-Tanager Pseudosaltator rufiventris
0%
Rufous-bellied Niltava Niltava sundara
0%
Rufous-bellied Swallow Cecropis badia
0%
Rufous-bellied Thrush Turdus rufiventris
0%
Rufous-bellied Tit Melaniparus rufiventris
0%
Rufous-bellied Triller Lalage aurea
0%
Rufous-breasted Accentor Prunella strophiata
0%
Rufous-breasted Antthrush Formicarius rufipectus
0%
Rufous-breasted Bush-Robin Tarsiger hyperythrus
0%
Rufous-breasted Chat-Tyrant Ochthoeca rufipectoralis
0%
Rufous-breasted Flycatcher Leptopogon rufipectus
0%
Rufous-breasted Leaftosser Sclerurus scansor
0%
Rufous-breasted Spinetail Synallaxis erythrothorax
0%
Rufous-breasted Warbling-Finch Poospiza rubecula
0%
Rufous-breasted Wren Pheugopedius rutilus
0%
Rufous Bristlebird Dasyornis broadbenti
0%
Rufous-browed Conebill Conirostrum rufum
0%
Rufous-browed Flycatcher Anthipes solitaris
0%
Rufous-browed Hemispingus Poospiza rufosuperciliaris
0%
Rufous-browed Peppershrike Cyclarhis gujanensis
0%
Rufous-browed Tyrannulet Phylloscartes superciliaris
0%
Rufous-browed Wren Troglodytes rufociliatus
0%
Rufous-brown Solitaire Cichlopsis leucogenys
0%
Rufous Cacholote Pseudoseisura unirufa
0%
Rufous-capped Antshrike Thamnophilus ruficapillus
0%
Rufous-capped Antthrush Formicarius colma
0%
Rufous-capped Babbler Cyanoderma ruficeps
0%
Rufous-capped Brushfinch Atlapetes pileatus
0%
Rufous-capped Lark Calandrella eremica
0%
Rufous-capped Spinetail Synallaxis ruficapilla
0%
Rufous-capped Warbler Basileuterus rufifrons
0%
Rufous Casiornis Casiornis rufus
0%
Rufous Chatterer Turdoides rubiginosa
0%
Rufous-cheeked Laughingthrush Garrulax castanotis
0%
Rufous-cheeked Tanager Tangara rufigenis
0%
Rufous-chested Flycatcher Ficedula dumetoria
0%
Rufous-chested Swallow Cecropis semirufa
0%
Rufous-chested Tanager Thlypopsis ornata
0%
Rufous-chinned Laughingthrush Ianthocincla rufogularis
0%
Rufous Cisticola Cisticola rufus
0%
Rufous-collared Robin Turdus rufitorques
0%
Rufous-collared Sparrow Zonotrichia capensis
0%
Rufous-crested Tanager Creurgops verticalis
0%
Rufous-crowned Antpitta Pittasoma rufopileatum
0%
Rufous-crowned Babbler Malacopteron magnum
0%
Rufous-crowned Elaenia Elaenia ruficeps
0%
Rufous-crowned Emuwren Stipiturus ruficeps
0%
Rufous-crowned Eremomela Eremomela badiceps
0%
Rufous-crowned Greenlet Hylophilus poicilotis
0%
Rufous-crowned Laughingthrush Ianthocincla ruficeps
0%
Rufous-crowned Sparrow Aimophila ruficeps
0%
Rufous-crowned Tody-Flycatcher Poecilotriccus ruficeps
0%
Rufous-eared Brushfinch Atlapetes rufigenis
0%
Rufous-eared Warbler Malcorus pectoralis
0%
Rufous-faced Antbird Myrmelastes rufifacies
0%
Rufous-faced Antpitta Grallaria erythrotis
0%
Rufous-faced Warbler Abroscopus albogularis
0%
Rufous Fantail Rhipidura rufifrons
0%
Rufous Fieldwren Calamanthus campestris
0%
Rufous Flycatcher Myiarchus semirufus
0%
Rufous Flycatcher-Thrush Neocossyphus fraseri
0%
Rufous-fronted Antthrush Formicarius rufifrons
0%
Rufous-fronted Babbler Cyanoderma rufifrons
0%
Rufous-fronted Laughingthrush Garrulax rufifrons
0%
Rufous-fronted Prinia Prinia buchanani
0%
Rufous-fronted Tailorbird Orthotomus frontalis
0%
Rufous-fronted Thornbird Phacellodomus rufifrons
0%
Rufous Gnateater Conopophaga lineata
0%
Rufous-gorgeted Flycatcher Ficedula strophiata
0%
Rufous-headed Parrotbill Psittiparus bakeri
0%
Rufous-headed Pygmy-Tyrant Pseudotriccus ruficeps
0%
Rufous-headed Robin Larvivora ruficeps
0%
Rufous-headed Tailorbird Phyllergates heterolaemus
0%
Rufous-headed Tanager Hemithraupis ruficapilla
0%
Rufous-lored Tyrannulet Phylloscartes flaviventris
0%
Rufous Monarch Symposiachrus rubiensis
0%
Rufous Mourner Rhytipterna holerythra
0%
Rufous-naped Bellbird Aleadryas rufinucha
0%
Rufous-naped Greenlet Pachysylvia semibrunnea
0%
Rufous-naped Ground-Tyrant Muscisaxicola rufivertex
0%
Rufous-naped Lark Mirafra africana
0%
Rufous-naped Tit Periparus rufonuchalis
0%
Rufous-naped Wren Campylorhynchus rufinucha
0%
Rufous-necked Foliage-gleaner Syndactyla ruficollis
0%
Rufous-necked Laughingthrush Ianthocincla ruficollis
0%
Rufous-necked Snowfinch Montifringilla ruficollis
0%
Rufous Paradise-Flycatcher Terpsiphone cinnamomea
0%
Rufous Piha Lipaugus unirufus
0%
Rufous-rumped Antwren Euchrepomis callinota
0%
Rufous-rumped Foliage-gleaner Philydor erythrocercum
0%
Rufous-rumped Lark Pinarocorys erythropygia
0%
Rufous-rumped Seedeater Sporophila hypochroma
0%
Rufous Scrub-bird Atrichornis rufescens
0%
Rufous Sibia Heterophasia capistrata
0%
Rufous-sided Broadbill Smithornis rufolateralis
0%
Rufous-sided Gerygone Gerygone dorsalis
0%
Rufous-sided Honeyeater Ptiloprora erythropleura
0%
Rufous-sided Pygmy-Tyrant Euscarthmus rufomarginatus
0%
Rufous-sided Warbling-Finch Poospizopsis hypochondria
0%
Rufous Songlark Cincloramphus mathewsi
0%
Rufous Spinetail Synallaxis unirufa
0%
Rufous-tailed Antbird Drymophila genei
0%
Rufous-tailed Antthrush Chamaeza ruficauda
0%
Rufous-tailed Attila Attila phoenicurus
0%
Rufous-tailed Babbler Chrysomma poecilotis
0%
Rufous-tailed Fantail Rhipidura phoenicura
0%
Rufous-tailed Flatbill Ramphotrigon ruficauda
0%
Rufous-tailed Flycatcher Myiarchus validus
0%
Rufous-tailed Foliage-gleaner Anabacerthia ruficaudata
0%
Rufous-tailed Lark Ammomanes phoenicura
0%
Rufous-tailed Palm-Thrush Cichladusa ruficauda
0%
Rufous-tailed Plantcutter Phytotoma rara
0%
Rufous-tailed Robin Larvivora sibilans
0%
Rufous-tailed Rock-Thrush Monticola saxatilis
0%
Rufous-tailed Scrub-Robin Cercotrichas galactotes
0%
Rufous-tailed Shama Copsychus pyrropygus
0%
Rufous-tailed Stipplethroat Epinecrophylla erythrura
0%
Rufous-tailed Tailorbird Orthotomus sericeus
0%
Rufous-tailed Tyrant Knipolegus poecilurus
0%
Rufous-tailed Weaver Histurgops ruficauda
0%
Rufous-tailed Xenops Microxenops milleri
0%
Rufous-throated Antbird Gymnopithys rufigula
0%
Rufous-throated Dipper Cinclus schulzii
0%
Rufous-throated Flycatcher Ficedula rufigula
0%
Rufous-throated Fulvetta Schoeniparus rufogularis
0%
Rufous-throated Honeyeater Conopophila rufogularis
0%
Rufous-throated Solitaire Myadestes genibarbis
0%
Rufous-throated Tanager Ixothraupis rufigula
0%
Rufous-throated Wren-Babbler Spelaeornis caudatus
0%
Rufous Treecreeper Climacteris rufus
0%
Rufous Treepie Dendrocitta vagabunda
0%
Rufous Twistwing Cnipodectes superrufus
0%
Rufous Vanga Schetba rufa
0%
Rufous-vented Grass Babbler Laticilla burnesii
0%
Rufous-vented Laughingthrush Ianthocincla gularis
0%
Rufous-vented Niltava Niltava sumatrana
0%
Rufous-vented Paradise-Flycatcher Terpsiphone rufocinerea
0%
Rufous-vented Tapaculo Scytalopus femoralis
0%
Rufous-vented Tit Periparus rubidiventris
0%
Rufous-vented Yuhina Yuhina occipitalis
0%
Rufous-webbed Bush-Tyrant Polioxolmis rufipennis
0%
Rufous Whistler Pachycephala rufiventris
0%
Rufous-winged Antshrike Thamnophilus torquatus
0%
Rufous-winged Antwren Herpsilochmus rufimarginatus
0%
Rufous-winged Cisticola Cisticola galactotes
0%
Rufous-winged Fulvetta Schoeniparus castaneceps
0%
Rufous-winged Illadopsis Illadopsis rufescens
0%
Rufous-winged Philentoma Philentoma pyrhoptera
0%
Rufous-winged Sparrow Peucaea carpalis
0%
Rufous-winged Sunbird Cinnyris rufipennis
0%
Rufous-winged Tanager Tangara lavinia
0%
Rufous-winged Tyrannulet Mecocerculus calopterus
0%
Rufous Wren Cinnycerthia unirufa
0%
Rüppell's Chat Myrmecocichla melaena
0%
Rüppell's Robin-Chat Cossypha semirufa
0%
Rüppell's Starling Lamprotornis purpuroptera
0%
Rüppell's Warbler Sylvia ruppeli
0%
Russet Antshrike Thamnistes anabatinus
0%
Russet-backed Oropendola Psarocolius angustifrons
0%
Russet-bellied Spinetail Synallaxis zimmeri
0%
Russet Bush Warbler Locustella mandelli
0%
Russet-capped Tesia Tesia everetti
0%
Russet-crowned Warbler Myiothlypis coronata
0%
Russet-mantled Foliage-gleaner Syndactyla dimidiata
0%
Russet-mantled Softtail Thripophaga berlepschi
0%
Russet Nightingale-Thrush Catharus occidentalis
0%
Russet Sparrow Passer cinnamomeus
0%
Russet-tailed Thrush Zoothera heinei
0%
Russet-winged Schiffornis Schiffornis stenorhyncha
0%
Russet-winged Spadebill Platyrinchus leucoryphus
0%
Rust-and-yellow Tanager Thlypopsis ruficeps
0%
Rustic Bunting Emberiza rustica
0%
Rusty-backed Antwren Formicivora rufa
0%
Rusty-backed Monjita Xolmis rubetra
0%
Rusty-backed Spinetail Cranioleuca vulpina
0%
Rusty-backed Thrush Geokichla erythronota
0%
Rusty-bellied Brushfinch Atlapetes nationi
0%
Rusty-bellied Shortwing Brachypteryx hyperythra
0%
Rusty-belted Tapaculo Liosceles thoracicus
0%
Rusty-breasted Antpitta Grallaricula ferrugineipectus
0%
Rusty-breasted Whistler Pachycephala fulvotincta
0%
Rusty-breasted Wren-Babbler Turdinus rufipectus
0%
Rusty-browed Warbling-Finch Microspingus erythrophrys
0%
Rusty-capped Fulvetta Schoeniparus dubius
0%
Rusty-cheeked Scimitar-Babbler Megapomatorhinus erythrogenys
0%
Rusty-collared Seedeater Sporophila collaris
0%
Rusty-crowned Babbler Sterrhoptilus capitalis
0%
Rusty-crowned Ground-Sparrow Melozone kieneri
0%
Rusty-crowned Tit-Spinetail Leptasthenura pileata
0%
Rusty-flanked Jungle-Flycatcher Vauriella insignis
0%
Rusty-flanked Treecreeper Certhia nipalensis
0%
Rusty Flowerpiercer Diglossa sittoides
0%
Rusty-fronted Barwing Actinodura egertoni
0%
Rusty-fronted Canastero Asthenes ottonis
0%
Rusty-fronted Tody-Flycatcher Poecilotriccus latirostris
0%
Rusty Grasswren Amytornis rowleyi
0%
Rusty-headed Spinetail Synallaxis fuscorufa
0%
Rusty Lark Mirafra rufa
0%
Rusty Laughingthrush Ianthocincla poecilorhyncha
0%
Rusty-margined Flycatcher Myiozetetes cayanensis
0%
Rusty Mouse-Warbler Crateroscelis murina
0%
Rusty-naped Pitta Hydrornis oatesi
0%
Rusty Pitohui Pseudorectes ferrugineus
0%
Rusty Sparrow Aimophila rufescens
0%
Rusty-tailed Flycatcher Ficedula ruficauda
0%
Rusty Thicketbird Cincloramphus rubiginosus
0%
Rusty-throated Parrotbill Sinosuthora przewalskii
0%
Rusty-throated Wren-Babbler Spelaeornis badeigularis
0%
Rusty-tinged Antpitta Grallaria przewalskii
0%
Rusty Whistler Pachycephala hyperythra
0%
Rusty-winged Barbtail Premnornis guttuliger
0%
Rusty-winged Starling Aplonis zelandica
0%
Rwenzori Apalis Oreolais ruwenzorii
0%
Rwenzori Batis Batis diops
0%
Rwenzori Hill Babbler Sylvia atriceps
0%
Ryukyu Minivet Pericrocotus tegimae
0%
Ryukyu Robin Larvivora komadori
0%
Sabine's Puffback Dryoscopus sabini
0%
Sabota Lark Calendulauda sabota
0%
Sad Flycatcher Myiarchus barbirostris
0%
Saffron-billed Sparrow Arremon flavirostris
0%
Saffron-breasted Redstart Myioborus cardonai
0%
Saffron-cowled Blackbird Xanthopsar flavus
0%
Saffron-crested Tyrant-Manakin Neopelma chrysocephalum
0%
Saffron-crowned Tanager Tangara xanthocephala
0%
Saffron Siskin Spinus siemiradzkii
0%
Sagebrush Sparrow Artemisiospiza nevadensis
0%
Sage Thrasher Oreoscoptes montanus
0%
Sahel Bush Sparrow Gymnoris dentata
0%
Sahel Paradise-Whydah Vidua orientalis
0%
Saipan Reed Warbler Acrocephalus hiwae
0%
Sakalava Weaver Ploceus sakalava
0%
Sakhalin Grasshopper-Warbler Locustella amnicola
0%
Sakhalin Leaf Warbler Phylloscopus borealoides
0%
Salinas Monjita Xolmis salinarum
0%
Saltmarsh Sparrow Ammospiza caudacuta
0%
Salvadori's Antwren Myrmotherula minor
0%
Salvadori's Eremomela Eremomela salvadorii
0%
Salvadori's Serin Crithagra xantholaema
0%
Salvadori's Weaver Ploceus dichrocephalus
0%
Samoan Fantail Rhipidura nebulosa
0%
Samoan Flycatcher Myiagra albiventris
0%
Samoan Myzomela Myzomela nigriventris
0%
Samoan Starling Aplonis atrifusca
0%
Samoan Triller Lalage sharpei
0%
Samoan Whistler Pachycephala flavifrons
0%
Samoan White-eye Zosterops samoensis
0%
San Andres Vireo Vireo caribaeus
0%
San Blas Jay Cyanocorax sanblasianus
0%
San Cristobal Mockingbird Mimus melanotis
0%
Sandhill Grasswren Amytornis oweni
0%
Sand Lark Alaudala raytal
0%
Sandstone Shrikethrush Colluricincla woodwardi
0%
Sandy Gallito Teledromas fuscus
0%
Sanford's White-eye Woodfordia lacertosa
0%
Sangihe Golden-Bulbul Alophoixus platenae
0%
Sangihe Pitta Erythropitta caeruleitorques
0%
Sangihe Whistler Coracornis sanghirensis
0%
Sangihe White-eye Zosterops nehrkorni
0%
Sangkar White-eye Zosterops melanurus
0%
Santa Cruz Shrikebill Clytorhynchus sanctaecrucis
0%
Santa Cruz White-eye Zosterops sanctaecrucis
0%
Santa Marta Antbird Drymophila hellmayri
0%
Santa Marta Antpitta Grallaria bangsi
0%
Santa Marta Brushfinch Atlapetes melanocephalus
0%
Santa Marta Bush-Tyrant Myiotheretes pernix
0%
Santa Marta Foliage-gleaner Clibanornis rufipectus
0%
Santa Marta Tapaculo Scytalopus sanctaemartae
0%
Santa Marta Warbler Myiothlypis basilica
0%
Santa Marta Wren Troglodytes monticola
0%
Sao Francisco Sparrow Arremon franciscanus
0%
Sao Paulo Tyrannulet Phylloscartes paulista
0%
Sao Tome Grosbeak Crithagra concolor
0%
Sao Tome Oriole Oriolus crassirostris
0%
Sao Tome Paradise-Flycatcher Terpsiphone atrochalybeia
0%
Sao Tome Prinia Prinia molleri
0%
Sao Tome Short-tail Motacilla bocagii
0%
Sao Tome Sunbird Dreptes thomensis
0%
Sao Tome Thrush Turdus olivaceofuscus
0%
Sao Tome Weaver Ploceus sanctithomae
0%
Sao Tome White-eye Zosterops feae
0%
Sapayoa Sapayoa aenigma
0%
Sapphire Flycatcher Ficedula sapphira
0%
Sardinian Warbler Sylvia melanocephala
0%
Sassi's Greenbul Phyllastrephus lorenzi
0%
Satin Flycatcher Myiagra cyanoleuca
0%
Saturnine Antshrike Thamnomanes saturninus
0%
Savannah Sparrow Passerculus sandwichensis
0%
Savi's Warbler Locustella luscinioides
0%
Saxaul Sparrow Passer ammodendri
0%
Sayaca Tanager Thraupis sayaca
0%
Say's Phoebe Sayornis saya
0%
Scale-crested Pygmy-Tyrant Lophotriccus pileatus
0%
Scaled Antbird Drymophila squamata
0%
Scaled Antpitta Grallaria guatimalensis
0%
Scaled Flowerpiercer Diglossa duidae
0%
Scaled Fruiteater Ampelioides tschudii
0%
Scaled Spinetail Cranioleuca muelleri
0%
Scaled Woodcreeper Lepidocolaptes squamatus
0%
Scale-throated Earthcreeper Upucerthia dumetaria
0%
Scallop-breasted Antpitta Grallaricula loricata
0%
Scalloped Antbird Myrmoderus ruficauda
0%
Scalloped Woodcreeper Lepidocolaptes falcinellus
0%
Scaly Babbler Turdoides squamulata
0%
Scaly-breasted Bulbul Rubigula squamata
0%
Scaly-breasted Cupwing Pnoepyga albiventer
0%
Scaly-breasted Illadopsis Illadopsis albipectus
0%
Scaly-breasted Munia Lonchura punctulata
0%
Scaly-breasted Thrasher Allenia fusca
0%
Scaly-breasted Wren Microcerculus marginatus
0%
Scaly Chatterer Turdoides aylmeri
0%
Scaly-crowned Babbler Malacopteron cinereum
0%
Scaly Laughingthrush Trochalopteron subunicolor
0%
Scaly-throated Foliage-gleaner Anabacerthia variegaticeps
0%
Scaly-throated Leaftosser Sclerurus guatemalensis
0%
Scaly Thrush Zoothera dauma
0%
Scaly Weaver Sporopipes squamifrons
0%
Scarlet-and-white Tanager Chrysothlypis salmoni
0%
Scarlet-backed Flowerpecker Dicaeum cruentatum
0%
Scarlet-bellied Mountain-Tanager Anisognathus igniventris
0%
Scarlet-breasted Dacnis Dacnis berlepschi
0%
Scarlet-breasted Flowerpecker Prionochilus thoracicus
0%
Scarlet-breasted Fruiteater Pipreola frontalis
0%
Scarlet-browed Tanager Heterospingus xanthopygius
0%
Scarlet-chested Sunbird Chalcomitra senegalensis
0%
Scarlet-collared Flowerpecker Dicaeum retrocinctum
0%
Scarlet-faced Liocichla Liocichla ripponi
0%
Scarlet Finch Carpodacus sipahi
0%
Scarlet-headed Blackbird Amblyramphus holosericeus
0%
Scarlet-headed Flowerpecker Dicaeum trochileum
0%
Scarlet-horned Manakin Ceratopipra cornuta
0%
Scarlet Minivet Pericrocotus speciosus
0%
Scarlet Myzomela Myzomela sanguinolenta
0%
Scarlet-naped Myzomela Myzomela lafargei
0%
Scarlet Robin Petroica boodang
0%
Scarlet-rumped Cacique Cacicus uropygialis
0%
Scarlet-rumped Tanager Ramphocelus passerinii
0%
Scarlet-thighed Dacnis Dacnis venusta
0%
Scarlet-throated Tanager Compsothraupis loricata
0%
Schlegel's Asity Philepitta schlegeli
0%
Schneider's Pitta Hydrornis schneideri
0%
Schwartz's Antthrush Chamaeza turdina
0%
Scimitar-billed Woodcreeper Drymornis bridgesii
0%
Scimitar-winged Piha Lipaugus uropygialis
0%
Sclater's Antwren Myrmotherula sclateri
0%
Sclater's Lark Spizocorys sclateri
0%
Sclater's Myzomela Myzomela sclateri
0%
Sclater's Tyrannulet Phyllomyias sclateri
0%
Sclater's Whistler Pachycephala soror
0%
Screaming Cowbird Molothrus rufoaxillaris
0%
Screaming Piha Lipaugus vociferans
0%
Scribble-tailed Canastero Asthenes maculicauda
0%
Scrub Blackbird Dives warczewiczi
0%
Scrub Euphonia Euphonia affinis
0%
Scrub Greenlet Hylophilus flavipes
0%
Scrub Honeyeater Meliphaga albonotata
0%
Scrub Tanager Stilpnia vitriolina
0%
Scrubtit Acanthornis magna
0%
Scrub Warbler Scotocerca inquieta
0%
Seaside Cinclodes Cinclodes nigrofumosus
0%
Seaside Sparrow Ammospiza maritima
0%
Sedge Warbler Acrocephalus schoenobaenus
0%
Sedge Wren Cistothorus platensis
0%
Selva Cacique Cacicus koepckeae
0%
Semicollared Flycatcher Ficedula semitorquata
0%
Semper's Warbler Leucopeza semperi
0%
Senegal Batis Batis senegalensis
0%
Senegal Eremomela Eremomela pusilla
0%
Sennar Penduline-Tit Anthoscopus punctifrons
0%
Sentinel Rock-Thrush Monticola explorator
0%
Sepia-capped Flycatcher Leptopogon amaurocephalus
0%
Seram Friarbird Philemon subcorniculatus
0%
Seram Golden-Bulbul Alophoixus affinis
0%
Seram Honeyeater Lichmera monticola
0%
Seram Myzomela Myzomela blasii
0%
Seram Oriole Oriolus forsteni
0%
Seram Thrush Geokichla joiceyi
0%
Seram White-eye Zosterops stalkeri
0%
Serra Antwren Formicivora serrana
0%
Serra do Mar Tyrannulet Phylloscartes difficilis
0%
Serra do Mar Tyrant-Manakin Neopelma chrysolophum
0%
Seven-colored Tanager Tangara fastuosa
0%
Seychelles Bulbul Hypsipetes crassirostris
0%
Seychelles Fody Foudia sechellarum
0%
Seychelles Magpie-Robin Copsychus sechellarum
0%
Seychelles Paradise-Flycatcher Terpsiphone corvina
0%
Seychelles Sunbird Cinnyris dussumieri
0%
Seychelles Warbler Acrocephalus sechellensis
0%
Seychelles White-eye Zosterops modestus
0%
Shade Warbler Horornis parens
0%
Shaft-tailed Whydah Vidua regia
0%
Sharp-beaked Ground-Finch Geospiza difficilis
0%
Sharpbill Oxyruncus cristatus
0%
Sharp-billed Canastero Asthenes pyrrholeuca
0%
Sharp-billed Treehunter Heliobletus contaminatus
0%
Sharpe's Akalat Sheppardia sharpei
0%
Sharpe's Apalis Apalis sharpii
0%
Sharpe's Drongo Dicrurus sharpei
0%
Sharpe's Longclaw Hemimacronyx sharpei
0%
Sharpe's Rosefinch Carpodacus verreauxii
0%
Sharpe's Starling Pholia sharpii
0%
Sharpe's Wren Cinnycerthia olivascens
0%
Sharp-tailed Starling Lamprotornis acuticaudus
0%
Sharp-tailed Streamcreeper Lochmias nematura
0%
Sharp-tailed Tyrant Culicivora caudacuta
0%
Shear-tailed Gray Tyrant Muscipipra vetula
0%
Shelley's Crimsonwing Cryptospiza shelleyi
0%
Shelley's Greenbul Arizelocichla masukuensis
0%
Shelley's Oliveback Nesocharis shelleyi
0%
Shelley's Rufous Sparrow Passer shelleyi
0%
Shelley's Starling Lamprotornis shelleyi
0%
Shelley's Sunbird Cinnyris shelleyi
0%
Shining Drongo Dicrurus atripennis
0%
Shining Flycatcher Myiagra alecto
0%
Shining Honeycreeper Cyanerpes lucidus
0%
Shining Sunbird Cinnyris habessinicus
0%
Shiny Cowbird Molothrus bonariensis
0%
Shiny Whistling-Thrush Myophonus melanurus
0%
Short-bearded Melidectes Melidectes nouhuysi
0%
Short-billed Canastero Asthenes baeri
0%
Short-billed Chlorospingus Chlorospingus parvirostris
0%
Short-billed Crombec Sylvietta philippae
0%
Short-billed Honeycreeper Cyanerpes nitidus
0%
Short-billed Leaftosser Sclerurus rufigularis
0%
Short-billed Miner Geositta antarctica
0%
Short-billed Minivet Pericrocotus brevirostris
0%
Short-billed Pipit Anthus furcatus
0%
Short-clawed Lark Certhilauda chuana
0%
Short-crested Flycatcher Myiarchus ferox
0%
Short-crested Monarch Hypothymis helenae
0%
Short-tailed Antthrush Chamaeza campanisona
0%
Short-tailed Babbler Pellorneum malaccense
0%
Short-tailed Batis Batis mixta
0%
Short-tailed Field Tyrant Muscigralla brevicauda
0%
Short-tailed Finch Idiopsar brachyurus
0%
Short-tailed Grasswren Amytornis merrotsyi
0%
Short-tailed Lark Spizocorys fremantlii
0%
Short-tailed Paradigalla Paradigalla brevicauda
0%
Short-tailed Parrotbill Neosuthora davidiana
0%
Short-tailed Pipit Anthus brachyurus
0%
Short-tailed Pygmy-Tyrant Myiornis ecaudatus
0%
Short-tailed Scimitar-Babbler Napothera danjoui
0%
Short-tailed Starling Aplonis minor
0%
Short-toed Rock-Thrush Monticola brevipes
0%
Short-toed Treecreeper Certhia brachydactyla
0%
Shrike-like Cotinga Laniisoma elegans
0%
Shy Heathwren Hylacola cauta
0%
Siao Pitta Erythropitta palliceps
0%
Siberian Accentor Prunella montanella
0%
Siberian Blue Robin Larvivora cyane
0%
Siberian Rubythroat Calliope calliope
0%
Siberian Stonechat Saxicola maurus
0%
Siberian Thrush Geokichla sibirica
0%
Sibilant Sirystes Sirystes sibilator
0%
Sichuan Bush Warbler Locustella chengi
0%
Sichuan Jay Perisoreus internigrans
0%
Sichuan Leaf Warbler Phylloscopus forresti
0%
Sichuan Thrush Zoothera griseiceps
0%
Sichuan Tit Poecile weigoldicus
0%
Sichuan Treecreeper Certhia tianquanensis
0%
Sickle-billed Vanga Falculea palliata
0%
Sickle-winged Chat Emarginata sinuata
0%
Sierra Leone Prinia Schistolais leontica
0%
Sierra Madre Ground-Warbler Robsonius thompsoni
0%
Sierra Madre Sparrow Xenospiza baileyi
0%
Sierran Elaenia Elaenia pallatangae
0%
Sierra Nevada Brushfinch Arremon basilicus
0%
Siffling Cisticola Cisticola brachypterus
0%
Sikkim Treecreeper Certhia discolor
0%
Sillem's Rosefinch Carpodacus sillemi
0%
Silver-backed Butcherbird Cracticus argenteus
0%
Silver-beaked Tanager Ramphocelus carbo
0%
Silverbird Melaenornis semipartitus
0%
Silver-breasted Broadbill Serilophus lunatus
0%
Silver-crowned Friarbird Philemon argenticeps
0%
Silver-eared Honeyeater Lichmera alboauricularis
0%
Silver-eared Laughingthrush Trochalopteron melanostigma
0%
Silver-eared Mesia Leiothrix argentauris
0%
Silvered Antbird Sclateria naevia
0%
Silvereye Zosterops lateralis
0%
Silver Oriole Oriolus mellianus
0%
Silver-throated Tanager Tangara icterocephala
0%
Silver-throated Tit Aegithalos glaucogularis
0%
Silvery-cheeked Antshrike Sakesphorus cristatus
0%
Silvery-fronted Tapaculo Scytalopus argentifrons
0%
Silvery Tanager Stilpnia viridicollis
0%
Silvery-throated Jay Cyanolyca argentigula
0%
Silvery-throated Spinetail Synallaxis subpudica
0%
Simple Greenbul Chlorocichla simplex
0%
Sinai Rosefinch Carpodacus synoicus
0%
Sinaloa Crow Corvus sinaloae
0%
Sinaloa Martin Progne sinaloae
0%
Sinaloa Wren Thryophilus sinaloa
0%
Sincora Antwren Formicivora grantsaui
0%
Sind Sparrow Passer pyrrhonotus
0%
Singing Bushlark Mirafra cantillans
0%
Singing Cisticola Cisticola cantans
0%
Singing Honeyeater Gavicalis virescens
0%
Singing Starling Aplonis cantoroides
0%
Sira Tanager Stilpnia phillipsi
0%
Sjöstedt's Greenbul Baeopogon clamans
0%
Slate-colored Antbird Myrmelastes schistaceus
0%
Slate-colored Boubou Laniarius funebris
0%
Slate-colored Grosbeak Saltator grossus
0%
Slate-colored Seedeater Sporophila schistacea
0%
Slate-colored Solitaire Myadestes unicolor
0%
Slate-crowned Antpitta Grallaricula nana
0%
Slate-headed Tody-Flycatcher Poecilotriccus sylvia
0%
Slate-throated Gnatcatcher Polioptila schistaceigula
0%
Slate-throated Redstart Myioborus miniatus
0%
Slaty Antwren Myrmotherula schisticolor
0%
Slaty-backed Chat-Tyrant Ochthoeca cinnamomeiventris
0%
Slaty-backed Flycatcher Ficedula erithacus
0%
Slaty-backed Forktail Enicurus schistaceus
0%
Slaty-backed Hemispingus Poospiza goeringi
0%
Slaty-backed Nightingale-Thrush Catharus fuscater
0%
Slaty-backed Thornbill Acanthiza robustirostris
0%
Slaty-backed Thrush Geokichla schistacea
0%
Slaty Becard Pachyramphus spodiurus
0%
Slaty-bellied Tesia Tesia olivea
0%
Slaty-blue Flycatcher Ficedula tricolor
0%
Slaty Bristlefront Merulaxis ater
0%
Slaty Brushfinch Atlapetes schistaceus
0%
Slaty Bunting Emberiza siemsseni
0%
Slaty-capped Flycatcher Leptopogon superciliaris
0%
Slaty-capped Shrike-Vireo Vireolanius leucotis
0%
Slaty-chinned Longbill Toxorhamphus poliopterus
0%
Slaty Cuckooshrike Coracina schistacea
0%
Slaty Elaenia Elaenia strepera
0%
Slaty Finch Spodiornis rusticus
0%
Slaty Flowerpiercer Diglossa plumbea
0%
Slaty Gnateater Conopophaga ardesiaca
0%
Slaty Monarch Mayrornis lessoni
0%
Slaty Spinetail Synallaxis brachyura
0%
Slaty Tanager Creurgops dentatus
0%
Slaty Vireo Vireo brevipennis
0%
Slaty-winged Foliage-gleaner Philydor fuscipenne
0%
Slender Antbird Rhopornis ardesiacus
0%
Slender-billed Babbler Turdoides longirostris
0%
Slender-billed Crow Corvus enca
0%
Slender-billed Finch Xenospingus concolor
0%
Slender-billed Grackle Quiscalus palustris
0%
Slender-billed Greenbul Stelgidillas gracilirostris
0%
Slender-billed Miner Geositta tenuirostris
0%
Slender-billed Oriole Oriolus tenuirostris
0%
Slender-billed Scimitar-Babbler Pomatorhinus superciliaris
0%
Slender-billed Starling Onychognathus tenuirostris
0%
Slender-billed Thornbill Acanthiza iredalei
0%
Slender-billed Tyrannulet Inezia tenuirostris
0%
Slender-billed Weaver Ploceus pelzelni
0%
Slender-billed White-eye Zosterops tenuirostris
0%
Slender-billed Xenops Xenops tenuirostris
0%
Slender-footed Tyrannulet Zimmerius gracilipes
0%
Slender-tailed Cisticola Cisticola melanurus
0%
Small-billed Elaenia Elaenia parvirostris
0%
Small Ground-Finch Geospiza fuliginosa
0%
Small-headed Elaenia Elaenia sordida
0%
Small Lifou White-eye Zosterops minutus
0%
Small Minivet Pericrocotus cinnamomeus
0%
Small Niltava Niltava macgrigoriae
0%
Small Tree-Finch Camarhynchus parvulus
0%
Smith's Longspur Calcarius pictus
0%
Smoke-colored Pewee Contopus fumigatus
0%
Smoky Bush-Tyrant Myiotheretes fumigatus
0%
Smoky-fronted Tody-Flycatcher Poecilotriccus fumifrons
0%
Smoky Honeyeater Melipotes fumigatus
0%
Smoky Robin Peneothello cryptoleuca
0%
Smoky Warbler Phylloscopus fuligiventer
0%
Snethlage's Antpitta Hylopezus paraensis
0%
Snethlage's Tody-Tyrant Hemitriccus minor
0%
Snow-capped Manakin Lepidothrix nattereri
0%
Snow Mountain Munia Lonchura montana
0%
Snow Mountain Robin Petroica archboldi
0%
Snowy-browed Flycatcher Ficedula hyperythra
0%
Snowy-browed Nuthatch Sitta villosa
0%
Snowy-cheeked Laughingthrush Ianthocincla sukatschewi
0%
Snowy Cotinga Carpodectes nitidus
0%
Snowy-crowned Robin-Chat Cossypha niveicapilla
0%
Snowy-throated Babbler Stachyris oglei
0%
Snowy-throated Kingbird Tyrannus niveigularis
0%
Sociable Weaver Philetairus socius
0%
Social Flycatcher Myiozetetes similis
0%
Society Islands Reed Warbler Acrocephalus musae
0%
Socorro Mockingbird Mimus graysoni
0%
Socorro Wren Troglodytes sissonii
0%
Socotra Bunting Emberiza socotrana
0%
Socotra Cisticola Cisticola haesitatus
0%
Socotra Grosbeak Rhynchostruthus socotranus
0%
Socotra Sparrow Passer insularis
0%
Socotra Starling Onychognathus frater
0%
Socotra Sunbird Chalcomitra balfouri
0%
Socotra Warbler Incana incana
0%
Sokoke Pipit Anthus sokokensis
0%
Solitary Black Cacique Cacicus solitarius
0%
Solomons Cuckooshrike Edolisoma holopolium
0%
Solomons White-eye Zosterops kulambangrae
0%
Somali Bunting Emberiza poliopleura
0%
Somali Crombec Sylvietta isabellina
0%
Somali Crow Corvus edithae
0%
Somali Fiscal Lanius somalicus
0%
Somali Grosbeak Rhynchostruthus louisae
0%
Somali Long-billed Lark Mirafra somalica
0%
Somali Short-toed Lark Alaudala somalica
0%
Somali Sparrow Passer castanopterus
0%
Somali Starling Onychognathus blythii
0%
Somali Thrush Turdus ludoviciae
0%
Somali Tit Melaniparus thruppi
0%
Somali Wheatear Oenanthe phillipsi
0%
Sombre Greenbul Andropadus importunus
0%
Sombre Rock Chat Oenanthe dubia
0%
Sombre Tit Poecile lugubris
0%
Song Wren Cyphorhinus phaeocephalus
0%
Sooretama Slaty-Antshrike Thamnophilus ambiguus
0%
Sooty Antbird Hafferia fortis
0%
Sooty Ant-Tanager Habia gutturalis
0%
Sooty Babbler Stachyris herberti
0%
Sooty-capped Babbler Malacopteron affine
0%
Sooty-capped Chlorospingus Chlorospingus pileatus
0%
Sooty Chat Myrmecocichla nigra
0%
Sooty-crowned Flycatcher Myiarchus phaeocephalus
0%
Sooty-faced Finch Arremon crassirostris
0%
Sooty Flycatcher Bradornis fuliginosus
0%
Sooty-fronted Spinetail Synallaxis frontalis
0%
Sooty Grassquit Asemospiza fuliginosa
0%
Sooty-headed Bulbul Pycnonotus aurigaster
0%
Sooty-headed Tyrannulet Phyllomyias griseiceps
0%
Sooty-headed Wren Pheugopedius spadix
0%
Sooty Melidectes Melidectes fuscus
0%
Sooty Myzomela Myzomela tristrami
0%
Sooty Shrikethrush Colluricincla tenebrosa
0%
Sooty Thicket-Fantail Rhipidura threnothorax
0%
Sooty Thrush Turdus nigrescens
0%
Sooty Tit Aegithalos fuliginosus
0%
Sooty Tyrannulet Serpophaga nigricans
0%
Souimanga Sunbird Cinnyris sovimanga
0%
South African Swallow Petrochelidon spilodera
0%
Southern Anteater-Chat Myrmecocichla formicivora
0%
Southern Antpipit Corythopis delalandi
0%
Southern Beardless-Tyrannulet Camptostoma obsoletum
0%
Southern Bentbill Oncostoma olivaceum
0%
Southern Black-Flycatcher Melaenornis pammelaina
0%
Southern Black-Tit Melaniparus niger
0%
Southern Boubou Laniarius ferrugineus
0%
Southern Bristle-Tyrant Phylloscartes eximius
0%
Southern Brown-throated Weaver Ploceus xanthopterus
0%
Southern Citril Crithagra hyposticta
0%
Southern Cordonbleu Uraeginthus angolensis
0%
Southern Double-collared Sunbird Cinnyris chalybeus
0%
Southern Emuwren Stipiturus malachurus
0%
Southern Fiscal Lanius collaris
0%
Southern Gray-headed Sparrow Passer diffusus
0%
Southern Grosbeak-Canary Crithagra buchanani
0%
Southern Hill Myna Gracula indica
0%
Southern Hyliota Hyliota australis
0%
Southern Marquesan Reed Warbler Acrocephalus mendanae
0%
Southern Martin Progne elegans
0%
Southern Masked-Weaver Ploceus velatus
0%
Southern Penduline-Tit Anthoscopus minutus
0%
Southern Pied-Babbler Turdoides bicolor
0%
Southern Red Bishop Euplectes orix
0%
Southern Scrub-Flycatcher Sublegatus modestus
0%
Southern Scrub-Robin Drymodes brunneopygia
0%
Southern Shrikebill Clytorhynchus pachycephaloides
0%
Southern Tchagra Tchagra tchagra
0%
Southern Variable Pitohui Pitohui uropygialis
0%
Southern Whiteface Aphelocephala leucopsis
0%
South Georgia Pipit Anthus antarcticus
0%
South Island Kokako Callaeas cinereus
0%
South Island Piopio Turnagra capensis
0%
South Island Robin Petroica australis
0%
South Island Saddleback Philesturnus carunculatus
0%
South Island Wren Xenicus gilviventris
0%
South Melanesian Cuckooshrike Coracina caledonica
0%
South Moluccan Pitta Erythropitta rubrinucha
0%
South Pare White-eye Zosterops winifredae
0%
Souza's Shrike Lanius souzae
0%
Spangle-cheeked Tanager Tangara dowii
0%
Spangled Cotinga Cotinga cayana
0%
Spangled Drongo Dicrurus bracteatus
0%
Spangled Honeyeater Melipotes ater
0%
Speckle-breasted Antpitta Hylopezus nattereri
0%
Speckle-breasted Wren Pheugopedius sclateri
0%
Speckled Mourner Laniocera rufescens
0%
Speckled Spinetail Cranioleuca gutturata
0%
Speckled Tanager Ixothraupis guttata
0%
Speckled Warbler Pyrrholaemus sagittatus
0%
Speckle-fronted Weaver Sporopipes frontalis
0%
Spectacled Barwing Actinodura ramsayi
0%
Spectacled Bristle-Tyrant Phylloscartes orbitalis
0%
Spectacled Bulbul Rubigula erythropthalmos
0%
Spectacled Finch Callacanthis burtoni
0%
Spectacled Fulvetta Fulvetta ruficapilla
0%
Spectacled Longbill Oedistoma iliolophus
0%
Spectacled Monarch Symposiachrus trivirgatus
0%
Spectacled Parrotbill Sinosuthora conspicillata
0%
Spectacled Prickletail Siptornis striaticollis
0%
Spectacled Redstart Myioborus melanocephalus
0%
Spectacled Spiderhunter Arachnothera flavigaster
0%
Spectacled Tetraka Xanthomixis zosterops
0%
Spectacled Thrush Turdus nudigenis
0%
Spectacled Tyrannulet Zimmerius improbus
0%
Spectacled Tyrant Hymenops perspicillatus
0%
Spectacled Warbler Sylvia conspicillata
0%
Spectacled Weaver Ploceus ocularis
0%
Speke's Weaver Ploceus spekei
0%
Spike-heeled Lark Chersomanes albofasciata
0%
Spillmann's Tapaculo Scytalopus spillmanni
0%
Spinifexbird Poodytes carteri
0%
Spiny Babbler Turdoides nipalensis
0%
Spiny-cheeked Honeyeater Acanthagenys rufogularis
0%
Spiny-faced Antshrike Xenornis setifrons
0%
Spix's Spinetail Synallaxis spixi
0%
Spix's Warbling-Antbird Hypocnemis striata
0%
Spix's Woodcreeper Xiphorhynchus spixii
0%
Splendid Astrapia Astrapia splendidissima
0%
Splendid Fairywren Malurus splendens
0%
Splendid Starling Lamprotornis splendidus
0%
Splendid Sunbird Cinnyris coccinigastrus
0%
Splendid White-eye Zosterops luteirostris
0%
Spot-backed Antbird Hylophylax naevius
0%
Spot-backed Antshrike Hypoedaleus guttatus
0%
Spot-backed Antwren Herpsilochmus dorsimaculatus
0%
Spot-billed Ground-Tyrant Muscisaxicola maculirostris
0%
Spot-breasted Antvireo Dysithamnus stictothorax
0%
Spot-breasted Fantail Rhipidura albogularis
0%
Spot-breasted Laughingthrush Garrulax merulinus
0%
Spot-breasted Meliphaga Meliphaga mimikae
0%
Spot-breasted Oriole Icterus pectoralis
0%
Spot-breasted Parrotbill Paradoxornis guttaticollis
0%
Spot-breasted Scimitar-Babbler Megapomatorhinus mcclellandi
0%
Spot-breasted Thornbird Phacellodomus maculipectus
0%
Spot-breasted Wren Pheugopedius maculipectus
0%
Spot-crowned Antvireo Dysithamnus puncticeps
0%
Spot-crowned Euphonia Euphonia imitans
0%
Spot-crowned Woodcreeper Lepidocolaptes affinis
0%
Spotless Starling Sturnus unicolor
0%
Spot-necked Babbler Stachyris strialata
0%
Spot-necked Bulbul Pycnonotus tympanistrigus
0%
Spot-tailed Antwren Herpsilochmus sticturus
0%
Spotted Antbird Hylophylax naevioides
0%
Spotted Antpitta Hylopezus macularius
0%
Spotted Bamboowren Psilorhamphus guttatus
0%
Spotted Barbtail Premnoplex brunnescens
0%
Spotted Berrypecker Melanocharis crassirostris
0%
Spotted Bowerbird Chlamydera maculata
0%
Spotted Bush Warbler Locustella thoracica
0%
Spotted Crocias Crocias albonotatus
0%
Spotted Elachura Elachura formosa
0%
Spotted Fantail Rhipidura perlata
0%
Spotted Forktail Enicurus maculatus
0%
Spotted Greenbul Ixonotus guttatus
0%
Spotted Ground-Thrush Geokichla guttata
0%
Spotted Honeyeater Xanthotis polygrammus
0%
Spotted Jewel-babbler Ptilorrhoa leucosticta
0%
Spotted Laughingthrush Ianthocincla ocellata
0%
Spotted Morning-Thrush Cichladusa guttata
0%
Spotted Nightingale-Thrush Catharus dryas
0%
Spotted Pardalote Pardalotus punctatus
0%
Spotted Quail-thrush Cinclosoma punctatum
0%
Spotted Tanager Ixothraupis punctata
0%
Spotted Tody-Flycatcher Todirostrum maculatum
0%
Spotted Woodcreeper Xiphorhynchus erythropygius
0%
Spotted Wren Campylorhynchus gularis
0%
Spot-throat Modulatrix stictigula
0%
Spot-throated Babbler Pellorneum albiventre
0%
Spot-throated Woodcreeper Certhiasomus stictolaemus
0%
Spot-winged Antbird Myrmelastes leucostigma
0%
Spot-winged Antshrike Pygiptila stellaris
0%
Spot-winged Grosbeak Mycerobas melanozanthos
0%
Spot-winged Monarch Symposiachrus guttula
0%
Spot-winged Rosefinch Carpodacus rodopeplus
0%
Spot-winged Starling Saroglossa spilopterus
0%
Spot-winged Thrush Geokichla spiloptera
0%
Sprague's Pipit Anthus spragueii
0%
Squamate Antbird Myrmoderus squamosus
0%
Square-tailed Bulbul Hypsipetes ganeesa
0%
Square-tailed Sawwing Psalidoprocne nitens
0%
Sri Lanka Blue-Magpie Urocissa ornata
0%
Sri Lanka Bush Warbler Elaphrornis palliseri
0%
Sri Lanka Drongo Dicrurus lophorinus
0%
Sri Lanka Myna Gracula ptilogenys
0%
Sri Lanka Scimitar-Babbler Pomatorhinus melanurus
0%
Sri Lanka Swallow Cecropis hyperythra
0%
Sri Lanka Thrush Zoothera imbricata
0%
Sri Lanka Whistling-Thrush Myophonus blighi
0%
Sri Lanka White-eye Zosterops ceylonensis
0%
Sri Lanka Woodshrike Tephrodornis affinis
0%
Standardwing Bird-of-Paradise Semioptera wallacii
0%
Star Finch Neochmia ruficauda
0%
Stark's Lark Spizocorys starki
0%
Star-throated Antwren Rhopias gularis
0%
Steel-blue Flycatcher Myiagra ferrocyanea
0%
Steel-blue Whydah Vidua hypocherina
0%
Steere's Liocichla Liocichla steerii
0%
Steinbach's Canastero Pseudasthenes steinbachi
0%
Stephanie's Astrapia Astrapia stephaniae
0%
Stephens Island Wren Traversia lyalli
0%
Stierling's Wren-Warbler Calamonastes stierlingi
0%
Stiles's Tapaculo Scytalopus stilesi
0%
Stitchbird Notiomystis cincta
0%
St. Lucia Black Finch Melanospiza richardsoni
0%
St. Lucia Oriole Icterus laudabilis
0%
St. Lucia Warbler Setophaga delicata
0%
Stolid Flycatcher Myiarchus stolidus
0%
Stout-billed Cinclodes Cinclodes excelsior
0%
Stout-billed Cuckooshrike Coracina caeruleogrisea
0%
Stout Cisticola Cisticola robustus
0%
Straight-billed Earthcreeper Ochetorhynchus ruficaudus
0%
Straight-billed Reedhaunter Limnoctites rectirostris
0%
Straight-billed Woodcreeper Dendroplex picus
0%
Straneck's Tyrannulet Serpophaga griseicapilla
0%
Strange-tailed Tyrant Alectrurus risora
0%
Strange Weaver Ploceus alienus
0%
Straw-headed Bulbul Pycnonotus zeylanicus
0%
Straw-tailed Whydah Vidua fischeri
0%
Streak-backed Antshrike Thamnophilus insignis
0%
Streak-backed Canastero Asthenes wyatti
0%
Streak-backed Oriole Icterus pustulatus
0%
Streak-breasted Bulbul Hypsipetes siquijorensis
0%
Streak-breasted Fantail Rhipidura dedemi
0%
Streak-breasted Honeyeater Meliphaga reticulata
0%
Streak-breasted Scimitar-Babbler Pomatorhinus ruficollis
0%
Streak-breasted Treehunter Thripadectes rufobrunneus
0%
Streak-capped Antwren Terenura maculata
0%
Streak-capped Spinetail Cranioleuca hellmayri
0%
Streak-capped Treehunter Thripadectes virgaticeps
0%
Streak-chested Antpitta Hylopezus perspicillatus
0%
Streak-crowned Antvireo Dysithamnus striaticeps
0%
Streak-eared Bulbul Pycnonotus conradi
0%
Streaked Barwing Actinodura souliei
0%
Streaked Berrypecker Melanocharis striativentris
0%
Streaked Bowerbird Amblyornis subalaris
0%
Streaked Bulbul Ixos malaccensis
0%
Streaked Fantail Rhipidura verreauxi
0%
Streaked Flycatcher Myiodynastes maculatus
0%
Streaked Laughingthrush Trochalopteron lineatum
0%
Streaked Reed Warbler Acrocephalus sorghophilus
0%
Streaked Rosefinch Carpodacus rubicilloides
0%
Streaked Saltator Saltator striatipectus
0%
Streaked Spiderhunter Arachnothera magna
0%
Streaked Tit-Spinetail Leptasthenura striata
0%
Streaked Tuftedcheek Pseudocolaptes boissonneautii
0%
Streaked Weaver Ploceus manyar
0%
Streaked Wren-Babbler Turdinus brevicaudatus
0%
Streaked Xenops Xenops rutilans
0%
Streak-fronted Thornbird Phacellodomus striaticeps
0%
Streak-headed Antbird Drymophila striaticeps
0%
Streak-headed Honeyeater Pycnopygius stictocephalus
0%
Streak-headed Munia Lonchura tristissima
0%
Streak-headed White-eye Lophozosterops squamiceps
0%
Streak-headed Woodcreeper Lepidocolaptes souleyetii
0%
Streak-necked Flycatcher Mionectes striaticollis
0%
Streak-throated Barwing Actinodura waldeni
0%
Streak-throated Bush-Tyrant Myiotheretes striaticollis
0%
Streak-throated Canastero Asthenes humilis
0%
Streak-throated Fulvetta Fulvetta manipurensis
0%
Streak-throated Swallow Petrochelidon fluvicola
0%
Streaky-breasted Spiderhunter Arachnothera affinis
0%
Streaky-headed Seedeater Crithagra gularis
0%
Streaky Seedeater Crithagra striolata
0%
Streamer-tailed Tyrant Gubernetes yetapa
0%
Stresemann's Bristlefront Merulaxis stresemanni
0%
Stresemann's Bush-Crow Zavattariornis stresemanni
0%
Striated Antbird Drymophila devillei
0%
Striated Antthrush Chamaeza nobilis
0%
Striated Babbler Turdoides earlei
0%
Striated Bulbul Pycnonotus striatus
0%
Striated Earthcreeper Geocerthia serrana
0%
Striated Fieldwren Calamanthus fuliginosus
0%
Striated Grassbird Megalurus palustris
0%
Striated Grasswren Amytornis striatus
0%
Striated Laughingthrush Grammatoptila striata
0%
Striated Pardalote Pardalotus striatus
0%
Striated Prinia Prinia crinigera
0%
Striated Softtail Thripophaga macroura
0%
Striated Starling Aplonis striata
0%
Striated Swallow Cecropis striolata
0%
Striated Thornbill Acanthiza lineata
0%
Striated Wren-Babbler Ptilocichla mindanensis
0%
Striated Yuhina Yuhina castaniceps
0%
Striolated Bunting Emberiza striolata
0%
Striolated Manakin Machaeropterus striolatus
0%
Striolated Tit-Spinetail Leptasthenura striolata
0%
Stripe-backed Antbird Myrmorchilus strigilatus
0%
Stripe-backed Wren Campylorhynchus nuchalis
0%
Stripe-breasted Rhabdornis Rhabdornis inornatus
0%
Stripe-breasted Spinetail Synallaxis cinnamomea
0%
Stripe-breasted Tit Melaniparus fasciiventer
0%
Stripe-breasted Wren Cantorchilus thoracicus
0%
Stripe-capped Sparrow Rhynchospiza strigiceps
0%
Stripe-cheeked Greenbul Arizelocichla milanjensis
0%
Stripe-chested Antwren Myrmotherula longicauda
0%
Stripe-crowned Spinetail Cranioleuca pyrrhophia
0%
Striped Honeyeater Plectorhyncha lanceolata
0%
Striped Laughingthrush Trochalopteron virgatum
0%
Striped Pipit Anthus lineiventris
0%
Striped Sparrow Oriturus superciliosus
0%
Striped Treehunter Thripadectes holostictus
0%
Striped Woodcreeper Xiphorhynchus obsoletus
0%
Striped Woodhaunter Automolus subulatus
0%
Striped Wren-Babbler Kenopia striata
0%
Stripe-headed Antpitta Grallaria andicolus
0%
Stripe-headed Sparrow Peucaea ruficauda
0%
Stripe-necked Tody-Tyrant Hemitriccus striaticollis
0%
Stripe-sided Rhabdornis Rhabdornis mystacalis
0%
Stripe-tailed Yellow-Finch Sicalis citrina
0%
Stripe-throated Bulbul Pycnonotus finlaysoni
0%
Stripe-throated Jery Neomixis striatigula
0%
Stripe-throated Wren Cantorchilus leucopogon
0%
Stripe-throated Yuhina Yuhina gularis
0%
Strong-billed Honeyeater Melithreptus validirostris
0%
Strong-billed Woodcreeper Xiphocolaptes promeropirhynchus
0%
Stub-tailed Antbird Sipia berlepschi
0%
Stub-tailed Spadebill Platyrinchus cancrominus
0%
Stuhlmann's Starling Poeoptera stuhlmanni
0%
Stuhlmann's Sunbird Cinnyris stuhlmanni
0%
Styan's Bulbul Pycnonotus taivanus
0%
Subalpine Robin Petroica bivittata
0%
Subalpine Warbler Sylvia cantillans
0%
Subdesert Brush-Warbler Nesillas lantzii
0%
Subtropical Doradito Pseudocolopteryx acutipennis
0%
Such's Antthrush Chamaeza meruloides
0%
Sucre Antpitta Grallaricula cumanensis
0%
Sudan Golden Sparrow Passer luteus
0%
Suiriri Flycatcher Suiriri suiriri
0%
Sula Cicadabird Edolisoma sula
0%
Sula Golden-Bulbul Alophoixus longirostris
0%
Sula Jungle-Flycatcher Cyornis colonus
0%
Sula Pitta Erythropitta dohertyi
0%
Sulawesi Babbler Pellorneum celebense
0%
Sulawesi Blue Flycatcher Cyornis omissus
0%
Sulawesi Brown Flycatcher Muscicapa sodhii
0%
Sulawesi Cicadabird Edolisoma morio
0%
Sulawesi Drongo Dicrurus montanus
0%
Sulawesi Fantail Rhipidura teysmanni
0%
Sulawesi Leaf Warbler Phylloscopus sarasinorum
0%
Sulawesi Myna Basilornis celebensis
0%
Sulawesi Myzomela Myzomela chloroptera
0%
Sulawesi Pitta Erythropitta celebensis
0%
Sulawesi Thrush Cataponera turdoides
0%
Sulawesi White-eye Zosterops consobrinorum
0%
Sulphur-bearded Reedhaunter Limnoctites sulphuriferus
0%
Sulphur-bellied Bulbul Iole palawanensis
0%
Sulphur-bellied Flycatcher Myiodynastes luteiventris
0%
Sulphur-bellied Tyrannulet Mecocerculus minor
0%
Sulphur-bellied Tyrant-Manakin Neopelma sulphureiventer
0%
Sulphur-bellied Warbler Phylloscopus griseolus
0%
Sulphur-bellied Whistler Pachycephala sulfuriventer
0%
Sulphur-billed Nuthatch Sitta oenochlamys
0%
Sulphur-breasted Bushshrike Telophorus sulfureopectus
0%
Sulphur-breasted Warbler Phylloscopus ricketti
0%
Sulphur-rumped Flycatcher Myiobius sulphureipygius
0%
Sulphur-rumped Tanager Heterospingus rubrifrons
0%
Sulphur-throated Finch Sicalis taczanowskii
0%
Sulphury Flycatcher Tyrannopsis sulphurea
0%
Sultan Tit Melanochlora sultanea
0%
Sumatran Babbler Pellorneum buettikoferi
0%
Sumatran Cochoa Cochoa beccarii
0%
Sumatran Drongo Dicrurus sumatranus
0%
Sumatran Laughingthrush Garrulax bicolor
0%
Sumatran Leafbird Chloropsis media
0%
Sumatran Treepie Dendrocitta occipitalis
0%
Sumatran Whistling-Thrush Myophonus castaneus
0%
Sumatran Wren-Babbler Napothera albostriata
0%
Sumba Brown Flycatcher Muscicapa segregata
0%
Sumba Flycatcher Ficedula harterti
0%
Sumba Myzomela Myzomela dammermani
0%
Sumichrast's Wren Hylorchilus sumichrasti
0%
Sunda Blue Flycatcher Cyornis caerulatus
0%
Sunda Bulbul Ixos virescens
0%
Sunda Bush Warbler Horornis vulcanius
0%
Sunda Cuckooshrike Coracina larvata
0%
Sunda Forktail Enicurus velatus
0%
Sunda Honeyeater Lichmera lombokia
0%
Sunda Laughingthrush Garrulax palliatus
0%
Sunda Minivet Pericrocotus miniatus
0%
Sunda Robin Myiomela diana
0%
Sunda Thrush Zoothera andromedae
0%
Sunda Warbler Phylloscopus grammiceps
0%
Sun Lark Galerida modesta
0%
Superb Pitta Pitta superba
0%
Superb Starling Lamprotornis superbus
0%
Superb Sunbird Cinnyris superbus
0%
Superciliaried Hemispingus Thlypopsis superciliaris
0%
Superciliated Wren Cantorchilus superciliaris
0%
Surf Cinclodes Cinclodes taczanowskii
0%
Swahili Sparrow Passer suahelicus
0%
Swainson's Flycatcher Myiarchus swainsoni
0%
Swainson's Sparrow Passer swainsonii
0%
Swallow-tailed Cotinga Phibalura flavirostris
0%
Swallow-tailed Manakin Chiroxiphia caudata
0%
Swallow Tanager Tersina viridis
0%
Swamp Flycatcher Muscicapa aquatica
0%
Swamp Grass Babbler Laticilla cinerascens
0%
Swamp Greenbul Thescelocichla leucopleura
0%
Swee Waxbill Coccopygia melanotis
0%
Swinhoe's White-eye Zosterops simplex
0%
Swynnerton's Robin Swynnertonia swynnertoni
0%
Sykes's Short-toed Lark Calandrella dukhunensis
0%
Sykes's Warbler Iduna rama
0%
Syrian Serin Serinus syriacus
0%
Tabar Pitta Erythropitta splendida
0%
Tablas Drongo Dicrurus menagei
0%
Tablas Fantail Rhipidura sauli
0%
Tabora Cisticola Cisticola angusticauda
0%
Tacarcuna Chlorospingus Chlorospingus tacarcunae
0%
Tacarcuna Tapaculo Scytalopus panamensis
0%
Tacarcuna Warbler Basileuterus tacarcunae
0%
Tacazze Sunbird Nectarinia tacazze
0%
Tachira Antpitta Grallaria chthonia
0%
Taczanowski's Ground-Tyrant Muscisaxicola griseus
0%
Tagula Butcherbird Cracticus louisiadensis
0%
Tagula Honeyeater Meliphaga vicina
0%
Tagula White-eye Zosterops meeki
0%
Tahiti Monarch Pomarea nigra
0%
Tahiti Reed Warbler Acrocephalus caffer
0%
Taiga Flycatcher Ficedula albicilla
0%
Taita Apalis Apalis fuscigularis
0%
Taita Fiscal Lanius dorsalis
0%
Taita Thrush Turdus helleri
0%
Taita White-eye Zosterops silvanus
0%
Taiwan Barwing Actinodura morrisoniana
0%
Taiwan Blue-Magpie Urocissa caerulea
0%
Taiwan Bush Warbler Locustella alishanensis
0%
Taiwan Cupwing Pnoepyga formosana
0%
Taiwan Fulvetta Fulvetta formosana
0%
Taiwan Hwamei Garrulax taewanus
0%
Taiwan Rosefinch Carpodacus formosanus
0%
Taiwan Scimitar-Babbler Pomatorhinus musicus
0%
Taiwan Shortwing Brachypteryx goodfellowi
0%
Taiwan Thrush Turdus niveiceps
0%
Taiwan Whistling-Thrush Myophonus insularis
0%
Taiwan Yellow Tit Machlolophus holsti
0%
Taiwan Yuhina Yuhina brunneiceps
0%
Taliabu Fantail Rhipidura sulaensis
0%
Tamarugo Conebill Conirostrum tamarugense
0%
Tamaulipas Crow Corvus imparatus
0%
Tanager Finch Oreothraupis arremonops
0%
Tana River Cisticola Cisticola restrictus
0%
Tan-capped Catbird Ailuroedus geislerorum
0%
Tanganyika Masked-Weaver Ploceus reichardi
0%
Tanimbar Bush Warbler Horornis carolinae
0%
Tanimbar Flycatcher Ficedula riedeli
0%
Tanimbar Friarbird Philemon plumigenis
0%
Tanimbar Oriole Oriolus decipiens
0%
Tanimbar Starling Aplonis crassa
0%
Tanzania Seedeater Crithagra melanochroa
0%
Tapajos Antpitta Myrmothera subcanescens
0%
Tarim Babbler Rhopophilus albosuperciliaris
0%
Tasmanian Scrubwren Sericornis humilis
0%
Tasmanian Thornbill Acanthiza ewingii
0%
Tatama Tapaculo Scytalopus alvarezlopezi
0%
Taveuni Silktail Lamprolia victoriae
0%
Tawny Antpitta Grallaria quitensis
0%
Tawny-backed Fantail Rhipidura superflua
0%
Tawny-bellied Babbler Dumetia hyperythra
0%
Tawny-bellied Seedeater Sporophila hypoxantha
0%
Tawny-breasted Flycatcher Myiobius villosus
0%
Tawny-breasted Honeyeater Xanthotis flaviventer
0%
Tawny-breasted Parrotfinch Erythrura hyperythra
0%
Tawny-breasted Wren-Babbler Spelaeornis longicaudatus
0%
Tawny-capped Euphonia Euphonia anneae
0%
Tawny-chested Flycatcher Aphanotriccus capitalis
0%
Tawny-crested Tanager Tachyphonus delatrii
0%
Tawny-crowned Greenlet Tunchiornis ochraceiceps
0%
Tawny-crowned Honeyeater Gliciphila melanops
0%
Tawny-crowned Pygmy-Tyrant Euscarthmus meloryphus
0%
Tawny-faced Gnatwren Microbates cinereiventris
0%
Tawny-flanked Prinia Prinia subflava
0%
Tawny Grassbird Cincloramphus timoriensis
0%
Tawny-headed Swallow Alopochelidon fucata
0%
Tawny Lark Galerida deva
0%
Tawny Pipit Anthus campestris
0%
Tawny-rumped Tyrannulet Phyllomyias uropygialis
0%
Tawny-shouldered Blackbird Agelaius humeralis
0%
Tawny Straightbill Timeliopsis griseigula
0%
Tawny-throated Leaftosser Sclerurus mexicanus
0%
Tawny Tit-Spinetail Sylviorthorhynchus yanacensis
0%
Tawny-winged Woodcreeper Dendrocincla anabatina
0%
Tboli Sunbird Aethopyga tibolii
0%
Temminck's Babbler Pellorneum pyrrogenys
0%
Temminck's Lark Eremophila bilopha
0%
Temminck's Seedeater Sporophila falcirostris
0%
Temminck's Sunbird Aethopyga temminckii
0%
Temotu Whistler Pachycephala vanikorensis
0%
Tenerife Blue Chaffinch Fringilla teydea
0%
Tepui Antpitta Myrmothera simplex
0%
Tepui Brushfinch Atlapetes personatus
0%
Tepui Elaenia Elaenia olivina
0%
Tepui Redstart Myioborus castaneocapilla
0%
Tepui Spinetail Cranioleuca demissa
0%
Tepui Vireo Vireo sclateri
0%
Tepui Wren Troglodytes rufulus
0%
Terrestrial Brownbul Phyllastrephus terrestris
0%
Tessmann's Flycatcher Fraseria tessmanni
0%
Thamnornis Thamnornis chloropetoides
0%
Thekla's Lark Galerida theklae
0%
Thick-billed Euphonia Euphonia laniirostris
0%
Thick-billed Flowerpecker Dicaeum agile
0%
Thick-billed Grasswren Amytornis modestus
0%
Thick-billed Kingbird Tyrannus crassirostris
0%
Thick-billed Lark Ramphocoris clotbey
0%
Thick-billed Miner Geositta crassirostris
0%
Thick-billed Saltator Saltator maxillosus
0%
Thick-billed Seedeater Crithagra burtoni
0%
Thick-billed Seed-Finch Sporophila funerea
0%
Thick-billed Siskin Spinus crassirostris
0%
Thick-billed Spiderhunter Arachnothera crassirostris
0%
Thick-billed Vireo Vireo crassirostris
0%
Thick-billed Warbler Arundinax aedon
0%
Thicket Antpitta Hylopezus dives
0%
Thorn-tailed Rayadito Aphrastura spinicauda
0%
Three-banded Rosefinch Carpodacus trifasciatus
0%
Three-banded Warbler Basileuterus trifasciatus
0%
Three-streaked Tchagra Tchagra jamesi
0%
Three-striped Flycatcher Conopias trivirgatus
0%
Three-striped Hemispingus Microspingus trifasciatus
0%
Three-striped Warbler Basileuterus tristriatus
0%
Three-toed Parrotbill Cholornis paradoxus
0%
Three-wattled Bellbird Procnias tricarunculatus
0%
Thrush Babbler Illadopsis turdina
0%
Thrush-like Antpitta Myrmothera campanisona
0%
Thrush-like Wren Campylorhynchus turdinus
0%
Thrush Nightingale Luscinia luscinia
0%
Tibetan Babax Ianthocincla koslowi
0%
Tibetan Blackbird Turdus maximus
0%
Tibetan Bunting Emberiza koslowi
0%
Tibetan Lark Melanocorypha maxima
0%
Tibetan Rosefinch Carpodacus roborowskii
0%
Tibetan Serin Spinus thibetanus
0%
Tibetan Snowfinch Montifringilla henrici
0%
Tickell's Blue Flycatcher Cyornis tickelliae
0%
Tickell's Leaf Warbler Phylloscopus affinis
0%
Tickell's Thrush Turdus unicolor
0%
Ticking Doradito Pseudocolopteryx citreola
0%
Timberline Wren Thryorchilus browni
0%
Timor Blue Flycatcher Cyornis hyacinthinus
0%
Timor Bushchat Saxicola gutturalis
0%
Timor Friarbird Philemon inornatus
0%
Timor Leaf Warbler Phylloscopus presbytes
0%
Timor Oriole Oriolus melanotis
0%
Timor Sparrow Lonchura fuscata
0%
Timor Stubtail Urosphena subulata
0%
Timor White-eye Heleia muelleri
0%
Tinian Monarch Monarcha takatsukasae
0%
Tinkling Cisticola Cisticola rufilatus
0%
Tiny Cisticola Cisticola nana
0%
Tiny Greenbul Phyllastrephus debilis
0%
Tiny Sunbird Cinnyris minullus
0%
Tiny Tyrant-Manakin Tyranneutes virescens
0%
Tit Berrypecker Oreocharis arfaki
0%
Tit-hylia Pholidornis rushiae
0%
Tit-like Dacnis Xenodacnis parina
0%
Tocuyo Sparrow Arremonops tocuyensis
0%
Todd's Antwren Herpsilochmus stictocephalus
0%
Todd's Sirystes Sirystes subcanescens
0%
Togian Golden-Bulbul Alophoixus aureus
0%
Togian White-eye Zosterops somadikartai
0%
Togo Paradise-Whydah Vidua togoensis
0%
Tomtit Petroica macrocephala
0%
Tongan Whistler Pachycephala jacquinoti
0%
Tooth-billed Bowerbird Scenopoeetes dentirostris
0%
Tooth-billed Wren Odontorchilus cinereus
0%
Toro Olive-Greenbul Phyllastrephus hypochloris
0%
Torrent Flycatcher Monachella muelleriana
0%
Torrent-lark Grallina bruijnii
0%
Torrent Tyrannulet Serpophaga cinerea
0%
Townsend's Solitaire Myadestes townsendi
0%
Tractrac Chat Emarginata tractrac
0%
Transvolcanic Jay Aphelocoma ultramarina
0%
Tree Martin Petrochelidon nigricans
0%
Tricolored Brushfinch Atlapetes tricolor
0%
Tricolored Munia Lonchura malacca
0%
Tricolored Parrotfinch Erythrura tricolor
0%
Trilling Cisticola Cisticola woosnami
0%
Trilling Shrike-Babbler Pteruthius aenobarbus
0%
Trilling Tapaculo Scytalopus parvirostris
0%
Trinidad Euphonia Euphonia trinitatis
0%
Tristan Thrush Turdus eremita
0%
Tristram's Bunting Emberiza tristrami
0%
Tristram's Starling Onychognathus tristramii
0%
Tristram's Warbler Sylvia deserticola
0%
Tropeiro Seedeater Sporophila beltoni
0%
Tropical Boubou Laniarius major
0%
Tropical Gnatcatcher Polioptila plumbea
0%
Tropical Mockingbird Mimus gilvus
0%
Tropical Parula Setophaga pitiayumi
0%
Tropical Pewee Contopus cinereus
0%
Tropical Scrubwren Sericornis beccarii
0%
Truk Monarch Metabolus rugensis
0%
Truk White-eye Rukia ruki
0%
Trumpeter Finch Bucanetes githagineus
0%
Trumpet Manucode Phonygammus keraudrenii
0%
Tsavo Sunbird Cinnyris tsavoensis
0%
Tschudi's Tapaculo Scytalopus acutirostris
0%
Tuamotu Reed Warbler Acrocephalus atyphus
0%
Tucuman Mountain-Finch Poospiza baeri
0%
Tufted Antshrike Mackenziaena severa
0%
Tufted Flycatcher Mitrephanes phaeocercus
0%
Tufted Jay Cyanocorax dickeyi
0%
Tufted Titmouse Baeolophus bicolor
0%
Tufted Tit-Spinetail Leptasthenura platensis
0%
Tufted Tit-Tyrant Anairetes parulus
0%
Tui Prosthemadera novaeseelandiae
0%
Tumbes Sparrow Rhynchospiza stolzmanni
0%
Tumbes Swallow Tachycineta stolzmanni
0%
Tumbes Tyrant Tumbezia salvini
0%
Turati's Boubou Laniarius turatii
0%
Turkestan Ground-Jay Podoces panderi
0%
Turner's Eremomela Eremomela turneri
0%
Turquoise Cotinga Cotinga ridgwayi
0%
Turquoise Dacnis Dacnis hartlaubi
0%
Turquoise Flycatcher Eumyias panayensis
0%
Turquoise Jay Cyanolyca turcosa
0%
Turquoise Tanager Tangara mexicana
0%
Twelve-wired Bird-of-Paradise Seleucidis melanoleucus
0%
Two-banded Warbler Myiothlypis bivittata
0%
Two-barred Warbler Phylloscopus plumbeitarsus
0%
Tylas Vanga Tylas eduardi
0%
Tyrannine Woodcreeper Dendrocincla tyrannina
0%
Tytler's Leaf Warbler Phylloscopus tytleri
0%
Ua Pou Monarch Pomarea mira
0%
Uganda Woodland-Warbler Phylloscopus budongoensis
0%
Ula-ai-hawane Ciridops anna
0%
Ultramarine Flycatcher Ficedula superciliaris
0%
Ultramarine Grosbeak Cyanoloxia brissonii
0%
Uluguru Bushshrike Malaconotus alius
0%
Uluguru Mountain Greenbul Arizelocichla neumanni
0%
Uluguru Violet-backed Sunbird Anthreptes neglectus
0%
Unadorned Flycatcher Myiophobus inornatus
0%
Undulated Antpitta Grallaria squamigera
0%
Undulated Antshrike Frederickena unduliger
0%
Unicolored Antwren Myrmotherula unicolor
0%
Unicolored Blackbird Agelasticus cyanopus
0%
Unicolored Jay Aphelocoma unicolor
0%
Unicolored Tapaculo Scytalopus unicolor
0%
Unicolored Thrush Turdus haplochrous
0%
Uniform Antshrike Thamnophilus unicolor
0%
Uniform Finch Haplospiza unicolor
0%
Uniform Treehunter Thripadectes ignobilis
0%
Unstreaked Tit-Tyrant Uromyias agraphia
0%
Upcher's Warbler Hippolais languida
0%
Upland Antshrike Thamnophilus aroyae
0%
Upland Pipit Anthus sylvanus
0%
Urich's Tyrannulet Phyllomyias urichi
0%
Urrao Antpitta Grallaria urraoensis
0%
Ursula's Sunbird Cinnyris ursulae
0%
Usambara Akalat Sheppardia montana
0%
Usambara Double-collared Sunbird Cinnyris usambaricus
0%
Usambara Greenbul Phyllastrephus albigula
0%
Usambara Hyliota Hyliota usambara
0%
Usambara Thrush Turdus roehli
0%
Usambara Weaver Ploceus nicolli
0%
Ussher's Flycatcher Bradornis ussheri
0%
Vampire Ground-Finch Geospiza septentrionalis
0%
Van Dam's Vanga Xenopirostris damii
0%
Van Hasselt's Sunbird Leptocoma brasiliana
0%
Vanikoro Flycatcher Myiagra vanikorensis
0%
Vanikoro Monarch Mayrornis schistaceus
0%
Vanikoro White-eye Zosterops gibbsi
0%
Vanuatu Honeyeater Gliciphila notabilis
0%
Vanuatu Whistler Pachycephala chlorura
0%
Variable Antshrike Thamnophilus caerulescens
0%
Variable Indigobird Vidua funerea
0%
Variable Oriole Icterus pyrrhopterus
0%
Variable Seedeater Sporophila corvina
0%
Variable Sunbird Cinnyris venustus
0%
Variable Wheatear Oenanthe picata
0%
Varied Bunting Passerina versicolor
0%
Varied Honeyeater Gavicalis versicolor
0%
Varied Sittella Daphoenositta chrysoptera
0%
Varied Solitaire Myadestes coloratus
0%
Varied Tit Sittiparus varius
0%
Varied Triller Lalage leucomela
0%
Variegated Antpitta Grallaria varia
0%
Variegated Bristle-Tyrant Phylloscartes poecilotis
0%
Variegated Flycatcher Empidonomus varius
0%
Variegated Laughingthrush Trochalopteron variegatum
0%
Varzea Schiffornis Schiffornis major
0%
Varzea Thrush Turdus sanchezorum
0%
Vegetarian Finch Platyspiza crassirostris
0%
Velvet Asity Philepitta castanea
0%
Velvet-fronted Euphonia Euphonia concinna
0%
Velvet-fronted Grackle Lampropsar tanagrinus
0%
Velvet-fronted Nuthatch Sitta frontalis
0%
Velvet-mantled Drongo Dicrurus modestus
0%
Velvety Black-Tyrant Knipolegus nigerrimus
0%
Venezuelan Bristle-Tyrant Phylloscartes venezuelanus
0%
Venezuelan Flowerpiercer Diglossa venezuelensis
0%
Venezuelan Flycatcher Myiarchus venezuelensis
0%
Venezuelan Tyrannulet Zimmerius petersi
0%
Verdin Auriparus flaviceps
0%
Verditer Flycatcher Eumyias thalassinus
0%
Vermilion Cardinal Cardinalis phoeniceus
0%
Vermilion Flycatcher Pyrocephalus rubinus
0%
Vermilion Tanager Calochaetes coccineus
0%
Verreaux's Batis Batis minima
0%
Victorin's Warbler Cryptillas victorini
0%
Vieillot's Weaver Ploceus nigerrimus
0%
Vietnamese Cutia Cutia legalleni
0%
Vietnamese Greenfinch Chloris monguilloti
0%
Vigors's Sunbird Aethopyga vigorsii
0%
Vilcabamba Brushfinch Atlapetes terborghi
0%
Vilcabamba Tapaculo Scytalopus urubambae
0%
Vilcabamba Thistletail Asthenes vilcabambae
0%
Village Indigobird Vidua chalybeata
0%
Vinaceous Rosefinch Carpodacus vinaceus
0%
Vincent's Bunting Emberiza vincenti
0%
Vinous-breasted Starling Acridotheres burmannicus
0%
Vinous-throated Parrotbill Sinosuthora webbiana
0%
Violaceous Euphonia Euphonia violacea
0%
Violaceous Jay Cyanocorax violaceus
0%
Violet-backed Hyliota Hyliota violacea
0%
Violet-backed Starling Cinnyricinclus leucogaster
0%
Violet-breasted Sunbird Cinnyris chalcomelas
0%
Violet Crow Corvus violaceus
0%
Violet-eared Waxbill Granatina granatina
0%
Violet-tailed Sunbird Anthreptes aurantius
0%
Viridian Dacnis Dacnis viguieri
0%
Visayan Blue-Fantail Rhipidura samarensis
0%
Visayan Broadbill Eurylaimus samarensis
0%
Visayan Bulbul Hypsipetes guimarasensis
0%
Visayan Fantail Rhipidura albiventris
0%
Visayan Pygmy-Babbler Dasycrotapha pygmaea
0%
Visayan Rhabdornis Rhabdornis rabori
0%
Visayan Shama Copsychus superciliaris
0%
Visayan Tailorbird Orthotomus castaneiceps
0%
Vitelline Masked-Weaver Ploceus vitellinus
0%
Vitelline Warbler Setophaga vitellina
0%
Vivid Niltava Niltava vivida
0%
Vogelkop Bowerbird Amblyornis inornata
0%
Vogelkop Lophorina Lophorina niedda
0%
Vogelkop Melidectes Melidectes leucostephes
0%
Vogelkop Scrubwren Sericornis rufescens
0%
Vogelkop Whistler Pachycephala meyeri
0%
Volcano Junco Junco vulcani
0%
Wahnes's Parotia Parotia wahnesi
0%
Wailing Cisticola Cisticola lais
0%
Wakolo Myzomela Myzomela wakoloensis
0%
Wallacean Cuckooshrike Coracina personata
0%
Wallacean Drongo Dicrurus densus
0%
Wallacean Whistler Pachycephala arctitorquis
0%
Wallace's Fairywren Sipodotus wallacii
0%
Waller's Starling Onychognathus walleri
0%
Warbling Doradito Pseudocolopteryx flaviventris
0%
Warbling Vireo Vireo gilvus
0%
Warbling White-eye Zosterops japonicus
0%
Ward's Flycatcher Pseudobias wardi
0%
Warsangli Linnet Linaria johannis
0%
Water Pipit Anthus spinoletta
0%
Watkins's Antpitta Grallaria watkinsi
0%
Wattled Broadbill Eurylaimus steerii
0%
Wattled Ploughbill Eulacestoma nigropectus
0%
Wattled Starling Creatophora cinerea
0%
Wayanad Laughingthrush Ianthocincla delesserti
0%
Wedge-billed Woodcreeper Glyphorynchus spirurus
0%
Wedge-tailed Grass-Finch Emberizoides herbicola
0%
Wedge-tailed Jery Hartertula flavoviridis
0%
Weebill Smicrornis brevirostris
0%
West African Batis Batis occulta
0%
West African Seedeater Crithagra canicapilla
0%
West African Wattle-eye Platysteira hormophora
0%
Western Bearded-Greenbul Criniger barbatus
0%
Western Black-headed Batis Batis erlangeri
0%
Western Black-headed Oriole Oriolus brachyrynchus
0%
Western Bluebill Spermophaga haematina
0%
Western Bonelli's Warbler Phylloscopus bonelli
0%
Western Boubou Laniarius poensis
0%
Western Bowerbird Chlamydera guttata
0%
Western Bristlebird Dasyornis longirostris
0%
Western Chat-Tanager Calyptophilus tertius
0%
Western Citril Crithagra frontalis
0%
Western Crowned Warbler Phylloscopus occipitalis
0%
Western Fieldwren Calamanthus montanellus
0%
Western Gerygone Gerygone fusca
0%
Western Grasswren Amytornis textilis
0%
Western Miombo Sunbird Cinnyris gertrudis
0%
Western Mountain Greenbul Arizelocichla tephrolaema
0%
Western Nicator Nicator chloris
0%
Western Olivaceous Warbler Iduna opaca
0%
Western Orphean Warbler Sylvia hortensis
0%
Western Parotia Parotia sefilata
0%
Western Quail-thrush Cinclosoma marginatum
0%
Western Rock Nuthatch Sitta neumayer
0%
Western Spindalis Spindalis zena
0%
Western Spinebill Acanthorhynchus superciliosus
0%
Western Square-tailed Drongo Dicrurus occidentalis
0%
Western Thornbill Acanthiza inornata
0%
Western Violet-backed Sunbird Anthreptes longuemarei
0%
Western Wattlebird Anthochaera lunulata
0%
Western Wattled-Honeyeater Foulehaio procerior
0%
Western Whipbird Psophodes nigrogularis
0%
Western Whistler Pachycephala occidentalis
0%
Western Yellow Robin Eopsaltria griseogularis
0%
West Himalayan Bush Warbler Locustella kashmirensis
0%
Wetar Figbird Sphecotheres hypoleucus
0%
Weyns's Weaver Ploceus weynsi
0%
Whiskered Flowerpecker Dicaeum proprium
0%
Whiskered Flycatcher Myiobius barbatus
0%
Whiskered Pitta Erythropitta kochi
0%
Whiskered Wren Pheugopedius mystacalis
0%
Whiskered Yuhina Yuhina flavicollis
0%
Whistler's Warbler Phylloscopus whistleri
0%
Whistling Cisticola Cisticola lateralis
0%
Whistling Warbler Catharopeza bishopi
0%
White-backed Black-Tit Melaniparus leuconotus
0%
White-backed Fire-eye Pyriglena leuconota
0%
White-backed Swallow Cheramoeca leucosterna
0%
White-backed Thrush Turdus kessleri
0%
White-banded Mockingbird Mimus triurus
0%
White-banded Swallow Atticora fasciata
0%
White-banded Tanager Neothraupis fasciata
0%
White-banded Tyrannulet Mecocerculus stictopterus
0%
White-bearded Antshrike Biatas nigropectus
0%
White-bearded Flycatcher Phelpsia inornata
0%
White-bearded Greenbul Criniger ndussumensis
0%
White-bearded Manakin Manacus manacus
0%
White Bellbird Procnias albus
0%
White-bellied Antbird Myrmeciza longipes
0%
White-bellied Antpitta Grallaria hypoleuca
0%
White-bellied Blue Flycatcher Cyornis pallidipes
0%
White-bellied Canary Crithagra dorsostriata
0%
White-bellied Cinclodes Cinclodes palliatus
0%
White-bellied Crested-Flycatcher Elminia albiventris
0%
White-bellied Cuckooshrike Coracina papuensis
0%
White-bellied Dacnis Dacnis albiventris
0%
White-bellied Drongo Dicrurus caerulescens
0%
White-bellied Erpornis Erpornis zantholeuca
0%
White-bellied Fantail Rhipidura euryura
0%
White-bellied Flowerpecker Dicaeum hypoleucum
0%
White-bellied Minivet Pericrocotus erythropygius
0%
White-bellied Munia Lonchura leucogastra
0%
White-bellied Pitohui Pseudorectes incertus
0%
White-bellied Pygmy-Tyrant Myiornis albiventris
0%
White-bellied Redstart Luscinia phaenicuroides
0%
White-bellied Robin-Chat Cossyphicula roberti
0%
White-bellied Seedeater Sporophila leucoptera
0%
White-bellied Sholakili Sholicola albiventris
0%
White-bellied Spinetail Mazaria propinqua
0%
White-bellied Thicket-Fantail Rhipidura leucothorax
0%
White-bellied Tit Melaniparus albiventris
0%
White-bellied Tody-Tyrant Hemitriccus griseipectus
0%
White-bellied Treepie Dendrocitta leucogastra
0%
White-bellied Tyrannulet Serpophaga munda
0%
White-bellied Whistler Pachycephala leucogastra
0%
White-bellied Wren Uropsila leucogastra
0%
White-bibbed Antbird Myrmoderus loricatus
0%
White-bibbed Babbler Stachyris thoracica
0%
White-bibbed Manakin Corapipo leucorrhoa
0%
White-billed Buffalo-Weaver Bubalornis albirostris
0%
White-billed Starling Onychognathus albirostris
0%
White-breasted Antbird Rhegmatorhina hoffmannsi
0%
White-breasted Babbler Stachyris grammiceps
0%
White-breasted Cuckooshrike Coracina pectoralis
0%
White-breasted Monarch Symposiachrus menckei
0%
White-breasted Nigrita Nigrita fusconotus
0%
White-breasted Parrotbill Psittiparus ruficeps
0%
White-breasted Robin Eopsaltria georgiana
0%
White-breasted Sunbird Cinnyris talatala
0%
White-breasted Tapaculo Eleoscytalopus indigoticus
0%
White-breasted Thrasher Ramphocinclus brachyurus
0%
White-breasted Whistler Pachycephala lanioides
0%
White-breasted Woodswallow Artamus leucorynchus
0%
White-breasted Wood-Wren Henicorhina leucosticta
0%
White-bridled Finch Melanodera melanodera
0%
White-browed Antbird Myrmoborus leucophrys
0%
White-browed Antpitta Hylopezus ochroleucus
0%
White-browed Babbler Pomatostomus superciliosus
0%
White-browed Brushfinch Arremon torquatus
0%
White-browed Bulbul Pycnonotus luteolus
0%
White-browed Bushchat Saxicola macrorhynchus
0%
White-browed Bush-Robin Tarsiger indicus
0%
White-browed Chat-Tyrant Ochthoeca leucophrys
0%
White-browed Conebill Conirostrum ferrugineiventre
0%
White-browed Crombec Sylvietta leucophrys
0%
White-browed Fantail Rhipidura aureola
0%
White-browed Foliage-gleaner Anabacerthia amaurotis
0%
White-browed Forest-Flycatcher Fraseria cinerascens
0%
White-browed Fulvetta Fulvetta vinipectus
0%
White-browed Ground-Tyrant Muscisaxicola albilora
0%
White-browed Laughingthrush Ianthocincla sannio
0%
White-browed Meadowlark Leistes superciliaris
0%
White-browed Nuthatch Sitta victoriae
0%
White-browed Purpletuft Iodopleura isabellae
0%
White-browed Robin Poecilodryas superciliosa
0%
White-browed Robin-Chat Cossypha heuglini
0%
White-browed Scimitar-Babbler Pomatorhinus schisticeps
0%
White-browed Scrubwren Sericornis frontalis
0%
White-browed Shama Copsychus luzoniensis
0%
White-browed Shortwing Brachypteryx montana
0%
White-browed Sparrow-Weaver Plocepasser mahali
0%
White-browed Spinetail Hellmayrea gularis
0%
White-browed Tailorbird Orthotomus nigriceps
0%
White-browed Tapaculo Scytalopus superciliaris
0%
White-browed Tit Poecile superciliosus
0%
White-browed Tit-Spinetail Leptasthenura xenothorax
0%
White-browed Tit-Warbler Leptopoecile sophiae
0%
White-browed Treecreeper Climacteris affinis
0%
White-browed Triller Lalage moesta
0%
White-browed Wagtail Motacilla maderaspatensis
0%
White-browed Warbler Myiothlypis leucoblephara
0%
White-browed White-eye Lophozosterops superciliaris
0%
White-browed Woodswallow Artamus superciliosus
0%
White-capped Bunting Emberiza stewarti
0%
White-capped Dipper Cinclus leucocephalus
0%
White-capped Monarch Monarcha richardsii
0%
White-capped Munia Lonchura ferruginosa
0%
White-capped Redstart Phoenicurus leucocephalus
0%
White-capped Tanager Sericossypha albocristata
0%
White-cheeked Antbird Gymnopithys leucaspis
0%
White-cheeked Bullfinch Pyrrhula leucogenis
0%
White-cheeked Cotinga Zaratornis stresemanni
0%
White-cheeked Honeyeater Phylidonyris niger
0%
White-cheeked Laughingthrush Ianthocincla vassali
0%
White-cheeked Nuthatch Sitta leucopsis
0%
White-cheeked Starling Spodiopsar cineraceus
0%
White-cheeked Tit Aegithalos leucogenys
0%
White-cheeked Tody-Flycatcher Poecilotriccus albifacies
0%
White-chested Alethe Chamaetylas fuelleborni
0%
White-chested Babbler Pellorneum rostratum
0%
White-chested White-eye Zosterops albogularis
0%
White-chinned Myzomela Myzomela albigula
0%
White-chinned Prinia Schistolais leucopogon
0%
White-chinned Thistletail Asthenes fuliginosa
0%
White-chinned Thrush Turdus aurantius
0%
White-chinned Woodcreeper Dendrocincla merula
0%
White-collared Blackbird Turdus albocinctus
0%
White-collared Foliage-gleaner Anabazenops fuscus
0%
White-collared Jay Cyanolyca viridicyanus
0%
White-collared Manakin Manacus candei
0%
White-collared Monarch Symposiachrus vidua
0%
White-collared Oliveback Nesocharis ansorgei
0%
White-collared Starling Grafisia torquata
0%
White-collared Yuhina Yuhina diademata
0%
White-crested Elaenia Elaenia albiceps
0%
White-crested Spadebill Platyrinchus platyrhynchos
0%
White-crested Tyrannulet Serpophaga subcristata
0%
White-crowned Forktail Enicurus leschenaulti
0%
White-crowned Manakin Dixiphia pipra
0%
White-crowned Penduline-Tit Remiz coronatus
0%
White-crowned Robin-Chat Cossypha albicapillus
0%
White-crowned Shrike Eurocephalus anguitimens
0%
White-crowned Starling Lamprotornis albicapillus
0%
White-crowned Tapaculo Scytalopus atratus
0%
White-crowned Wheatear Oenanthe leucopyga
0%
White-eared Bulbul Pycnonotus leucotis
0%
White-eared Catbird Ailuroedus buccoides
0%
White-eared Conebill Conirostrum leucogenys
0%
White-eared Ground-Sparrow Melozone leucotis
0%
White-eared Honeyeater Nesoptilotis leucotis
0%
White-eared Monarch Carterornis leucotis
0%
White-eared Myza Myza sarasinorum
0%
White-eared Sibia Heterophasia auricularis
0%
White-eared Solitaire Entomodestes leucotis
0%
White-eared Tailorbird Orthotomus cinereiceps
0%
White-edged Oriole Icterus graceannae
0%
White-eyed Foliage-gleaner Automolus leucophthalmus
0%
White-eyed River Martin Pseudochelidon sirintarae
0%
White-eyed Robin Pachycephalopsis poliosoma
0%
White-eyed Slaty-Flycatcher Melaenornis fischeri
0%
White-eyed Starling Aplonis brunneicapillus
0%
White-eyed Stipplethroat Epinecrophylla leucophthalma
0%
White-eyed Thrush Turdus jamaicensis
0%
White-eyed Tody-Tyrant Hemitriccus zosterops
0%
White-eyed Vireo Vireo griseus
0%
White-faced Ground-Sparrow Melozone biarcuata
0%
White-faced Redstart Myioborus albifacies
0%
White-faced Robin Tregellasia leucops
0%
White-faced Starling Sturnornis albofrontatus
0%
White-flanked Antwren Myrmotherula axillaris
0%
White-flanked Sunbird Aethopyga eximia
0%
White-fringed Antwren Formicivora grisea
0%
White-fronted Black-Chat Oenanthe albifrons
0%
White-fronted Chat Epthianura albifrons
0%
White-fronted Ground-Tyrant Muscisaxicola albifrons
0%
White-fronted Honeyeater Purnella albifrons
0%
White-fronted Manakin Lepidothrix serena
0%
White-fronted Redstart Myioborus albifrons
0%
White-fronted Tit Sittiparus semilarvatus
0%
White-fronted Wattle-eye Platysteira albifrons
0%
White-gaped Honeyeater Stomiopera unicolor
0%
White-gorgeted Flycatcher Anthipes monileger
0%
White-headed Brushfinch Atlapetes albiceps
0%
White-headed Bulbul Hypsipetes thompsoni
0%
White-headed Marsh Tyrant Arundinicola leucocephala
0%
White-headed Munia Lonchura maja
0%
White-headed Robin-Chat Cossypha heinrichi
0%
White-headed Sawwing Psalidoprocne albiceps
0%
White-headed Starling Sturnia erythropygia
0%
White-headed Vanga Artamella viridis
0%
White-headed Wren Campylorhynchus albobrunneus
0%
Whitehead's Broadbill Calyptomena whiteheadi
0%
Whitehead's Spiderhunter Arachnothera juliae
0%
White Helmetshrike Prionops plumatus
0%
White-hooded Babbler Gampsorhynchus rufulus
0%
White-lined Antbird Myrmoborus lophotes
0%
White-lined Honeyeater Meliphaga albilineata
0%
White-lined Tanager Tachyphonus rufus
0%
White-lored Antpitta Hylopezus fulviventris
0%
White-lored Gnatcatcher Polioptila albiloris
0%
White-lored Oriole Oriolus albiloris
0%
White-lored Spinetail Synallaxis albilora
0%
White-lored Tyrannulet Ornithion inerme
0%
White-lored Warbler Myiothlypis conspicillata
0%
White-masked Antbird Pithys castaneus
0%
White Monjita Xolmis irupero
0%
White-naped Brushfinch Atlapetes albinucha
0%
White-naped Friarbird Philemon albitorques
0%
White-naped Honeyeater Melithreptus lunatus
0%
White-naped Jay Cyanocorax cyanopogon
0%
White-naped Monarch Carterornis pileatus
0%
White-naped Seedeater Sporophila fringilloides
0%
White-naped Tit Machlolophus nuchalis
0%
White-naped Xenopsaris Xenopsaris albinucha
0%
White-naped Yuhina Yuhina bakeri
0%
White-necked Babbler Stachyris leucotis
0%
White-necked Crow Corvus leucognaphalus
0%
White-necked Laughingthrush Garrulax strepitans
0%
White-necked Myna Streptocitta albicollis
0%
White-necked Thrush Turdus albicollis
0%
White-plumed Antbird Pithys albifrons
0%
White-plumed Honeyeater Ptilotula penicillata
0%
White-rimmed Brushfinch Atlapetes leucopis
0%
White-ringed Flycatcher Conopias albovittatus
0%
White-ruffed Manakin Corapipo altera
0%
White-rumped Babbler Turdoides leucopygia
0%
White-rumped Cuckooshrike Coracina leucopygia
0%
White-rumped Monjita Xolmis velatus
0%
White-rumped Munia Lonchura striata
0%
White-rumped Robin Peneothello bimaculata
0%
White-rumped Seedeater Crithagra leucopygia
0%
White-rumped Shama Copsychus malabaricus
0%
White-rumped Shrike Eurocephalus ruppelli
0%
White-rumped Sirystes Sirystes albocinereus
0%
White-rumped Snowfinch Montifringilla taczanowskii
0%
White-rumped Swallow Tachycineta leucorrhoa
0%
White-rumped Tanager Cypsnagra hirundinacea
0%
White-rumped Triller Lalage leucopygialis
0%
White-shouldered Antbird Akletos melanoceps
0%
White-shouldered Antshrike Thamnophilus aethiops
0%
White-shouldered Black-Tit Melaniparus guineensis
0%
White-shouldered Fairywren Malurus alboscapulatus
0%
White-shouldered Fire-eye Pyriglena leucoptera
0%
White-shouldered Starling Sturnia sinensis
0%
White-shouldered Tanager Tachyphonus luctuosus
0%
White-shouldered Triller Lalage sueurii
0%
White-sided Flowerpiercer Diglossa albilatera
0%
White-spectacled Bulbul Pycnonotus xanthopygos
0%
White-spectacled Warbler Phylloscopus intermedius
0%
White-spotted Wattle-eye Platysteira tonsa
0%
White-starred Robin Pogonocichla stellata
0%
White's Thrush Zoothera aurea
0%
White-streaked Antvireo Dysithamnus leucostictus
0%
White-streaked Friarbird Melitograis gilolensis
0%
White-streaked Honeyeater Trichodere cockerelli
0%
White-striped Warbler Myiothlypis leucophrys
0%
White-striped Woodcreeper Lepidocolaptes leucogaster
0%
White-tailed Alethe Alethe diademata
0%
White-tailed Ant-Thrush Neocossyphus poensis
0%
White-tailed Blue Flycatcher Elminia albicauda
0%
White-tailed Cotinga Xipholena lamellipennis
0%
White-tailed Crested-Flycatcher Elminia albonotata
0%
White-tailed Flycatcher Cyornis concretus
0%
White-tailed Iora Aegithina nigrolutea
0%
White-tailed Jay Cyanocorax mystacalis
0%
White-tailed Lark Mirafra albicauda
0%
White-tailed Monarch Symposiachrus leucurus
0%
White-tailed Nuthatch Sitta himalayensis
0%
White-tailed Robin Myiomela leucura
0%
White-tailed Shrike Lanioturdus torquatus
0%
White-tailed Shrike-Tyrant Agriornis albicauda
0%
White-tailed Stonechat Saxicola leucurus
0%
White-tailed Swallow Hirundo megaensis
0%
White-tailed Tyrannulet Mecocerculus poecilocercus
0%
White-tailed Warbler Poliolais lopezi
0%
White-thighed Swallow Atticora tibialis
0%
White-throated Antbird Oneillornis salvini
0%
White-throated Antpitta Grallaria albigula
0%
White-throated Babbler Turdoides gularis
0%
White-throated Barbtail Premnoplex tatei
0%
White-throated Blue Swallow Hirundo nigrita
0%
White-throated Bulbul Alophoixus flaveolus
0%
White-throated Bushchat Saxicola insignis
0%
White-throated Cacholote Pseudoseisura gutturalis
0%
White-throated Canary Crithagra albogularis
0%
White-throated Earthcreeper Upucerthia albigula
0%
White-throated Fantail Rhipidura albicollis
0%
White-throated Flowerpecker Dicaeum vincens
0%
White-throated Flycatcher Empidonax albigularis
0%
White-throated Foliage-gleaner Syndactyla roraimae
0%
White-throated Gerygone Gerygone olivacea
0%
White-throated Grasswren Amytornis woodwardi
0%
White-throated Greenbul Phyllastrephus albigularis
0%
White-throated Honeyeater Melithreptus albogularis
0%
White-throated Jay Cyanolyca mirabilis
0%
White-throated Kingbird Tyrannus albogularis
0%
White-throated Laughingthrush Ianthocincla albogularis
0%
White-throated Magpie-Jay Calocitta formosa
0%
White-throated Manakin Corapipo gutturalis
0%
White-throated Mountain-Babbler Turdoides gilberti
0%
White-throated Oxylabes Oxylabes madagascariensis
0%
White-throated Pewee Contopus albogularis
0%
White-throated Redstart Phoenicurus schisticeps
0%
White-throated Robin Irania gutturalis
0%
White-throated Robin-Chat Cossypha humeralis
0%
White-throated Rock-Thrush Monticola gularis
0%
White-throated Seedeater Sporophila albogularis
0%
White-throated Shrike-Tanager Lanio leucothorax
0%
White-throated Sierra-Finch Idiopsar erythronotus
0%
White-throated Spadebill Platyrinchus mystaceus
0%
White-throated Swallow Hirundo albigularis
0%
White-throated Tapaculo Scelorchilus albicollis
0%
White-throated Thrush Turdus assimilis
0%
White-throated Tit Aegithalos niveogularis
0%
White-throated Towhee Melozone albicollis
0%
White-throated Treecreeper Cormobates leucophaea
0%
White-throated Treerunner Pygarrhichas albogularis
0%
White-throated Tyrannulet Mecocerculus leucophrys
0%
White-throated Woodcreeper Xiphocolaptes albicollis
0%
White-throated Wren-Babbler Napothera pasquieri
0%
White-tipped Monarch Symposiachrus everetti
0%
White-tipped Plantcutter Phytotoma rutila
0%
White-tufted Honeyeater Lichmera squamata
0%
White-vented Euphonia Euphonia minuta
0%
White-vented Shama Copsychus niger
0%
White-vented Whistler Pachycephala homeyeri
0%
White-whiskered Laughingthrush Trochalopteron morrisonianum
0%
White-whiskered Spinetail Synallaxis candei
0%
White-winged Apalis Apalis chariessa
0%
White-winged Becard Pachyramphus polychopterus
0%
White-winged Black-Tit Melaniparus leucomelas
0%
White-winged Black-Tyrant Knipolegus aterrimus
0%
White-winged Brushfinch Atlapetes leucopterus
0%
White-winged Chough Corcorax melanorhamphos
0%
White-winged Cinclodes Cinclodes atacamensis
0%
White-winged Cliff-Chat Thamnolaea semirufa
0%
White-winged Cotinga Xipholena atropurpurea
0%
White-winged Cuckooshrike Analisoma ostenta
0%
White-winged Diuca-Finch Idiopsar speculifer
0%
White-winged Fairywren Malurus leucopterus
0%
White-winged Grosbeak Mycerobas carnipes
0%
White-winged Lark Alauda leucoptera
0%
White-winged Magpie Urocissa whiteheadi
0%
White-winged Redstart Phoenicurus erythrogastrus
0%
White-winged Robin Peneothello sigillata
0%
White-winged Shrike-Tanager Lanio versicolor
0%
White-winged Snowfinch Montifringilla nivalis
0%
White-winged Swallow Tachycineta albiventer
0%
White-winged Swamp Warbler Bradypterus carpalis
0%
White-winged Tanager Piranga leucoptera
0%
White-winged Triller Lalage tricolor
0%
White-winged Warbler Xenoligea montana
0%
White-winged Widowbird Euplectes albonotatus
0%
Wied's Tyrant-Manakin Neopelma aurifrons
0%
Wilkins's Finch Nesospiza wilkinsi
0%
Willard's Sooty Boubou Laniarius willardi
0%
Williams's Lark Mirafra williamsi
0%
Willis's Antbird Cercomacroides laeta
0%
Wilson's Bird-of-Paradise Cicinnurus respublica
0%
Wilson's Indigobird Vidua wilsoni
0%
Winding Cisticola Cisticola marginatus
0%
Wing-banded Antbird Myrmornis torquata
0%
Wing-banded Hornero Furnarius figulus
0%
Wing-banded Wren Microcerculus bambla
0%
Wing-barred Piprites Piprites chloris
0%
Wing-barred Seedeater Sporophila americana
0%
Wing-snapping Cisticola Cisticola ayresii
0%
Wire-tailed Manakin Pipra filicauda
0%
Wire-tailed Swallow Hirundo smithii
0%
Woodchat Shrike Lanius senator
0%
Woodhouse's Antpecker Parmoptila woodhousei
0%
Woodland Pipit Anthus nyassae
0%
Woodpecker Finch Camarhynchus pallidus
0%
Wood Warbler Phylloscopus sibilatrix
0%
Woodward's Batis Batis fratrum
0%
Worm-eating Warbler Helmitheros vermivorum
0%
Worthen's Sparrow Spizella wortheni
0%
Wren-like Rushbird Phleocryptes melanops
0%
Wrenthrush Zeledonia coronata
0%
Wrentit Chamaea fasciata
0%
Xavier's Greenbul Phyllastrephus xavieri
0%
Xingu Scale-backed Antbird Willisornis vidua
0%
Xinjiang Ground-Jay Podoces biddulphi
0%
Yapacana Antbird Aprositornis disjuncta
0%
Yap Monarch Monarcha godeffroyi
0%
Yap White-eye Zosterops oleagineus
0%
Yellow-backed Oriole Icterus chrysater
0%
Yellow-backed Tanager Hemithraupis flavicollis
0%
Yellow-bearded Greenbul Criniger olivaceus
0%
Yellow-bellied Bulbul Alophoixus phaeocephalus
0%
Yellow-bellied Chat-Tyrant Ochthoeca diadema
0%
Yellow-bellied Dacnis Dacnis flaviventer
0%
Yellow-bellied Elaenia Elaenia flavogaster
0%
Yellow-bellied Eremomela Eremomela icteropygialis
0%
Yellow-bellied Fairy-Fantail Chelidorhynx hypoxanthus
0%
Yellow-bellied Flowerpecker Dicaeum melanozanthum
0%
Yellow-bellied Flycatcher Empidonax flaviventris
0%
Yellow-bellied Gerygone Gerygone chrysogaster
0%
Yellow-bellied Greenbul Chlorocichla flaviventris
0%
Yellow-bellied Hyliota Hyliota flavigaster
0%
Yellow-bellied Longbill Toxorhamphus novaeguineae
0%
Yellow-bellied Prinia Prinia flaviventris
0%
Yellow-bellied Robin Eopsaltria flaviventris
0%
Yellow-bellied Seedeater Sporophila nigricollis
0%
Yellow-bellied Siskin Spinus xanthogastrus
0%
Yellow-bellied Sunbird-Asity Neodrepanis hypoxantha
0%
Yellow-bellied Tanager Ixothraupis xanthogastra
0%
Yellow-bellied Tit Periparus venustulus
0%
Yellow-bellied Tyrannulet Ornithion semiflavum
0%
Yellow-bellied Warbler Abroscopus superciliaris
0%
Yellow-bellied Wattle-eye Platysteira concreta
0%
Yellow-bellied Waxbill Coccopygia quartinia
0%
Yellow-bellied Whistler Pachycephala philippinensis
0%
Yellow-billed Babbler Turdoides affinis
0%
Yellow-billed Blue-Magpie Urocissa flavirostris
0%
Yellow-billed Cacique Amblycercus holosericeus
0%
Yellow-billed Cardinal Paroaria capitata
0%
Yellow-billed Cotinga Carpodectes antoniae
0%
Yellow-billed Grosbeak Eophona migratoria
0%
Yellow-billed Nuthatch Sitta solangiae
0%
Yellow-billed Shrike Corvinella corvina
0%
Yellow-billed Tit-Tyrant Anairetes flavirostris
0%
Yellow Bishop Euplectes capensis
0%
Yellow-breasted Antpitta Grallaria flavotincta
0%
Yellow-breasted Antwren Herpsilochmus axillaris
0%
Yellow-breasted Apalis Apalis flavida
0%
Yellow-breasted Boatbill Machaerirhynchus flaviventer
0%
Yellow-breasted Boubou Laniarius atroflavus
0%
Yellow-breasted Bowerbird Chlamydera lauterbachi
0%
Yellow-breasted Brushfinch Atlapetes latinuchus
0%
Yellow-breasted Bunting Emberiza aureola
0%
Yellow-breasted Flowerpecker Prionochilus maculatus
0%
Yellow-breasted Flycatcher Tolmomyias flaviventris
0%
Yellow-breasted Greenfinch Chloris spinoides
0%
Yellow-breasted Pipit Hemimacronyx chloris
0%
Yellow-breasted Satinbird Loboparadisea sericea
0%
Yellow-breasted Tailorbird Orthotomus samarensis
0%
Yellow-breasted Warbler Phylloscopus montis
0%
Yellow-breasted Warbling-Antbird Hypocnemis subflava
0%
Yellow-bridled Finch Melanodera xanthogramma
0%
Yellow-browed Antbird Hypocnemis hypoxantha
0%
Yellow-browed Bulbul Iole indica
0%
Yellow-browed Bunting Emberiza chrysophrys
0%
Yellow-browed Camaroptera Camaroptera superciliaris
0%
Yellow-browed Melidectes Melidectes rufocrissalis
0%
Yellow-browed Oxylabes Crossleyia xanthophrys
0%
Yellow-browed Seedeater Crithagra whytii
0%
Yellow-browed Shrike-Vireo Vireolanius eximius
0%
Yellow-browed Sparrow Ammodramus aurifrons
0%
Yellow-browed Tit Sylviparus modestus
0%
Yellow-browed Tody-Flycatcher Todirostrum chrysocrotaphum
0%
Yellow-browed Tyrant Satrapa icterophrys
0%
Yellow-browed Warbler Phylloscopus inornatus
0%
Yellow Bunting Emberiza sulphurata
0%
Yellow Canary Crithagra flaviventris
0%
Yellow-capped Weaver Ploceus dorsomaculatus
0%
Yellow Cardinal Gubernatrix cristata
0%
Yellow Chat Epthianura crocea
0%
Yellow-cheeked Tit Machlolophus spilonotus
0%
Yellow-chinned Spinetail Certhiaxis cinnamomeus
0%
Yellow-collared Chlorophonia Chlorophonia flavirostris
0%
Yellow-crested Helmetshrike Prionops alberti
0%
Yellow-crested Tanager Tachyphonus rufiventer
0%
Yellow-crowned Bishop Euplectes afer
0%
Yellow-crowned Canary Serinus flavivertex
0%
Yellow-crowned Elaenia Myiopagis flavivertex
0%
Yellow-crowned Euphonia Euphonia luteicapilla
0%
Yellow-crowned Gonolek Laniarius barbarus
0%
Yellow-crowned Manakin Heterocercus flavivertex
0%
Yellow-crowned Redstart Myioborus flavivertex
0%
Yellow-crowned Tyrannulet Tyrannulus elatus
0%
Yellow-eared Bulbul Pycnonotus penicillatus
0%
Yellow-eared Honeyeater Lichmera flavicans
0%
Yellow-eared Spiderhunter Arachnothera chrysogenys
0%
Yellow-eyed Babbler Chrysomma sinense
0%
Yellow-eyed Black-Flycatcher Melaenornis ardesiacus
0%
Yellow-eyed Starling Aplonis mystacea
0%
Yellow-faced Grassquit Tiaris olivaceus
0%
Yellow-faced Honeyeater Caligavis chrysops
0%
Yellow-faced Myna Mino dumontii
0%
Yellow-faced Siskin Spinus yarrellii
0%
Yellow Flycatcher Erythrocercus holochlorus
0%
Yellow-footed Flycatcher Muscicapa sethsmithi
0%
Yellow-fronted Canary Crithagra mozambica
0%
Yellow-fronted White-eye Zosterops flavifrons
0%
Yellow-gaped Honeyeater Meliphaga flavirictus
0%
Yellow-green Brushfinch Atlapetes luteoviridis
0%
Yellow-green Chlorospingus Chlorospingus flavovirens
0%
Yellow-green Grosbeak Caryothraustes canadensis
0%
Yellow-green Tyrannulet Phylloscartes flavovirens
0%
Yellow-green Vireo Vireo flavoviridis
0%
Yellow Grosbeak Pheucticus chrysopeplus
0%
Yellowhammer Emberiza citrinella
0%
Yellow-headed Brushfinch Atlapetes flaviceps
0%
Yellow-headed Manakin Chloropipo flavicapilla
0%
Yellow-headed Warbler Teretistris fernandinae
0%
Yellow Honeyeater Stomiopera flava
0%
Yellow-hooded Blackbird Chrysomus icterocephalus
0%
Yellowish-bellied Bush Warbler Horornis acanthizoides
0%
Yellowish Bulbul Hypsipetes everetti
0%
Yellowish Flycatcher Empidonax flavescens
0%
Yellowish Pipit Anthus lutescens
0%
Yellowish White-eye Zosterops nigrorum
0%
Yellow-legged Flycatcher Microeca griseoceps
0%
Yellow-legged Thrush Turdus flavipes
0%
Yellow-legged Weaver Ploceus flavipes
0%
Yellow Longbill Macrosphenus flavicans
0%
Yellow-mantled Weaver Ploceus tricolor
0%
Yellow-mantled Widowbird Euplectes macroura
0%
Yellow-margined Flycatcher Tolmomyias assimilis
0%
Yellow-necked Greenbul Chlorocichla falkensteini
0%
Yellow-olive Flycatcher Tolmomyias sulphurescens
0%
Yellow Oriole Icterus nigrogularis
0%
Yellow Penduline-Tit Anthoscopus parvulus
0%
Yellow-plumed Honeyeater Ptilotula ornata
0%
Yellow-rumped Antwren Euchrepomis sharpei
0%
Yellow-rumped Cacique Cacicus cela
0%
Yellow-rumped Eremomela Eremomela gregalis
0%
Yellow-rumped Flowerpecker Prionochilus xanthopygius
0%
Yellow-rumped Flycatcher Ficedula zanthopygia
0%
Yellow-rumped Marshbird Pseudoleistes guirahuro
0%
Yellow-rumped Munia Lonchura flaviprymna
0%
Yellow-rumped Serin Crithagra xanthopygia
0%
Yellow-rumped Siskin Spinus uropygialis
0%
Yellow-rumped Thornbill Acanthiza chrysorrhoa
0%
Yellow-scarfed Tanager Iridosornis reinhardti
0%
Yellow-shouldered Blackbird Agelaius xanthomus
0%
Yellow-shouldered Grassquit Loxipasser anoxanthus
0%
Yellow-shouldered Grosbeak Parkerthraustes humeralis
0%
Yellow-sided Flowerpecker Dicaeum aureolimbatum
0%
Yellow-spectacled White-eye Zosterops wallacei
0%
Yellow-spotted Bush Sparrow Gymnoris pyrgita
0%
Yellow-spotted Honeyeater Meliphaga notata
0%
Yellow-streaked Greenbul Phyllastrephus flavostriatus
0%
Yellow-streaked Honeyeater Ptiloprora meekiana
0%
Yellow-streaked Warbler Phylloscopus armandii
0%
Yellow-striped Brushfinch Atlapetes citrinellus
0%
Yellow-tailed Oriole Icterus mesomelas
0%
Yellow-thighed Brushfinch Atlapetes tibialis
0%
Yellow Thornbill Acanthiza nana
0%
Yellow-throated Antwren Myrmotherula ambigua
0%
Yellow-throated Apalis Apalis flavigularis
0%
Yellow-throated Bulbul Pycnonotus xantholaemus
0%
Yellow-throated Bunting Emberiza elegans
0%
Yellow-throated Bush Sparrow Gymnoris superciliaris
0%
Yellow-throated Chlorospingus Chlorospingus flavigularis
0%
Yellow-throated Euphonia Euphonia hirundinacea
0%
Yellow-throated Flycatcher Conopias parvus
0%
Yellow-throated Fulvetta Schoeniparus cinereus
0%
Yellow-throated Greenbul Atimastillas flavicollis
0%
Yellow-throated Honeyeater Nesoptilotis flavicollis
0%
Yellow-throated Laughingthrush Ianthocincla galbana
0%
Yellow-throated Leafbird Chloropsis palawanensis
0%
Yellow-throated Longclaw Macronyx croceus
0%
Yellow-throated Miner Manorina flavigula
0%
Yellow-throated Mountain Greenbul Arizelocichla chlorigula
0%
Yellow-throated Nicator Nicator vireo
0%
Yellow-throated Scrubwren Sericornis citreogularis
0%
Yellow-throated Serin Crithagra flavigula
0%
Yellow-throated Spadebill Platyrinchus flavigularis
0%
Yellow-throated Sparrow Gymnoris xanthocollis
0%
Yellow-throated Tanager Iridosornis analis
0%
Yellow-throated Vireo Vireo flavifrons
0%
Yellow-throated Warbler Setophaga dominica
0%
Yellow-throated Whistler Pachycephala macrorhyncha
0%
Yellow-throated White-eye Zosterops metcalfii
0%
Yellow-throated Woodland-Warbler Phylloscopus ruficapilla
0%
Yellow-tinted Honeyeater Ptilotula flavescens
0%
Yellow-tufted Honeyeater Lichenostomus melanops
0%
Yellow-tufted Pipit Anthus crenatus
0%
Yellow Tyrannulet Capsiempis flaveola
0%
Yellow-vented Bulbul Pycnonotus goiavier
0%
Yellow-vented Eremomela Eremomela flavicrissalis
0%
Yellow-vented Flowerpecker Dicaeum chrysorrheum
0%
Yellow-vented Myzomela Myzomela eichhorni
0%
Yellow-vented Warbler Phylloscopus cantator
0%
Yellow Wattlebird Anthochaera paradoxa
0%
Yellow-wattled Bulbul Brachypodius urostictus
0%
Yellow-whiskered Greenbul Eurillas latirostris
0%
Yellow-winged Blackbird Agelasticus thilius
0%
Yellow-winged Cacique Cassiculus melanicterus
0%
Yellow-winged Tanager Thraupis abbas
0%
Yellow-winged Vireo Vireo carmioli
0%
Yemen Accentor Prunella fagani
0%
Yemen Linnet Linaria yemenensis
0%
Yemen Serin Crithagra menachensis
0%
Yemen Thrush Turdus menachensis
0%
Yemen Warbler Sylvia buryi
0%
Yucatan Flycatcher Myiarchus yucatanensis
0%
Yucatan Gnatcatcher Polioptila albiventris
0%
Yucatan Jay Cyanocorax yucatanicus
0%
Yucatan Vireo Vireo magister
0%
Yucatan Wren Campylorhynchus yucatanicus
0%
Yungas Manakin Chiroxiphia boliviana
0%
Yungas Tody-Tyrant Hemitriccus spodiops
0%
Yungas Tyrannulet Phyllomyias weedeni
0%
Yunnan Fulvetta Alcippe fratercula
0%
Yunnan Nuthatch Sitta yunnanensis
0%
Zamboanga Bulbul Hypsipetes rufigularis
0%
Zanzibar Boubou Laniarius sublacteus
0%
Zanzibar Red Bishop Euplectes nigroventris
0%
Zapata Sparrow Torreornis inexpectata
0%
Zapata Wren Ferminia cerverai
0%
Zappey's Flycatcher Cyanoptila cumatilis
0%
Zarudny's Sparrow Passer zarudnyi
0%
Zebra Finch Taeniopygia guttata
0%
Zebra Waxbill Sporaeginthus subflavus
0%
Zeledon's Antbird Hafferia zeledoni
0%
Zimmer's Antbird Sciaphylax castanea
0%
Zimmer's Tapaculo Scytalopus zimmeri
0%
Zimmer's Tody-Tyrant Hemitriccus minimus
0%
Zimmer's Woodcreeper Dendroplex kienerii
0%
Zitting Cisticola Cisticola juncidis
0%
No matching quizzes found
Score Distribution
Percent of People with Each Score
Percentile by Number Answered
Your Score History
You have not taken this quiz